Reality TV Rumble - Statistics

General Stats
  • This quiz has been taken 8 times
  • The average score is 1331 of 6097
Answer Stats
Hint Answer % Correct
EOTB 2; BGC 11 Janelle Shanks
86%
Bachelor 15 J Adams
71%
HK 5 J Maxwell
71%
AR 1 Ana Robar
57%
Worst Cooks 2 Anna Altomari
57%
Survivor 32 Anna Khait
57%
Endurance 5 Anna Nti Asare
57%
Bachelor 25 Anna redman
57%
MC 3 Anna Rossi
57%
Bachelor 16 Anna Snowball
57%
RW 32 Anna Stack
57%
Bachelor 13 Ann Lueders
57%
Worst Cooks 10 Ann Odogwu
57%
Worst Cooks 4 Big Mike Paul
57%
Survivor 19 Dave Ball
57%
AR 20 Dave Brown Jr.
57%
AR 4 Dave Cottingham
57%
Worst Cooks 19 Dave Coulier
57%
Survivor 15 Dave Cruser
57%
The Voice 15 Dave Fenley
57%
RR 12; Challenge 7 Dave Giuntoli
57%
AR 20 Dave Gregg
57%
AR 1 Dave Groark
57%
Survivor 6 Dave Johnson
57%
AR 2 Dave Lepeska
57%
MC 3 Dave Mack
57%
Challenge 16; RW 20 | RW 20; Challenge 16 Dave Malinosky
57%
AR 22, 25 Dave O'Leary
57%
AR 9 Dave Spiker
57%
Bachelorette 11 | Bachelorette 3 David
57%
BB 21, 22 David Alexander
57%
AR 8 David Alverson
57%
AI 7 David Archuleta
57%
PH 3 David Barta
57%
Temptation Island 2 David Benavidez
57%
THTH 1 David Birtwistle
57%
RW 9; Challenge 5 David Broom
57%
Challenge 3, 8, 11; RW 7 | RW 7; Challenge 3, 8, 11 David Burns
57%
CA 4 David Cassidy
57%
AR 10, 11 David Conley Jr.
57%
AI 7 David Cook
57%
AR 4 David Dean
57%
RW2; Challenge 6 David Edwards
57%
Worst Cooks 6 David Eric Rosenberg
57%
Worst Cooks 8 David Fouts
57%
AUS 6, 7 David Genat
57%
BB15 David Girton
57%
BP 1; Bachelorette 5 | Bachelorette 5; BP 1 David Good
57%
EOTB UK 5, 7 David Hawley
57%
AI 7 David Hernandez
57%
Bachelorette 8 David Homyk
57%
BB4 David Lane
57%
RR 14 David Leach
57%
BP 3 David Mallet
57%
MC 3 David Martinez
57%
EOTB UK 11; CBB UK 14 David McIntosh
57%
MC 1 David Miller
57%
Survivor 22 David Murphy
57%
American Grit 1 David Neville
57%
AUS 2 David Oldfield
57%
BIP 5; Bachelorette 14 | Bachelorette 14; BIP 5 David Ravitz
57%
Survivor 28 David Samson
57%
AYTO 6 David Shad
57%
Worst Cooks 3 David Shelton
57%
Worst Cooks 1 David Summey
57%
MC 7 David Williams
57%
Hunted 1 David Windecher
57%
Survivor 33, 38 David Wright
57%
AUS 3 El Rowland
57%
LI UK 1 Jess Hayes
57%
EOTB UK 2, 5; CBB UK 21 Jess Impiazzi
57%
HK 5 Ji-Hyun Cha
57%
LI UK 1 John Alberti
57%
Survivor 4 John Carrol
57%
Survivor 23, 26 John Cochran
57%
Survivor 27 John Cody
57%
Bachelorette 6 John Crivello
57%
RW 17; Challenge 13, 14, 16, 18, 20-22, 24-35; Worst Cooks 19 John Devenanzio
57%
AUS 6, 7 John Eastoe
57%
AR 22, 25 John Erck
57%
Survivor 19 John Fincher
57%
BIP 5; Bachelorette 14 | Bachelorette 14; BIP 5 John Graham
57%
Bachelorette 5 John Hardesty
57%
Survivor 37 John Hennigan
57%
Worst Cooks 9 John Henson
57%
The Voice 19 John Holiday
57%
AYTO 4 John Humphrey
57%
Endurance 4 John Kardian
57%
Survivor 9 John Keeney
57%
AR 9 John Lowe
57%
BBCAN 8 John Luke Kieper
57%
BB17 John McGuire
57%
AYTO 2 John Moustis
57%
Bachelorette 6 John Nicols
57%
Survivor 9 John Palyok
57%
BIP 6; Bachelorette 15 | Bachelorette 15; BIP 6 John Paul Jones
57%
Bachelorette 5 John Presser
57%
Survivor 5 John Raymond
57%
CA 4 John Rich
57%
Survivor 29 John Rocker
57%
EOTB UK 7 John Speed
57%
AI 3 John Stevens
57%
Temptation Island 1 John Thurmond
57%
Bachelorette 8 John Wolfner
57%
Bachelorette 4 Jon Konkel
57%
The Voice 13 Jon Mero
57%
Challenge 11; RW 3 | RW3; Challenge 11 Jo Rhodes
57%
AR 14, 18, 25 Luke Adams
57%
EOTB UK 2 Luke Goodfellow
57%
Bachelorette 4 Luke Hamilton
57%
Bachelorette 15 Luke Parker
57%
Bachelorette 12; BWG Luke Pell
57%
BIP 6; Bachelorette 15 | Bachelorette 15; BIP 6 Luke Stone
57%
AUS 4, 6 Luke Toki
57%
The Voice 7 Luke Wade
57%
Challenge 19 Luke Wolfe
57%
Karma 1 Luke Youssef
57%
Challenge 21; RW 25 | RW 25; Challenge 21 Michael Ross
57%
Survivor 2, 25 Michael Skupin
57%
Bachelorette 1 Mike
57%
Challenge 27 Mike Boise
57%
BB2, 7, 14 Mike Boogie Malin
57%
Survivor 19 Mike Borassi
57%
Bachelorette 10 Mike Campanelli
57%
AYTO 5 Mike Cerasani
57%
Survivor 22 Mike Chiesl
57%
AYTO 3; RW 32 | RW 32 Mike Crescenzo
57%
AR 26 Mike Dombrowski
57%
BB8 Mike Dutz
57%
RR 14 Mike Flatley
57%
Worst Cooks 5 Mike Glazer
57%
Survivor 30 Mike Halloway
57%
MC 3 Mike Hill
57%
The Voice 18 Mike Jerel
57%
BIP 6; Bachelorette 15 | Bachelorette 15; BIP 6 | RW4; Challenge 5 Mike Johnson
57%
Worst Cooks 18 Mike Jones-Better
57%
Worst Cooks 6 Mike Kennedy
57%
MC 1 Mike Kim
57%
Challenge 3, 5; RW 5 | RW 5; Challenge 3, 5 Mike Lambert
57%
Endurance 2 Mike Lavigne
57%
BB5 Mike Lubinski
57%
RW 23 Mike Manning
57%
RW 10; Challenge 5, 7-10 Mike Mizanin
57%
MC 8 Mike Newton
57%
Bachelorette 9 Mike R.
57%
Bachelorette 14 Mike Renner
57%
NZS 1 Mike Sparrow
57%
Bachelorette 5 Mike Steinberg
57%
LI UK 3 Mike Thalassitis
57%
Jersey Shore | Worst Cooks 9; Jersey Shore Mike "The Situation" Sorrentino
57%
Bachelorette 16 Mike Tobin
57%
AR 14, 18; Survivor 37 | Survivor 37; AR 14, 18 Mike White
57%
Survivor 16 Mikey B Bortone
57%
Survivor 35 Mike Zahalsky
57%
The Voice 5 Nic Hawk
57%
BIP 4; Bachelorette 12 | Bachelorette 12; BIP 4 Nick Benvenutti
57%
Challenge 17, 18; RW 20 | RW 20; Challenge 17, 18 | Survivor 2 Nick Brown
57%
AR 17 Nick DeCarlo
57%
MC 10 Nick DiGiovanni
57%
AI 14 Nick Fradiani
57%
The Voice 10 Nick Hagelin
57%
RR 13; Challenge 9 Nick Haggart
57%
The Four 1 Nick Harrison
57%
AUS 3, 7 Nick Iadanaza
57%
AR 8 Nick Linz
57%
BB 21 Nick Maccarone
57%
Survivor 32 Nick Maiorano
57%
Bachelorette 9 Nick Mucci
57%
Geordie Shore 17 Nick Murdoch
57%
MC 6 Nick Nappi
57%
BBCAN 4 Nick Paquette
57%
BIP 2; Bachelorette 7; BP 3 | BP 3; Bachelorette 7; BIP 2 | Bachelorette 7; BP 3; BIP 2 Nick Peterson
57%
Bachelorette 9 Nick Roy
57%
Bachelorette 12 Nick Sharp
57%
Worst Cooks 8 Nick Slater
57%
AR 13 Nick Spangler
57%
BIP 5; Bachelorette 14 | Bachelorette 14; BIP 5 Nick Spetsas
57%
Survivor 12 Nick Stanbury
57%
BB8 Nick Starcevic
57%
Bachelorette 10 Nick Sutter
57%
BB15 Nick Uhas
57%
BIP 3; Bachelorette 10, 11; Bachelor 21 | Bachelor 21; Bachelorette 10, 11; BIP 3 | Bachelorette 10, 11; Bachelor 21; BIP 3; DWTS 24 Nick Viall
57%
Survivor 37, 40 Nick Wilson
57%
AR 12 Nicolas Fulks
57%
Bachelorette 1 Rob
57%
Challenge 23, 24; RW 27 | RW 27; Challenge 23, 24 Robb Schreiber
57%
Survivor 5 Robb Zbacnik
57%
Survivor 6, 8 Rob Cesternino
57%
Bachelorette 7 Rob Dahm
57%
AR 10 Rob Diaz
57%
Survivor 4 Robert DeCanio
57%
AR 21 Rob French
57%
AR 1 Rob Frisbee
57%
Bachelorette 13 Rob Howard
57%
LI UK 3 Rob Lipsett
57%
AR 7, 11; Survivor 4, 8, 20, 22, 40 | Survivor 4, 8, 20, 22, 40; AR 7, 11 Rob Mariano
57%
HK 8 Rob McCue
57%
AR 21 Rob Scheer
57%
The Voice 8 Rob Taylor
57%
EOTB 2 Rob Tini
57%
AR 7 Rob Young
57%
BB14 Wil Heauser
57%
HK 5 Wil Kocol
57%
AR 2 Wil Steger
57%
Challenge 2, 6; RR 5 | RR 5; Challenge 2, 6 Anne Wharton
43%
Challenge 26, 28; RW 28 | RW 28; Challenge 26, 28 Averey Tressler
43%
MCJR 4 Avery Kyle
43%
MCJR 6 Avery Meadows
43%
The Voice 19 Bailey Rae
43%
BB20, 22; Challenge 35 | Challenge 35; BB 20 Bayleigh Dayton
43%
EOTB UK 9 Bayley Jenkins
43%
BB 21 Bella Wang
43%
Survivor 37 Bi Nguyen
43%
BIP 6; Bachelorette 15 | Bachelorette 15; BIP 6 Cam Ayala
43%
AYTO 4 Cam Bruckman
43%
Challenge 9, 11; RW 14 | RW 14: Challenge 9, 11 Cameran Eubanks
43%
EOTB 3; Boy Band Cameron Armstrong
43%
Worst Cooks 21 Cameron Bartlett
43%
AR 28 Cameron Benson
43%
Love Is Blind 1 Cameron Hamilton
43%
BB 19 Cameron Heard
43%
AYTO 4; EOTB 1 | EOTB 1; AYTO 4 Cameron Kolbo
43%
Glee Project 1 Cameron Mitchell
43%
Worst Cooks 15 Cameron Pennington
43%
EOTB 4; Temptation Island Cameron Sikes
43%
Endurance 5 Cameron Uranick
43%
AYTO 7 Cam Viney
43%
American Grit 1 Cam Zagami
43%
EOTB 1 Charles Davis
43%
AI 2 Charles Grigsby
43%
AR 8 Char Schroeder
43%
BIP 4, 5; Bachelor 21 | Bachelor 21; BIP 4, 5 Christen Whitney
43%
EOTB UK 5; Geordie Shore 17 | Geordie Shore 17; EOTB 5 Chrysten Zenoni
43%
Survivor 12 Dan Barry
43%
MC 6 Dan Collado
43%
EOTB UK 1 Dan Conn
43%
BIP 2; Bachelorette 9 | Bachelorette 9; BIP 2 Dan Cox
43%
Survivor 30 Dan Foley
43%
BB10, 14 Dan Gheesling
43%
AR 13 Dan Honig
43%
Bachelorette 11 Daniel Finney
43%
AR 21 Daniel Gale
43%
AR 30 Daniel Guiffreda
43%
Survivor 6 Daniel Lue
43%
LI UK 2 Daniel Lukakis
43%
BIP 3; Bachelorette 12 | BIP 4; Bachelorette 12 | Bachelorette 12; BIP 3, 4; BIP AUS 1, 2; EOTB 4 | EOTB 4; Bachelorette 12; BIP 3, 4; BIP AUS 1, 2 Daniel Maguire
43%
Worst Cooks 10 Daniel Mar
43%
MC 5 Daniel McGuffey
43%
AR 22 Daniel Moss
43%
The Voice 10 Daniel Passino
43%
MC 8 Daniel Pontes-Macedo
43%
AI 14 Daniel Seavey
43%
Geordie Shore 4-5, BB Daniel Thomas-Tuck
43%
AYTO 7 Daniel Vilk
43%
The Voice 6 Dani Moz
43%
Glee Project 2 Dani Shay
43%
AR 9 Dani Torchio
43%
Survivor 17 Dan Kay
43%
Survivor 21 Dan Lembo
43%
AR 15 Dan McMillen
43%
MC 7 Dan Paustian
43%
AR 16 Dan Pious
43%
Survivor 37 Dan Rengering
43%
Challenge 4, 6, 10; RW 5 | RW 5; Challenge 4, 6, 10 Dan Renzi
43%
Challenge 3, 5, 6; RR 5 Dan Seltzer
43%
RR 5; Challenge 3, 5, 9 Dan Setzler
43%
Survivor 39 Dan Spilo
43%
Challenge 16, 20; RR 14 | RR 14; Challenge 16, 20 Dan Walsh
43%
Survivor 38 Dan "Wardog" DaSilva
43%
MC 5 Dan Wu
43%
The Voice 1 Dia Frampton
43%
The Voice 14 DR King
43%
Karma 1 Eli Naidas
43%
Survivor 2 Elisabeth Hasselbeck
43%
MCJR 5 Elisabeth Wingo
43%
Bachelor 3 Elizabeth
43%
Survivor 39 Elizabeth Beisel
43%
HK 9 Elizabeth Bianchi
43%
MC 5 Elizabeth Cauvel
43%
BP 1; Bachelor 14 | Bachelor 14; BP 1 Elizabeth Kitt
43%
Bachelor 14 Elizabeth Kreft
43%
Survivor 37 Elizabeth Olson
43%
Bachelor 21 Elizabeth Whitelaw
43%
AR 31; Survivor 9, 16 | Survivor 9, 16; AR 31 Eliza Orlins
43%
Challenge 20, 25; RW 22 | RW 22; Challenge 20, 25 Emilee Fitzpatrick
43%
Hunted 1 Emiley Cox
43%
Bachelorette 10 Emil Schaffroth
43%
Bachelor 13 Emily
43%
The Voice 9 Emily Ann Roberts
43%
EOTB 3 Emily Arreseigor
43%
Challenge 4, 5, 6; RR 2 | RR 2; Challenge 3, 5, 6 Emily Bailey
43%
MCJR 6 Emily Chavez
43%
EOTB UK 2 Emily Colley
43%
BIP 3, 4; Bachelor 20 | Bachelor 20; BIP 3, 4 Emily Ferguson
43%
EOTB UK 1 Emily Gillard
43%
MC 9 Emily Hallock
43%
Bachelor 14 Emily Harkins
43%
BBCAN 5 Emily Hawkin
43%
AR 1 Emily Hoyt
43%
EOTB UK 8 Emily Jane Wise
43%
The Voice 10 Emily Keener
43%
HK 8 Emily Kutchins
43%
The Voice 13 Emily Luther
43%
Bachelor 15; Bachelorette 8 | Bachelorette 8; Bachelor 15 Emily Maynard
43%
Bachelor 16 Emily O'Brien
43%
AI 13 Emily Piriz
43%
Challenge 27 Emily Reese
43%
Challenge 20, 22, 24; RW 23 | RW 23; Challenge 20, 22, 24 Emily Schromm
43%
Glee Project 1 Emily Vasquez
43%
American Grit 2 Gill Morton
43%
The Voice 12 Hanna Eyre
43%
Bachelor 23; Bachelorette 15; DWTS 28 | Bachelorette 15; Bachelor 23; DWTS 28 Hannah Brown
43%
LI UK 1 Hannah Elizabeth
43%
AYTO 5 Hannah Fugazzi
43%
BIP 6; Bachelor 23 | Bachelor 23; BIP 6 Hannah Godwin
43%
NZS 1 Hannah Gough
43%
Endurance 6 Hannah Gross
43%
The Voice 10 Hannah Huston
43%
The Voice 8 Hannah Kirby
43%
American Grit 2 Hannah Koen
43%
Glee Project 1 Hannah McIalwain
43%
The Voice 13 Hannah Mrozak
43%
AUS 6 Hannah Pentreath
43%
AYTO 3 Hannah Rathbun
43%
Survivor 33 Hannah Shapiro
43%
AUS 6, 7 Harry Hills
43%
THTH 1 Harry Jowsey
43%
AR 25 Isabelle Du
43%
The Voice 12 Jack Cassidy
43%
EOTB UK 6, 9 Jack Devlin
43%
EOTB UK 6 Jack Fraser
43%
Bachelorette 1 Jack French
43%
MCJR 1 Jack Hoffman
43%
MCJR 3 Jack Lembeck
43%
EOTB UK 1 Jack Lomax
43%
Bachelor LTYH Jack Mason
43%
BB 21 Jack Matthews
43%
Survivor 39 Jack Nichting
43%
BB4 Jack Owens
43%
Karma 1 Jack Silver
43%
BIP 4; Bachelorette 13 | Bachelorette 13; BIP 4 Jack Stone
43%
The Voice 6 Jake Barker
43%
Survivor 5 Jake Billingsly
43%
RR 4; Challenge 6 Jake Bronstein
43%
Bachelorette 14 Jake Enyeart
43%
MC 1 Jake Gandolfo
43%
The Voice 17 Jake HaldenVang
43%
The Voice 17 Jake Hoot
43%
Worst Cooks 10 Jake Michaels
43%
Bachelorette 12 Jake Patton
43%
BP 2; Bachelor 14; Bachelorette 5 | Bachelor 14; Bachelorette 5 BP 2; DWTS 10 | Bachelorette 5; Bachelor 14; BP 2; DWTS 10 Jake Pavelka
43%
The Voice 6 Jake Worthington
43%
EOTB 4 Jakk Maddox
43%
NZS 1 Jak Thomas
43%
AR 10 James Branaman
43%
Bachelorette 9 James Case
43%
Survivor 9 James "Chad" Crittenden
43%
Survivor 15, 16, 20 James Clement
43%
The Voice 7 James David Carter
43%
AR 21 James Davis
43%
AI 10 James Durbin
43%
AR 27 James Earl Corley
43%
Bachelorette 12 James Fuertes
43%
The Four 2 James Graham
43%
BB17 James Huling
43%
LI UK 2 James Khan
43%
Survivor 36 James Lim
43%
AR 21 James LoMenzo
43%
CBB 1 James Maslow
43%
The Voice 2 James Massone
43%
Survivor 10 James Miller
43%
EOTB UK 4 James Moore
43%
MC 4 James Nelson
43%
Challenge 4, 6; RR 9 | RR 9; Challenge 4, 6 James Orlando
43%
BB6, 7 James Rhine
43%
Bachelorette 12 James Spadafore
43%
Bachelorette 12 James Taylor
43%
Geordie Shore 1-10, BB, 20-22 James Tindale
43%
AR 32 James Wallington
43%
The Voice 5 James Wolpert
43%
BB9 James Zinkand
43%
AI 14 Jax
43%
AR 21 Jaymes Vaughan
43%
BB9 Jen Diturno
43%
HK 4, 18 Jen Gavin
43%
AR 14, 18 Jen Hoffman
43%
AR 30 Jen Hudak
43%
BB8 Jen Johnson
43%
Worst Cooks 2 Jen MacLean
43%
Bachelor 4 Jenn
43%
BB14 Jenn Arroyo
43%
Survivor 30 Jenn Brown
43%
Challenge 14, 16, 17, 19-21; RW 18 | RW 18; Challenge 14, 16, 17, 19-21 Jenn Grijalva
43%
AR 29; Challenge 35 | Challenge 35; AR 29 Jenn Lee
43%
Survivor 10 Jenn Lyon
43%
AR 12 Jen Parker
43%
Bachelor 3; Bachelorette 3 | Bachelorette 3; Bachelor 3 Jen Schefft
43%
Worst Cooks 1 Jen Vecchio
43%
HK 3 Jen Yemola
43%
BP 1; Bachelorette 6 | Bachelorette 6; BP 1 Jesse Beck
43%
The Voice 2 Jesse Campbell
43%
Bachelorette 4 Jesse Csincsak
43%
MCJR 4 Jesse Gunn
43%
CA 2 Jesse James
43%
BIP 1; Bachelorette 5; BP 1 | BP 1; Bachelorette 5; BIP 1 | Bachelorette 5; BP 1; BIP 1 Jesse Kovacs
43%
The Four 2 Jesse Kramer
43%
BBCAN 6 | The Voice 12 Jesse Larson
43%
Bachelor 5 Jesse Palmer
43%
MC 6 Jesse Romero
43%
Challenge 12 Jesse Stark
43%
AYTO 2 Jessica Andreatta
43%
Love Is Blind 1 Jessica Batten
43%
Bachelor 5 Jessica Bowlin
43%
HK 1 Jessica Cabo
43%
Bachelor 22 Jessica Carroll
43%
Survivor 14 Jessica DeBen
43%
Bachelor 10 Jessica Devallo
43%
AR 22, 25 Jessica Erck
43%
Survivor 33 Jessica "Figgy" Figueroa
43%
Survivor 13 Jessica "Flicka" Smitch
43%
AR 30; BB 19 | BB 19, AR 30 Jessica Graf
43%
Bachelor 5 Jessica Holcomb
43%
Bachelor 9 Jessica Horner
43%
BB8 Jessica Hughbanks
43%
Survivor 35 Jessica Johnston
43%
Bachelor 11 Jessica Kiss
43%
Bachelor 5 Jessica Kyron
43%
Survivor 33 Jessica Lewis
43%
Challenge 24-26, 28; RW 28 | RW 28; Challenge 24-26, 28 Jessica McCain
43%
AI 13 Jessica Meuse
43%
BB 21 Jessica Milagros
43%
Bachelor 20 Jessica Moser
43%
Worst Cooks 14 Jessica Paulson
43%
Survivor 37 Jessica Peet
43%
AYTO 1 Jessica Perez
43%
AI 11 Jessica Sanchez
43%
LI UK 3 Jessica Shears
43%
AI 4 Jessica Sierra
43%
MCJR 2 Jessica Stephens
43%
AR 15 Jessica Stout
43%
AR 28 Jessica VerSteeg
43%
The Voice 7 Jessie Pitts
43%
AR 29 Jessie Shields
43%
BP 1; Bachelor 14 Jessie Suldis
43%
Bachelor 14; BP 1 Jessie Sulidis
43%
Bachelor 1 Jill
43%
AR 3, 11 Jill Aquilino
43%
Survivor 21 Jill Behm
43%
AR 17 Jill Haney
43%
Bachelor 15 Jill Ruskowksi
43%
Challenge 12 Johnnie McBride
43%
Worst Cooks 19; RW 17; Challenge 13, 14, 16, 18, 20-22, 24-35 Johnny Bananas
43%
Challenge 13, 14, 16, 18, 20-22, 24-35; RW 16 Johnny "Bananas" Devenanzio
43%
The Voice 14 Johnny Bliss
43%
BBCAN 3 Johnny Colatruglio
43%
CA 7 Johnny Damon
43%
The Voice 12 Johnny Gates
43%
The Voice 12 Johnny Hayes
43%
BBCAN 6 Johnny Mulder
43%
Challenge 25, 26, 28; RW 28 | RW 28; Challenge 25, 26, 28 Johnny Reilly
43%
Challenge 1, 5, 10; RW 2 | RW2; Challenge 1, 6, 10 Jon Brennan
43%
AR 6 Jon Buehler
43%
LI UK 1 Jon Clark
43%
AR 4 Jon Corso
43%
Endurance 1 Jon Crocilla
43%
Bachelorette 7 Jon Ellsworth
43%
RR 5 Jon Holmes
43%
Survivor 7, 16 Jon "Jonny Fairplay" Dalton
43%
CA 8 Jon Lovitz
43%
Survivor 29 Jon Misch
43%
MC 4 Jonny Blanchard
43%
The Voice 5 Jonny Gray
43%
LI UK 3; CBB UK 21 Jonny Mitchell
43%
AI 18 Jonny West
43%
BBCAN 2 Jon Pardy
43%
AI 3 Jon Peter Lewis
43%
AR 4 Jon Weiss
43%
The Voice 15 Kameron Marlowe
43%
AYTO 5 | Challenge 31-34, 36; AYTO 5 Kam Williams
43%
AI 8 Kris Allen
43%
AR 14, 18 Kris Klicka
43%
AR 6 Kris Perkins
43%
Bachelor 3 Kristen
43%
BB12 Kristen Bitting
43%
The Voice 6 Kristen Merlin
43%
AI 13 Kristen O'Connor
43%
Temptation Island 3 Kristen Ramos
43%
Worst Cooks 6 Kristen Redmond
43%
RR 14 Kristen White
43%
The Voice 4 Kris Thomas
43%
Bachelor 4 Kristi
43%
AR 30 Kristi Leskinen
43%
Bachelor 5 Kristin Clearwater
43%
Bachelor 12 Kristine Heffelfinder
43%
Endurance 5 Kristine Turner
43%
Bachelor 25 Kristin Hopkins
43%
HK 5 LA Limtiaco
43%
Survivor 26 Laura Alexander
43%
AR 31; Survivor 27 | Survivor 27, AR 31 Laura Boneham
43%
AUS 6 Laura Choong
43%
BB11 Laura Crosby
43%
Worst Cooks 10 Laura Docker
43%
Bachelor 20 Laura Esselman
43%
EOTB UK 8 Laura Louise
43%
Worst Cooks 21 Laura Marie Moore
43%
Survivor 19, 27 Laura Morett
43%
Bachelor 9 Laura Morgan
43%
Bachelor 23 Laura Pellerito
43%
AR 26 Laura Pierson
43%
BBCAN 7 Laura Roberts
43%
EOTB UK 3 Laura Summers
43%
Challenge 23; RW 27 | RW 27; Challenge 23 Laura Waller
43%
Bachelor 4 Lauren
43%
AI 10 Lauren Alaina
43%
Survivor 39 Lauren Beck
43%
AR 8 Lauren Bransen
43%
Bachelor 22 Lauren Burnham
43%
Bachelor 20 Lauren Bushnell
43%
Endurance 6 Lauren Dixon
43%
The Voice 12 Lauren Duski
43%
Bachelor 22 Lauren Griffin
43%
Bachelor 18 Lauren Higginson
43%
BIP 3; Bachelor 20 | Bachelor 20; BIP 3 Lauren Himle
43%
Bachelor 21 Lauren Hussey
43%
BIP 2 Lauren Iaconetti
43%
Bachelor 22 Lauren Jarreau
43%
Bachelor 24 Lauren Jones
43%
Bachelor 25 Lauren Maddox
43%
Bachelor 17 Lauren Marchetti
43%
AR 10 Lauren Marcoccio
43%
Bachelor 15 Lauren Moore
43%
Survivor 38 Lauren O'Connell
43%
RW 29 Lauren Ondersma
43%
LI UK 1 Lauren Richardson
43%
Survivor 35 Lauren Rimmer
43%
AYTO 7 Lauren Roush
43%
Bachelor 22 Lauren Schleyer
43%
Bachelor 18 Lauren Solomon
43%
Love Is Blind 1 Lauren Speed
43%
Bachelor 13 Lauren Wanger
43%
LI UK 2 Lauren Whiteside
43%
CA 4, 6 Lil Jon
43%
Bachelor 9 Lisa Blank
43%
EOTB 3 Lisa Coffey
43%
BB3 Lisa Donahue
43%
Bachelor 1 Lisa Gold
43%
Bachelor 13 Lisa Gonzalez
43%
AR 9 Lisa Hinds
43%
Survivor 9 Lisa Keiffer
43%
HK 8 Lisa LaFranca
43%
CA 5 Lisa Lampanelli
43%
CA 8 Lisa Leslie
43%
Bachelor 15 Lisa Morrisey
43%
AR 15 Lisa Paskel
43%
Bachelor 15 Lisa Pastrich
43%
The Voice 16 Lisa Ramey
43%
CA 4, 6 Lisa Rinna
43%
AR 25 Lisa Thomson
43%
AR 19 Lisa Tilley
43%
American Grit 1 Lisa Traugott
43%
AI 5 Lisa Tucker
43%
Survivor 25 Lisa Whelchel
43%
Bachelor 3 Liz
43%
AR 19 Liz Canavan
43%
The Voice 3 Liz Davis
43%
AR 29 Liz Espey
43%
Survivor 19 Liz Kim
43%
MC 10 Liz Linn
43%
Survivor 32 Liz Markhan
43%
BB17; Challenge 33 | Challenge 33; BB 17 Liz Nolan
43%
Bachelor 21 Liz Sandoz
43%
The Voice 3 Loren Allred
43%
EOTB UK 2 Loren Green
43%
MC 4 Luca Manfe
43%
American Grit 1 Marc Lobliner
43%
Bachelorette 3 Mark
43%
American Grit 1 Mark Bouquin
43%
BBCAN 5 Mark Chrysler
43%
MCJR 5 Mark Coblentz
43%
Love Is Blind 1 Mark Cuevas
43%
BBCAN 7 Mark Drelich
43%
The Voice 9 Mark Hood
43%
Bachelorette 5 Mark Huebner
43%
MC 9 Mark Ingraham
43%
The Voice 12 Mark Isaiah
43%
AR 20, 25 Mark Jackson
43%
BB 19, EOTB 3 | EOTB 3; BB19 Mark Jansen
43%
Challenge 2, 6, 9, 11, 17, 22, All Stars 1; RR 1 | Challenge All Stars | RR 1; Challenge 1, 6, 9, 11, 17, 22 Mark Long
43%
CA 4 | CBB 1; CA 4 Mark McGrath
43%
AR 14 Mark Munoz
43%
Survivor 23 Mark "Papa Bear" Caruso
43%
MC 2 Mark Raffaeli
43%
AR 8 Mark Schroeder
43%
AUS 4, 7 Mark "Tarzan" Herlaar
43%
MC 8 Mark Togni
43%
AUS 4 Mark Wales
43%
AR 13 Mark Yturralde
43%
Bachelor 1 Melissa
43%
Tough As Nails 1 Melissa Burns
43%
Bachelor 11 Melissa Buschel
43%
HK 8 Melissa Doney
43%
HK 3 Melissa Firpo
43%
RW 9; Challenge 6 Melissa Howard
43%
The Voice 6 Melissa Jimenez
43%
AI 5 Melissa McGhee
43%
RW 5 Melissa Padron
43%
Worst Cooks 11 Melissa Peterman
43%
Challenge 31, 32, 35; EOTBUK 2, 5 | EOTB UK 2, 5; Challenge 31, 32, 35 Melissa Reeves
43%
Worst Cooks 3 Melissa Rhodes
43%
CA 2 Melissa Rivers
43%
Bachelor 13; DWTS 8 Melissa Rycroft
43%
BP 2; Bachelor 15 | Bachelor 15; BP 2 Melissa Schreiber
43%
AR 14, 18 Mel White
43%
CA 5 Michael Andretti
43%
Bachelorette 13 Michael Black
43%
Bachelorette 7 Michael Burns
43%
MC 3 Michael Chen
43%
BB5 Michael "Cowboy" Ellis
43%
Endurance 4 Michael Delvecchio
43%
BB6 Michael Donnellan
43%
Bachelorette 3 Michael Foster
43%
BIP 2; Bachelorette 9; BWG | Bachelorette 9; BIP 2; BWG Michael Garofola
43%
EOTB UK 11; LI UK 5 Michael Griffiths
43%
AYTO 5 Michael Halpern
43%
Worst Cooks 4 Michael Haydin
43%
AR 3 Michael Ilacqua
43%
Survivor 24 Michael Jefferson
43%
AI 7 Michael Johns
43%
AYTO 6 | CA 3 Michael Johnson
43%
AI 16 Michael J. Woodard
43%
The Voice 15 Michael Lee
43%
AI 9 Michael Lynche
43%
AR 14 Michael Munoz
43%
Bachelorette 8 Michael Nance
43%
AR 16 Michael Naylor
43%
AR 29 Michael Rado
43%
AI 8 Michael Sarver
43%
MC 10 Michael Silverstein
43%
Survivor 26 Michael Snow
43%
BP 2, 3; Bachelorette 5 | Bachelorette 5; BP 2, 3 Michael Stagliano
43%
BBCAN 8 Michael Stubley
43%
Bachelor LTYH Michael Todd
43%
AR 25 Michael Ward
43%
Glee Project 2 Michael Weisman
43%
The Voice 18 Michael Williams
43%
American Grit 2 Michael Wilson Morgan
43%
HK 1 Michael Wray
43%
AR 17 Michael Wu
43%
Survivor 36 Michael Yerger
43%
Hunted 1 Michele Domenick
43%
Survivor 32, 40 Michele Fitzgerald
43%
Bachelor 11 Michele Leavy
43%
BB11 Michele Noonan
43%
Bachelor 12 Michele Romero
43%
The Voice 4 Michelle Chamuel
43%
Survivor 17 Michelle Chase
43%
BB10 Michelle Costa
43%
Bachelor 19 Michelle Davis
43%
AUS 4, 7 Michelle Dougan
43%
Endurance 2 Michelle Durand
43%
AR 9 Michelle Garner
43%
AR 8 Michelle Godlewski
43%
Tough As Nails 1 Michelle Kiddy
43%
BP 1; Bachelor 14; BIP 1 | Bachelor 14; BP 1; BIP 1 Michelle Kujawa
43%
BIP 1; Bachelor 14; BP 1 Michelle Kyjawa
43%
BB4 Michelle Maradie
43%
BB 18 Michelle Meyer
43%
BIP 1; Bachelor 15; BP 2 | BP 2; Bachelor 15; BIP 1 | Bachelor 15; BP 2; BIP 1 Michelle Money
43%
AR 32 Michelle Newland
43%
Challenge 4; RR 3 | RR 3; Challenge 4 Michelle Parma
43%
Bachelor 12 Michelle Procopio
43%
Bachelor 21 Michelle Ramkissoon
43%
Survivor 33 Michelle Schubert
43%
AI 16 Michelle Sussett
43%
Survivor 7 Michelle Tesauro
43%
AR 25 Michelle Thomson
43%
Survivor 14 Michelle Yi
43%
Bachelor 25 Michelle Young
43%
EOTB UK 11 Miles Nazaire
43%
Hunted 1 Miles Svoboda
43%
BBCAN 4 Mitch Moffit
43%
Challenge 27 Mitch Reid
43%
Tough As Nails 1 Myles Polk
43%
AR 17 Nat Strand
43%
Bachelor 1 | Bachelor 3 Rachel
43%
Survivor 33 Rachel Ako
43%
RW 10; Challenge 7 Rachel Braband
43%
AR 20 Rachel Brown
43%
Challenge 1; RW 3 | RW3; Challenge 1 Rachel Campos
43%
LI UK 1 Rachel Christie
43%
Bachelor 5 Rachel Clementi
43%
Worst Cooks 1 Rachel Coleman
43%
LI UK 2 Rachel Fenton
43%
Survivor 27 Rachel Foulger
43%
AR 17 Rachel Johnston
43%
AR 28 Rachel King
43%
Bachelor 25 Rachel Kirkconnell
43%
Bachelor 21; Bachelorette 13, BWG | Bachelorette 13; Bachelor 21; BWG Rachel Lindsay
43%
Endurance 3 Rachel Lofton
43%
Worst Cooks 3 Rachel Margolin
43%
Challenge 14, 15; RW 16 | RW 16; Challenge 14, 15 Rachel Moyal
43%
BB6 Rachel Plencner
43%
AR 20, 25, 31; BB 12, 13 | BB12, 13; AR 20, 24, 31 Rachel Reilly
43%
RR 11; Challenge 6, 7, 9, 10, 16, 17, 22 Rachel Robinson
43%
AR 12 Rachel Rosales
43%
BB20 Rachel Swindler
43%
Bachelor 20 Rachel Tchen
43%
Worst Cooks 8 Rachel Thomas
43%
BP 3; Bachelor 16 | Bachelor 16; BP 3 Rachel Truehart
43%
AR 8 Rachel Weaver
43%
Bachelor 15 Raichel Goodyear
43%
CA 4 | Survivor 1, 8; CA 4; BL 17 Richard Hatch
43%
Bachelorette 2 Robert
43%
Bachelorette 4 Robert Fair
43%
BIP 1; Bachelorette 9 | Bachelorette 9; BIP 1 Robert Graham
43%
HK 5, 6 Robert Hesse
43%
BB4 Robert Roman
43%
Geordie Shore 14 Sam Bentham
43%
EOTB 4; LIUK 4 Sam Bird
43%
BB20 Sam Bledsoe
43%
MCJR 5 Sam Brock
43%
AI 18 Sam Diaz
43%
EOTB UK 9 Sam Ellerington
43%
AUS 4 Sam Gash
43%
Geordie Shore 16-20 | LI UK 3 Sam Gowland
43%
MC 10 Sam Haaz
43%
AYTO 4 Sam Handler
43%
MCJR 2 Sam Karpinski
43%
EOTB UK 8 Sam Lonsdale
43%
Challenge 23; RW 26 | RW 26; Challenge 23 Sam McGinn
43%
AR 15 Sam McMillen
43%
EOTB UK 7 Sam Reece
43%
MC 8 Sam Reiff-Pasarew
43%
AUS 6 Sam Schoers
43%
EOTB UK 7 Sam Scott
43%
BB 21 Sam Smith
43%
EOTB UK 6 Sam Stoddart
43%
MCJR 4 Sam Sy
43%
AUS 3 Sam Webb
43%
AI 13 Sam Woolf
43%
EOTB 2 Sha Carrell
43%
CA 1, 6 Stephen Baldwin
43%
Challenge 33-35; SW; EOTBUK 3, 5; CBBUK 18 | EOTB UK 3, 5; CBB 18; Challenge 33-35 Stephen Bear
43%
Challenge 27 Stephen Buell
43%
EOTB UK 3 Stephen Cochrane
43%
Bachelorette 7 Stephen D'Amico
43%
Survivor 18, 31 Stephen Fishbach
43%
Worst Cooks 10 Stephen Hawkins
43%
Hunted 1 Stephen King
43%
MC 6 Stephen Lee
43%
AYTO 4 Stephen McHugh
43%
Bachelorette 5 Stephen Reich
43%
RW 7; Challenge 5 Stephen Williams
43%
AUS 6 Steven Bradbury
43%
Worst Cooks 12 Steven Crowley
43%
BB10 Steven Daigle
43%
RW 12; Challenge 9 Steven Hill
43%
HK 9 Steven Paluba
43%
Bachelorette 10 Steven Woolworth
43%
Survivor 17, 20 Sugar Kiper
43%
Challenge 26-28; RW 29 | RW 29; Challenge 26-28 Thomas Buell
43%
Temptation Island 3 Thomas Gipson
43%
MCJR 7 Thomas Reyna
43%
Bachelorette 15 Thomas Staton
43%
AR 17 Thomas Wolfard
43%
AYTO 7 Tomas Buenos
43%
Survivor 3, 8 Tom Buchanan
43%
CA 2 | CBB 2; CA 2 Tom Green
43%
Survivor 39 Tom Laidlaw
43%
EOTB UK 8 Tom Litten
43%
Endurance 3 Tom Maden
43%
NZS 1 Tom Paterson
43%
BBCAN 1 Tom Plant
43%
LI UK 2 Tom Powell
43%
AR 10 Tom Rock
43%
Survivor 10, 20 Tom Westman
43%
Bachelorette 6 Ty Brown
43%
AYTO 2 Tyler Abron
43%
AR 26 Tyler Adams
43%
EOTB 4 Tyler Ash
43%
PH 3 Tyler Berta
43%
Endurance 2 Tyler Burkhalter
43%
Bachelorette 15 Tyler Cameron
43%
AYTO 6 Tyler Colon
43%
Bachelorette 16 Tyler Cottrill
43%
BB20, 22 Tyler Crispen
43%
AR 10 Tyler Denk
43%
Challenge 13, 15, 20, 21; RW 17 | RW 17; Challenge 13, 15, 20, 21 Tyler Duckworth
43%
Glee Project 2 Tyler Ford
43%
Survivor 30 Tyler Fredrickson
43%
EOTB 3 Tyler Garrigus
43%
Bachelorette 15 Tyler Gwozdz
43%
AYTO 3 Tyler Johnson
43%
AR 9 Tyler Macniven
43%
Bachelorette 6 Tyler Morrow
43%
AYTO 4 Tyler Norman
43%
AR 28; 31 Tyler Oakley
43%
AYTO 5 Tyler O'Brien
43%
AYTO 2 Tyler Pratt
43%
Bachelorette 16 Tyler Smith
43%
Bachelorette 6 Tyler Vermette
43%
MC 5 Tyler Viars
43%
Worst Cooks 2 Ty Miller
43%
Challenge 20-22, 24; RW 23 | RW 23; Challenge 20-22, 24 Ty Ruff
43%
Worst Cooks 8 Ty Snow
43%
AR 13 Ty White
43%
RR 4 Vince Forcier
43%
Challenge 27, 28 Vince Gliatta
43%
Survivor 39 Vince Moua
43%
CA 8 Vince Neil
43%
Survivor 30 Vince Sly
43%
Bachelorette 2 Aaron
29%
RW2 Aaron Behle
29%
Bachelor 2 Aaron Buerge
29%
EOTB UK 6; Geordie Shore 8-16 | Geordie Shore 8-16; EOTB UK 6 Aaron Chalmers
29%
AR 6 Aaron Crumbaugh
29%
The Voice 11 Aaron Gibson
29%
EOTB UK 9 Aaron Gill
29%
AR 3 Aaron Goldschmidt
29%
AI 9 Aaron Kelly
29%
Bachelorette 8 Aaron Martell
29%
EOTB UK 8 Aaron McLeod
29%
Survivor 39 Aaron Meredith
29%
Survivor 15 Aaron Reisberger
29%
MCJR 7 Aaron Smith
29%
HK 3 Aaron Song
29%
Karma 1 Aaron Thomas Raye
29%
Endurance 1 Aaron Thornburg
29%
AUS 6, 7 Abbey Holmes
29%
AR 21 Abbie Ginsberg Nabel
29%
Geordie Shore 14-18, 20-22 Abbie Holborn
29%
The Voice 15 Abby Cates
29%
The Voice 16 Abby Kasch
29%
MCJR 2 Abby Major
29%
Bachelor 25 Abigail Heringer
29%
Survivor 25, 31 Abi Maria Gomes
29%
CA 5 Adam Carolla
29%
Worst Cooks 10 Adam Cooke
29%
The Voice 13 Adam Cunningham
29%
AR 27 Adam Dingeman
29%
AR 25 Adam Dirks
29%
Bachelorette 5 Adam Duvendeck
29%
EOTB UK 2 Adam Gabriel
29%
Survivor 13 Adam Gentry
29%
BIP 4; Bachelorette 12 | Bachelorette 13; BIP 4 Adam Gottschalk
29%
Geordie Shore 17-20 Adam Guthrie
29%
BB9 Adam Jasinki
29%
LI UK 2 Adam Jukes
29%
Challenge 9, 11, 15, 17, 18, 21 | RW 13; Challenge 9, 11, 15, 17, 18, 21 Adam King
29%
Survivor 33, 40 Adam Klein
29%
AYTO 1; Challenge 26 Adam Kuhm
29%
Challenge 26; AYTO 1 Adam Kuhn
29%
AI 8 Adam Lambert
29%
Challenge 5, 7, 11; RR 10 | RR 10, 14; Challenge 5, 7, 11 Adam Larson
29%
AR 6 Adam Malis
29%
LI UK 2 Adam Maxted
29%
EOTB UK 6 Adam Oukhellou
29%
AUS 4 Adam Parkin
29%
The Voice 13 Adam Pearce
29%
BBCAN 7 Adam Pike
29%
BB13 Adam Poch
29%
MCJR 4 Adam Queens
29%
Challenge 21; RW 25 | RW 25; Challenge 21 Adam Royer
29%
AR 23 Adam Switzer
29%
MCJR 5 Adam Wadhwani
29%
The Voice 10 Adam Wakefield
29%
MC 8 Adam Wong
29%
AI 16 Ada Vox
29%
BB5 Adria Klein
29%
Floribama Shore Aimee Hall
29%
EOTB UK 5 Aimee Kimber
29%
AUS 4 Aimee Stanton
29%
Survivor 35 Alan Ball
29%
Challenge 33 Alan Valdez
29%
Survivor 32 Alecia Holden
29%
MC 9 Alecia Winters
29%
Bachelor 1 Alexa
29%
The Voice 14 Alexa Cappelli
29%
Bachelor 24 Alexa Caves
29%
AR 7 Alex Ali
29%
MCJR 4 Alexander Cochran
29%
MCJR 1 Alexander Weiss
29%
AYTO 2 Alexandria Kim
29%
Survivor 14 Alex Angarita
29%
LI UK 3 Alex Beattie
29%
Survivor 6 Alex Bell
29%
Bachelor 23 Alex Blumberg
29%
Bachelorette 13; BIP AUS 2 Alex Bordyukov
29%
LI UK 2 Alex Bowen
29%
AR 2 Alex Boylan
29%
Endurance 5 Alex Carignan
29%
BB9 Alex Coladonato
29%
Bachelor 23 Alex Dillon
29%
RW 26 Alex Govere
29%
The Voice 17 Alex Guthrie
29%
EOTB UK 4 Alex Kippen
29%
Circle 1 Alex Lake
29%
EOTB UK 6 Alex Leslie
29%
AR 8 Alex Linz
29%
Geordie Shore 17-19 Alex MacPherson
29%
AR 27 Alex Manard
29%
Bachelor 1 Alex Michel
29%
Glee Project 1 Alex Newell
29%
BB 19 Alex Ow
29%
AYTO 2 Alex Phillips
29%
AI 13 Alex Preston
29%
Endurance 3 Alex Reid
29%
AR 30 Alex Rossi
29%
Challenge 15, RW 18 | RW 18; Challenge 14 Alex Smith
29%
Worst Cooks 4 Alex Stein
29%
EOTB UK 5 Alex Steward
29%
Bachelorette 14 Alex Templeman
29%
Worst Cooks 18 Alex Tiso
29%
Bachelorette 8 Alex Velez
29%
BBOTT Alex Willett
29%
BIP 4; Bachelorette 12 Alex Wotykiw
29%
Bachelorette 12; BIP 4 Alex Woytkiw
29%
The Four 2 | The Voice 11 Ali Caldwell
29%
EOTB UK 9 Alicia Bradon
29%
Survivor 2, 8 Alicia Calaway
29%
Bachelor 25 Alicia Holloway
29%
Survivor 24 Alicia Rosa
29%
AYTO 5; EOTB 1; Challenge 31 | Challenge 31; AYTO 5; EOTB 1 | EOTB 1; AYTO 5; Challenge 31 Alicia Wright
29%
EOTB UK 3 Ali Drew
29%
Survivor 35 Ali Elliott
29%
Bachelor 14; Bachelorette 6 | Bachelorette 6; Bachelor 14 Ali Fedotowsky
29%
Bachelor 22 Ali Harringotn
29%
BBCAN 6 Ali Martinez
29%
Glee Project 2 Ali Stroker
29%
Bachelorette 12 Ali Zahiri
29%
EOTB 4 Allie DiMeco
29%
EOTB 3; Instafamous Allie Kaplan
29%
Survivor 26 Allie Pohevitz
29%
AR 16 Allie Smith
29%
AR 25 Alli Forsythe
29%
Bachelor 18 Alli Restko
29%
BP 2; Bachelor 15 | Bachelor 15; BP 2 Alli Travis
29%
AR 23 Ally Mello
29%
AR 4 Al Rios
29%
AR 26 Aly Dudek
29%
Bachelor 12 Alyssa Gill
29%
AYTO 4 Alyssa Ortiz
29%
AI 17 Alyssa Raghu
29%
AR 4 Amanda Adams
29%
AR 14, 18 Amanda Blackledge
29%
The Voice 3 Amanda Brown
29%
HK 9 Amanda Colello
29%
BB4 Amanda Craig
29%
AYTO 3; Challenge 28-30, 32, 33 | Challenge 28-30, 32, 33; AYTO 3 Amanda Garcia
29%
Bachelor 19 Amanda Goerlitz
29%
Bachelor 10 Amanda Hackney
29%
BB9 Amanda Hansen
29%
Survivor 15, 16, 20 Amanda Kimmel
29%
Bachelor 1 Amanda Marsh
29%
Bachelor 17 Amanda Meyer
29%
AI 7 Amanda Overmyer
29%
Bachelor 12 Amanda Petterman
29%
Bachelor 12 Amanda Rantuccio
29%
MC 6 Amanda Saab
29%
BIP 3, 4; Bachelor 20 | BIP 4; Bachelor 20 | Bachelor 20; BIP 3, 4 Amanda Stanton
29%
BB15 Amanda Zuckerman
29%
Bachelor 1 | Bachelor 3 Amber
29%
Bachelor 10 Amber Alchalabi
29%
Bachelor 25 Amber Andrews
29%
Bachelor 16 Amber Bacon
29%
BB16; Challenge 36 | Challenge 36; BB 16 Amber Borzotra
29%
Worst Cooks 5 Amber Brauner
29%
The Voice 4 Amber Carrington
29%
LI UK 3 Amber Davies
29%
AI 12 Amber Holcomb
29%
BIP 2; Bachelor 19, 20 | Bachelor 19, 20; BIP 2 | Bachelor 20 Amber James
29%
Bachelor 5 Amber LaRoux
29%
AYTO 1 Amber Lee
29%
Worst Cooks 21 Amber Leverette
29%
AR 7, 11; Survivor 2, 8, 40 | Survivor 2, 8, 40; AR 7, 11 Amber Mariano
29%
AYTO 8; Challenge 36 | Challenge 36; AYTO 8 Amber Martinez
29%
The Voice 5 Amber Nicole
29%
AUS 2 Amber Petty
29%
Love Is Blind 1 Amber Pike
29%
BB8 Amber Siyavus
29%
Bachelor 16 Amber Tierney
29%
Bachelor 2 Amber West
29%
Bachelor 22 Amber Wilkerson
29%
Survivor 9, 16 Ami Cusack
29%
AR 1 Amie Barsky
29%
Bachelor 3 Amy
29%
AI 3 Amy Adams
29%
Bachelor 1 Amy Anzel
29%
Bachelor 12 Amy Bean
29%
EOTB UK 3 Amy Cooke
29%
BB3 Amy Crews
29%
AR 25 Amy DeJong
29%
AR 23 Amy Diaz
29%
Bachelor 18 Amy Jokinen
29%
Bachelor 18 Amy Long
29%
Survivor 11 Amy O'Hara
29%
AR 21 Amy Purd
29%
The Voice 9 Amy Vachal
29%
Bachelor 18; Bachelorette 10 | Bachelorette 10; Bachelor 18 Andi Dorfman
29%
AR 17 Andie DeKroon
29%
RW1 Andre Comeau
29%
AR 3 Andre Plummer
29%
AYTO 5; EOTB 1 | EOTB 1; AYTO 5 Andre Siemers
29%
Bachelorette 3 Andrew
29%
HK 1 Andrew Bonito
29%
AYTO 7 Andrew Couture
29%
CA 2 Andrew Dice Clay
29%
Bachelor 3 Andrew Firestone
29%
AI 9 Andrew Garcia
29%
BB12 | BBCAN 2 Andrew Gordon
29%
AR 3 Andrew Hyde
29%
AR 13 Andrew Lappitt
29%
BBCAN 6 Andrew Miller
29%
BBCAN 1 Andrew Monaghan
29%
Bachelorette 10 Andrew Poole
29%
Survivor 7, 31 Andrew Savage
29%
The Voice 16 Andrew Sevener
29%
AUS 3 Andrew Torrens
29%
AR 20 Andrew Webber
29%
RW 23 Andrew Woods
29%
MCJR 3 Andrew Zappley
29%
CA 2 Annie Duke
29%
Endurance 2 Annie Kim
29%
Bachelor 23 Annie Reardon
29%
BB12 Annie Whittington
29%
The Voice 13 Anthony Alexander
29%
AYTO 2; Challenge 29; EOTB 3 | Challenge 29, AYTO 2 | EOTB 3; AYTO 2; Challenge 29 Anthony Bartolotte
29%
AR 22 Anthony Battaglia
29%
Bachelorette 13 Anthony Battle
29%
Challenge 27 Anthony Cuomo
29%
BBCAN 7 Anthony Douglas
29%
AI 4 Anthony Fedorov
29%
Geordie Shore 21,22 Anthony Kennedy
29%
AR 13 Anthony Marotta
29%
AYTO 6; EOTB 3 | EOTB 3; AYTO 6 Anthony Martin
29%
MCJR 6 Anthony Martino
29%
Survivor 14 Anthony Robinson
29%
Bachelorette 7 Anthony Santucci
29%
CBB 2 Anthony Scaramucci
29%
Worst Cooks 3 Anthony Schiano
29%
Worst Cooks 2 Anthony Scinto
29%
BB10 April Dowling
29%
AR 30 April Gould
29%
Bachelor 9 April Jacobs
29%
BB6 April Lewis
29%
AR 12 Ari Bonias
29%
Bachelor 22; Bachelorette 8 Arie Luyendyk Jr.
29%
Worst Cooks 20 Ari Robinson
29%
Survivor 10 Ashlee Ashby
29%
RW 24 Ashlee Feldman
29%
BIP 1; Bachelor 17 | Bachelor 17; BIP 1 AshLee Frazier
29%
Bachelor 12 Ashlee Williss
29%
EOTB UK 4 Ashleigh Defty
29%
AYTO 1 Ashleigh Feaster
29%
Bachelor 14 Ashleigh Hunt
29%
BBCAN 3 Ashleigh Wood
29%
Challenge 33; EOTBUK 1, 2, 5 | EOTB UK 1, 2, 5; Challenge 33 Ashley Cain
29%
EOTB 4; RW 29 | RW 29 Ashley Ceasar
29%
AR 23 Ashley Covert
29%
The Voice 2 Ashley de la Rosa
29%
BP 1; Bachelor 14 | Bachelor 14; BP 1 Ashley Elmore
29%
Temptation Island 2 Ashley Goldson
29%
AR 26 Ashley Gordon
29%
Endurance 1 Ashley Gudzak
29%
AYTO 2 Ashley Hall
29%
Bachelor 17 Ashley Harper
29%
Bachelor 15; Bachelorette 7 | Bachelorette 7; Bachelor 15 Ashley Hebert
29%
Temptation Island 2 Ashley Howland
29%
BIP 2, 3; Bachelor 19; BWG | Bachelor 19; BIP 2, 3, BWG Ashley Iaconetti
29%
BB14 Ashley Iocco
29%
AR 28 Ashley Jenkins
29%
MCJR 7 Ashley Johnson
29%
Challenge 23, 29; RW 26 | RW 26; Challenge 23, 29 Ashley Kelsey
29%
The Voice 12 Ashley Levin
29%
RW 23 Ashley Lindley
29%
Bachelor 22 Ashley Luebke
29%
Survivor 15 Ashley Massaro
29%
EOTB UK 11; CBB UK 10 Ashley McKenzie
29%
MC 9 Ashley Mincey
29%
Challenge 28-30, 32-36; RW 29 | RW 29; Challenge 28-30, 32-36 Ashley Mitchell
29%
Survivor 35 Ashley Nolan
29%
Bachelor 17 Ashley Palenkas
29%
Bachelor 18 Ashley Poe
29%
BIP 2; Bachelor 19 | Bachelor 19; BIP 2 Ashley Salter
29%
Bachelor 15 Ashley Spivey
29%
Survivor 19 Ashley Trainer
29%
EOTB UK 11 Ashley Tyler
29%
Survivor 22 Ashley Underwood
29%
RW 19; Challenge 16 Ashli Robson
29%
The Four 1 Ash Minor
29%
Bachelor 3 Audree
29%
AYTO 6 Audrey Diaz
29%
BB17 Audrey Middleton
29%
The Voice 11 Austin Allsup
29%
AR 8 Austin Black
29%
Survivor 12 Austin Carty
29%
BBCAN 9 Austin Dookwah
29%
The Voice 14 Austin Giorgio
29%
The Voice 5 Austin Jenckes
29%
BB17 Austin Matelson
29%
AYTO 3 Austin Sheets
29%
Survivor 1 BB Anderson
29%
Bachelorette 3 Ben
29%
The Voice 19 Ben Allen
29%
AI 13 Ben Briley
29%
MCJR 7 Ben Brown
29%
Survivor 19 Ben Browning
29%
Bachelorette 7 Ben Castoriano
29%
HK 4 Ben Caylor
29%
Survivor 35; 40 Ben Driebergen
29%
Bachelor 16; Bachelorette 7 | Bachelorette 7; Bachelor 16 Ben Flajnik
29%
Bachelor 20; Bachelorette 11; BWG | Bachelorette 11; Bachelor 20; BWG Ben Higgins
29%
AUS 4 Ben Morgan
29%
LI UK 1 Ben Porter
29%
Endurance 6 Ben Scheuer
29%
BIP 1; Bachelorette 9 | Bachelorette 9; BIP 1 Ben Scott
29%
Bachelorette 16 Ben Smith
29%
MC 2 Ben Starr
29%
HK 5, 17 Ben Walanka
29%
MCJR 6 Ben Watkins
29%
AUS 2 Ben Wynn
29%
BIP 4; Bachelorette 11 | Bachelorette 11; BIP 4 Ben Zorn
29%
RW2 Beth Anthony
29%
AR 22 Beth Bandimere
29%
BBCAN 9 Beth Bieda
29%
AR 8 Beth Bransen
29%
MC 4 Beth Kirby
29%
Challenge 2, 5, 6, 10, 11, 13, 14, All Stars 1; RW 2 | Challenge All Stars | RW2; Challenge 2, 5, 6, 10, 11, 13, 15 Beth Stolarczyk
29%
AR 19 Bill Alden
29%
AR 1, 11 Bill Bartek
29%
Circle 1 Bill Cranley
29%
AR 8 Bill Gaghan
29%
CA 3 Bill Goldberg
29%
AR 13 Bill Kahler
29%
Survivor 24 Bill Posley
29%
AR 19 Bill Smith
29%
MC 7 Bill Travers
29%
Bachelorette 1 Billy
29%
AR 8 Billy Gaghan
29%
Survivor 13 Billy Garcia
29%
The Voice 11 Billy Gilman
29%
Geordie Shore 14 Billy Phillips
29%
EOTB 3; WHATA Billy Reilich
29%
AI 4 Bo Bice
29%
Bachelor 19 Bo Stanley
29%
CA 8 Boy George
29%
Bachelorette 2 Brad
29%
Survivor 27, 34 Brad Culpepper
29%
Challenge 9-11, 13, 14, 17, 18, 20, 31, 32; RW 14 | RW 14; Challenge 9-11, 13, 14, 17, 18, 20, 31, 32 Brad Fiorenza
29%
EOTB UK 7 Brad Hayward
29%
AR 14 Brad Hunt
29%
Bachelorette 9 Brad McKinzie
29%
HK 3 Brad Miller
29%
Bachelorette 5 Brad Seberhagen
29%
Survivor 13 Brad Virata
29%
Bachelor 11, 15 Brad Womack
29%
CA 7, CBB 1 | CBB 1; CA 7 Brandi Glanville
29%
MC 7 Brandi Mudd
29%
AR 16 Brandy Snow
29%
AR 31; Survivor 33 | Survivor 33; AR 31 Bret LaBelle
29%
CA 3, 6 Bret Michaels
29%
Worst Cooks 15 Brett Azar
29%
Survivor 19 Brett Clouser
29%
AYTO 7 Brett Ferri
29%
BIP 3; Bachelorette 10 | Bachelorette 10; BIP 3 Brett Melnick
29%
BB20 Brett Robinson
29%
AYTO 7 Bria Hamilton
29%
The Voice 6 Bria Kelly
29%
Bachelor 22 Bri Amaranthus
29%
Bachelorette 2 Brian
29%
Bachelorette 15 Brian Bowles
29%
Bachelorette 1 Brian C.
29%
Survivor 11 Brian Corridan
29%
Bachelorette 5 Brian Duke
29%
Bachelorette 1 Brian H.
29%
BB10 Brian Hart
29%
Survivor 5 Brian Heidik
29%
Bachelorette 9 Brian Jarosinski
29%
The Voice 8 Brian Johnson
29%
Bachelorette 1 Brian K.
29%
AR 15 Brian Kleinschmidt
29%
AUS 5 Brian Lake
29%
RR 7 Brian Lancaster
29%
CA 2 Brian McKnight
29%
HK 10 Brian Merel
29%
The Voice 10 Brian Nhira
29%
Bachelorette 10 Brian Osborne
29%
AR 8 Brian Paolo
29%
Worst Cooks 19 Brian Posehn
29%
Bachelorette 1 Brian S.
29%
AR 7 Brian Smith
29%
Bachelorette 4 Brian Westendorf
29%
RW 29 Brian Williams Jr
29%
Bachelorette 4 Brian Winchester
29%
MC 10 Bri Baker
29%
BIP 6; Bachelor 23 | Bachelor 23; BIP 6 Bri Barnes
29%
PH 3 Brie Campbell
29%
MC 8 Brien O'Brien
29%
MC 4 Bri Kozior
29%
Bachelor 25 Bri Springs
29%
Bachelor LTYH Bri Strauss
29%
Bachelor 15 Britnee Marks
29%
AR 31; BB 12, 14 | BB12, 14; AR 31 Britney Haynes
29%
AYTO 3; Challenge 30-32 Britni Thornton
29%
Bachelor 22 Brittane Johnson
29%
AR 30 Brittany Austin
29%
AYTO 1; Challenge 26 | Challenge 26; AYTO 1 Brittany Baldassari
29%
Worst Cooks 15 Brittany Carel
29%
MC 7 Brittany Craig
29%
Bachelor 21 Brittany Farrar
29%
Bachelor 19 Brittany Fetkin
29%
AR 21 Brittany Fletcher
29%
Bachelor 25 Brittany Galvin
29%
Moolah Beach Brittany Harris
29%
Worst Cooks 10 Brittany Lenore
29%
BB16 Brittany Martinez
29%
AR 28 Brittany Oldehoff
29%
BB1 Brittany Petros
29%
BP 3 Brittany Taltos
29%
Bachelor 22 Brittany Taylor
29%
Bachelor 15 Britt Billmaier
29%
Challenge 17; RW 20 | RW 20; Challenge 17 Brittini Sherrod
29%
BBCAN 3 Brittnee Blair
29%
Bachelor 9 Britt Newton
29%
Bachelor 16 Brittney Schreiner
29%
Bachelor 19; Bachelorette 11 | Bachelorette 11; Bachelor 19 Britt Nilsson
29%
Bachelor 3 | Bachelor 4 Brooke
29%
AR 25 Brooke Adams
29%
The Voice 8 Brooke Adee
29%
Bachelor 17 Brooke Burchette
29%
CA 8 Brooke Burke-Charvet
29%
AR 29 Brooke Camhi
29%
AR 13 Brooke Jackson
29%
AUS 3, 7 Brooke Jowett
29%
Challenge 15, 17; RW 18 Brooke Labarbera
29%
RW 18; Challenge 15, 17 Brooke LaBarbera
29%
The Voice 13 Brooke Simpson
29%
Bachelor 2 Brooke Smith
29%
Survivor 11 Brooke Struck
29%
American Grit 1 Brooke Van Paris
29%
BBCAN 8 Brooke Warnock
29%
AI 7 Brooke White
29%
Survivor 9 Brook Geraghty
29%
Bachelorette 1 Brook Pemberton
29%
AR 17 Brook Roberts
29%
Bachelorette 13 Bryan Abasolo
29%
The Voice 10 Bryan Bautista
29%
The Voice 3 Bryan Keith
29%
BB10 Bryan Ollie
29%
Bachelorette 5 Bryan Vaderman
29%
AR 16 Caite Upton
29%
The Voice 10 Caity Peters
29%
EOTB 4; Ibiza Weekender Callum Izzard
29%
EOTB UK 11; CLI UK 2; CBB UK 15, 19 Calum Best
29%
EOTB 3 Cara Cooper
29%
LI UK 2 Cara De La Hoyde
29%
RW 11 Cara Kahn
29%
Challenge 19-25, 27, 29-34 Cara Maria Sorbello
29%
AR 14, 18 Cara Rosenthal
29%
Challenge 7, 11, 14; RR 12 | RR 12; Challenge 7, 11, 14 Cara Zavaleta
29%
Survivor 3 Carl Bilancione
29%
Survivor 37 Carl Boudreaux
29%
Challenge 19 Carley Johnson
29%
BIP 3; Bachelorette 10 | Bachelorette 10; BIP 3 Carl King
29%
EOTB 4; Temptation Island Carlos Chavez
29%
PH 3 Carlos Garcia
29%
Worst Cooks 2 Carlos Manuel
29%
AI 7 Carly Smithson
29%
BIP 2, 3; Bachelor 19 Carly Waddell
29%
Bachelor 19; BIP 2, 3 Carly Wadell
29%
CA 1 Carol Alt
29%
Worst Cooks 5 Carol Holder
29%
BB8 Carol Journey
29%
CA 3 Carol Leifer
29%
AR 16 Carol Rosenfeld
29%
BBCAN 8 Carol Rosher
29%
HK 5 Carol Scott
29%
Survivor 10 Caryn Grodel
29%
AI 10 Casey Abrams
29%
Challenge 12, 13, 15, 18 Casey Cooper
29%
AUS 6 Casey Hawkins
29%
AI 9 Casey James
29%
EOTB UK 8 Casey Johnson
29%
Worst Cooks 5 Casey Pentony
29%
Bachelor 16 Casey Shteamer
29%
Temptation Island 2 Casey Starchark
29%
BB11 Casey Turner
29%
The Voice 1 Casey Weston
29%
The Voice 12 Casi Joy
29%
BB13 Cassi Colvin
29%
MC 7 Cassie Peterson
29%
Bachelor 23 Cassie Randolph
29%
MC 8 Cate Meade
29%
Bachelor 23 Catherine Agro
29%
Worst Cooks 13 Catherine Bach
29%
Bachelor 17 Catherine Giudici
29%
Bachelor 10 Catherine Warren
29%
AI 16 Catie Turner
29%
Bachelorette 2 Chad
29%
MCJR 4 Chad Gibbs
29%
BIP 3; Bachelorette 12; EOTB 2 | Bachelorette 12; BIP 3; CBB UK 20; EOTB 2 | EOTB 2; Bachelorette 12; BIP 3; CBB UK 20 Chad Johnson
29%
AR 17 Chad Waltrip
29%
EOTB UK 11; LI UK 4 Charlie Brake
29%
MC 6 Charlie Chapman
29%
RW 14 Charlie Dordevich
29%
Bachelorette 8 Charlie Grogan
29%
MCJR 5 Charlie Hans
29%
Survivor 17 Charlie Herschel
29%
Glee Project 2 Charlie Lubeck
29%
Bachelorette 1 Charlie Maher
29%
HK 5 Charlie McKay
29%
Bachelor 7 Charlie O'Connell
29%
AR 15 Cheyne Whitney
29%
AR 8 Chirstine Godlewski
29%
Bachelorette 2 Chris
29%
BP 3 Chris Bain
29%
LI UK 1 Chris Baxter
29%
RW 11 Chris Beckman
29%
The Voice 12 Chris Blue
29%
Bachelorette 4 Chris Bradshaw
29%
BIP 1, 2, 6; Bachelorette 8, 10; BP 3 | BP 3; Bachelorette 8; BIP 1, 2, 6 | Bachelorette 8, 10; BP 3; BIP 1, 2, 6 Chris Bukowski
29%
Bachelorette 3 Chris C.
29%
HK 10 Chris Carrero
29%
Bachelorette 16 Chris Conran
29%
Survivor 9 Chris Daugherty
29%
AI 5 Chris Daughtry
29%
Bachelorette 7 Chris Drish
29%
American Grit 2 Chris Edom
29%
AR 4 Chris Garry
29%
AR 27 Chris Gordon
29%
RR 12; Challenge 9 Chris Graebe
29%
AR 31; Survivor 33 | Survivor 33; AR 31 Chris Hammons
29%
Bachelorette 6 Chris Hasek-Watt
29%
LI UK 3 Chris Hughes
29%
The Voice 7 Chris Jamison
29%
The Voice 15 Chris Kroeze
29%
American Grit 1 Chris Krueger
29%
Bachelorette 6 Chris Lambton
29%
AR 2 Chris Luca
29%
Bachelorette 3 Chris M.
29%
Bachelorette 7 Chris Malhomme
29%
The Voice 2 Chris Mann
29%
AR 30 Chris Marchant
29%
RR 3; Challenge 5 Chris Melling
29%
HK 18 Chris Mendonca
29%
Survivor 36 Chris Noble
29%
Bachelorette 6 Chris Nordhorn
29%
HK 1 Chris North
29%
EOTB 1 Chris Pearson
29%
BIP 5; Bachelorette 14 | Bachelorette 14; BIP 5 Chris Randone
29%
AI 6 Chris Richardson
29%
Circle 1 Chris Sapphire
29%
AYTO 1 Chris Scali
29%
Bachelorette 9 Chris Siegfried
29%
AI 6 Chris Sligh
29%
Bachelor 19; Bachelorette 10; DWTS 10; Worst Cooks 7 | Bachelorette 10; Bachelor 19; DWTS 20; Worst Cooks 7 | Worst Cooks 7 Chris Soules
29%
Bachelorette 11 Chris Strandburg
29%
Endurance 4 Chris Tavarez
29%
Bachelor 4 Christine
29%
BB16 Christine Brecht
29%
MC 2 Christine Corley
29%
MC 3 Christine Ha
29%
BBCAN 4 Christine Kelsey
29%
Bachelor 18 Christine Llano
29%
Survivor 23 Christine Shields
29%
MC 5 Christine Silverstein
29%
Bachelor 2 Christi Weible
29%
AYTO 1 Chris Tolleson
29%
Bachelorette 1 Chris Tunnessen
29%
Survivor 38 Chris Underwood
29%
Endurance 3 Chris Vanderwier
29%
Bachelor LTYH Chris Watson
29%
The Voice 13 Chris Weaver
29%
LI UK 1 Chris Williamson
29%
BBCAN 8 Chris Wyllie
29%
Survivor 18, 20, 23 Coach Wade
29%
Floribama Shore Codi Butts
29%
The Voice 3 Cody Belew
29%
AR 32 Cody Buell
29%
BB16, 22 Cody Calafiore
29%
Worst Cooks 15 Cody Medler
29%
AR 30; BB 19 | BB 19; AR 30 Cody Nickson
29%
BIP 1; Bachelorette 10 | Bachelorette 10; BIP 1 Cody Sattler
29%
Survivor 2, 8, 20 Colby Donaldson
29%
Survivor 24, 27 Colton Cumbie
29%
AI 11 Colton Dixon
29%
The Voice 15 Colton Smith
29%
The Voice 4 Colton Swon
29%
BIP 5; Bachelorette 14; Bachelor 23 | Bachelor 23; Bachelorette 14; BIP 5 | Bachelorette 14; Bachelor 23; BIP 5 Colton Underwood
29%
BB 18; EOTB 2 | EOTB 2; BB 18 Corey Brooks
29%
AI 2 Corey Clark
29%
HK 4 Corey Earling
29%
MCJR 4 Corey Gifft
29%
The Voice 8 Corey Kent White
29%
Temptation Island 3 Corey Sobczyk
29%
Bachelorette 11 Corey Stansell
29%
Bachelorette 2 Cory Higgins
29%
BBCAN 7 Cory Kennedy
29%
RW3 Cory Murphy
29%
MCJR 3 Cory Nieves
29%
Bachelorette 11 Cory Shivar
29%
Challenge 27-32, 35, 36; RW 29; EOTB 1 | RW 29; Challenge 27-32, 35, 36 Cory Wharton
29%
EOTB 2; WHATA Cory Zwierzynski
29%
Bachelor 3 Courtney
29%
Bachelor 23 Courtney Curtis
29%
The Voice 11 Courtney Harrell
29%
MC 5 Courtney Lapresi
29%
Survivor 12 Courtney Marit
29%
Bachelor 24 Courtney Perry
29%
Bachelor 16 Courtney Robertston
29%
Survivor 15, 20 Courtney Yats
29%
AUS 3 Craig I'Anson
29%
LI UK 3 Craig Lawson
29%
Bachelorette 6; BP 1 Craig McKinnon
29%
BP 1; Bachelorette 6 Craig McKInnon
29%
Bachelorette 10 Craig Muhlbauer
29%
Bachelorette 6 Craig Robinson
29%
HK 4 Craig Schneider
29%
The Voice 7 Craig Wayne Boyd
29%
Challenge 8, 10, 13-15, 17, 21, 22, 24-26, 29, 30, 32, 33-36; RW 13 | RW 13; Challenge 8, 10, 13-15, 17, 21, 22, 24-26, 29, 30, 32, 33-36 CT Tamburello
29%
AI 12 Curtis Finch Jr.
29%
The Voice 1 Curtis Grimes
29%
AYTO 2 Curtis Hadzicki
29%
BB1 Curtis Kin
29%
Worst Cooks 18 Curtis Long
29%
CA 3 Curtis Stone
29%
Challenge 1, 9; RW 5 | RW 5; Challenge 1, 9 Cynthia Roberts
29%
Glee Project 1 Damian McGinty
29%
Love Is Blind 1 Damian Powers
29%
The Voice 7 Damien
29%
BBCAN 7 Damien Ketlo
29%
AUS 5 Damien Thomlinson
29%
AR 28 Dana Alexa Borriello
29%
HK 10, 17 Dana Cohen
29%
AR 16 Dana Davis
29%
The Voice 11 Dana Harper
29%
Survivor 25 Dana Lambert
29%
Bachelor 2 Dana Norris
29%
BB4 Dana Varela
29%
BB8, 13, 22 Daniele Donato
29%
EOTB UK 2 Danielle Abbott
29%
BBCAN 1 Danielle Alexander
29%
The Voice 4 Danielle Bradberry
29%
EOTB 3 Danielle Clark
29%
Survivor 12, 20 Danielle DiLorenzo
29%
Bachelor 10 Danielle Imwalle
29%
BBOTT Danielle Lickey
29%
AR 27 Danielle Littletonn
29%
BIP 4; Bachelor 21 | Bachelor 21; BIP 4 Danielle Lombard
29%
BIP 4; Bachelor 21 | Bachelor 21; BIP 4 Danielle Maltby
29%
BB14 Danielle Murphree
29%
LI UK 1 Danielle Pyne
29%
BIP 1; Bachelor 18 Danielle Ranco
29%
BB3, 7 Danielle Reyes
29%
HK 10 Danielle Rimmer
29%
Bachelor 18; BIP 1 Danielle Ronco
29%
Worst Cooks 5 Danielle Ruiz-Wiley
29%
LI UK 3 Danielle Sellers
29%
AR 9, 11 Danielle Turner
29%
Bachelor 10 Danielle Vallis
29%
AYTO 2; Challenge 27-30 | Challenge 27-30; AYTO 2 Dario Medrano
29%
Bachelorette 15 Daron Blaylock
29%
MC 9 Darrick Krause
29%
AR 7 Deana Shane
29%
RW 31 Dean Bart-Plange
29%
Worst Cooks 7 Dean Cain
29%
Survivor 39 Dean Kowalski
29%
EOTB UK 7 Dean Ralph
29%
BIP 4, 6; Bachelorette 13; BWG | Bachelorette 13; BIP 4, 6; BWG Dean Unglert
29%
Endurance 3 Demian Martinez
29%
Bachelor 1 Denise
29%
Bachelor 12 Denise Hawthorne
29%
Survivor 15 Denise Martin
29%
Worst Cooks 20 Denise Schroder
29%
Survivor 25, 40 Denise Stapley
29%
AR 27 Denise Williams
29%
AR 5 Dennis Frentsos
29%
AR 25 Dennis Hour
29%
AR 3 Dennis Hyde
29%
AI 16 Dennis Lorenzo
29%
CA 2, 6 Dennis Rodman
29%
Bachelorette 6 Derek
29%
Challenge 20, 23, 24; RW 22 | RW 22; Challenge 20, 23, 24 Derek Chavez
29%
BBCAN 6 Derek Kesseler
29%
Challenge 15, 17; RR 14 | RR 14; Challenge 15, 17 Derek McCray
29%
BIP 4, 6; Bachelorette 12 | Bachelorette 12; BIP 4, 6 Derek Peth
29%
MCJR 4 Derek Quinn
29%
AR 3 Derek Riker
29%
AYTO 5; Challenge 30, 32; EOTB 1 | Challenge 30, 32; AYTO 5; EOTB 1 | EOTB 1; AYTO 5; Challenge 30, 32 Derrick Henry
29%
Challenge 9-14, 16, 18, 20, 30, All Stars 1; RR 13 | Challenge All Stars | RR 13; Challenge 9-14, 16, 18, 20, 30 Derrick Kosinski
29%
BB16 Derrick Levasseaur
29%
MC 6 Derrick Peltz
29%
Bachelorette 6 Derrick Schuster
29%
Great British Baking Show 5 Diana Beard
29%
MC 7 Diana Bilow
29%
AR 27 Diana Bishop
29%
AI 3 Diana DeGarmo
29%
Worst Cooks 4 Diana De Rosa
29%
Bachelor 17 Diana Weeks Willardson
29%
Bachelor 16 Dianna Martinez
29%
AYTO 1 Dillan Ostrom
29%
BBCAN 5 Dillon Carman
29%
AI 18 Dillon James
29%
The Voice 16 Domenic Haynes
29%
Survivor 36 Domenick Abbate
29%
BB13 Dominic Briones
29%
HK 4 Dominic DiFrancesco
29%
RW2 Dominic Griffin
29%
LI UK 3 Dom Lever
29%
AR 12 Donald Jerousek
29%
AR 6 Don St. Claire
29%
BIP 6; Bachelorette 15 | Bachelorette 15 Dylan Barbour
29%
The Voice 14 Dylan Hartigan
29%
RW 31 Dylan Moore
29%
BIP 1; Bachelorette 10 | Bachelorette 10; BIP 1 Dylan Petitt
29%
MC 5 Elise Mayfield
29%
BIP 1; Bachelor 18 Elise Mosca
29%
AI 11 Elise Testone
29%
HK 9, 17 Elise Wims
29%
Bachelor 23 Elyse Dehlborm
29%
Bachelor 9 Elyse Hammer
29%
Bachelor 16 Elyse Myers
29%
Survivor 23 Elyse Umemoto
29%
BB12, 22 Enzo Palumbo
29%
MC 2 Erryn Cobb
29%
AUS 6 ET Ettingshausen
29%
AYTO 6 Ethan Cohen
29%
AYTO 1 Ethan Diamond
29%
AR 19; Survivor 3, 8, 40 | Survivor 3, 8, 40; AR 19 Ethan Zohn
29%
AR 3 Eve Madison
29%
Geordie Shore 14 Eve Shannon
29%
Geordie Shore 18 Faith Mullen
29%
Challenge 32; EOTB 1 | EOTB 1; Challenge 31, 34; Vanderpump Faith Stowers
29%
Worst Cooks 17 Father Adam Young
29%
AUS 2 Fiona Horne
29%
AR 3 Flo Pesenti
29%
Bachelor 2 Frances Dinglasan
29%
MC 5 Francis Biondi
29%
MC 5 Francis Legge
29%
The Voice 15 Franc West
29%
Bachelorette 7 Frank Carpenter
29%
AR 32 Frank Eaves
29%
Endurance 4 Franke Sisto
29%
BB14, 18 Frank Eudy
29%
Survivor 3 Frank Garrison
29%
RW 14 Frankie Abernathy
29%
BB16 Frankie Grande
29%
EOTB UK 6 Frankie Isabella
29%
EOTB UK 1 Frankie Thorpe
29%
AR 1 Frank Mesa
29%
MC 3 Frank Mriando
29%
Bachelorette 6 Frank Neuschaefer
29%
Challenge 9, 15; RW 12 | RW 12; Challenge 9, 15 Frank Roessler
29%
Worst Cooks 14 Frank Scuderi
29%
Challenge 23-25; RW 26 | RW 26; Challenge 23-25 Frank Sweeney
29%
AR 9 Fran Lazarus
29%
Challenge 36; LI UK 3 | LI UK 3; CBB 22 Gabby Allen
29%
AI 16 Gabby Barrett
29%
Survivor 37 Gabby Pascuzzi
29%
Survivor 4 Gabriel Cade
29%
AUS 2 Gabrielle Richens
29%
MC 8 Gabriel Lewis
29%
AR 32 Gary Barnidge
29%
CA 4, 6 Gary Busey
29%
The Voice 14 Gary Edwards
29%
AR 17, 18 Gary Ervin
29%
Survivor 11 Gary Hogeboom
29%
BBCAN 1, 5 Gary Levy
29%
AR 2 Gary Rosen
29%
Survivor 14 Gary Stritesky
29%
AR 15 Gary Tomljenovich
29%
AR 21 Gary Wojnar
29%
MCJR 1 Gavin Pola
29%
Temptation Island 2 Gavin Rocker
29%
Survivor 38 Gavin Whitson
29%
Worst Cooks 2 Georg Coleman
29%
BB1, 7 George Boswell
29%
American Grit 2 George Foreman IV
29%
AI 3 George Huff
29%
EOTB UK 9 George Keys
29%
CA 5 George Takei
29%
NZS 1 Georgia Bergerson
29%
EOTB UK 7 Georgia Crone
29%
Challenge 33, 34; LI UK 3 | EOTB UK 11; LI UK 3; Challenge 33, 34 | LI UK 3; Challenge 33, 34; EOTB UK 11 Georgia Harrison
29%
EOTB 4; LIUK 4 Georgia Steel
29%
BB3 Gerry Lancaster
29%
Survivor 17 Gillian Larson
29%
Bachelorette 15 Grant Eckel
29%
Bachelorette 13 Grant Hubsher
29%
BIP 3; Bachelorette 12 | Bachelorette 12; BIP 3; BIP AUS 1 Grant Kemp
29%
Survivor 22 Grant Mattos
29%
Geordie Shore 17 Grant Molloy
29%
Bachelorette 14 Grant Vandevanter
29%
Challenge 26; RW 29 | RW 29 Hailey Chivers
29%
Bachelor 21 Hailey Merkt
29%
BB20 Haleigh Broucher
29%
THTH 1 Haley Cureton
29%
BIP 3, 4, 6; Bachelor 20 | Bachelor 20; BIP 3, 4, 6 Haley Ferguson
29%
EOTB 1 Haley Reed
29%
AI 10 Haley Reinhart
29%
AI 6 Haley Scarnato
29%
AR 32 Haley Williams
29%
Survivor 30, 34 Hali Ford
29%
Bachelor 2 Hayley Crittenden
29%
AR 26 Hayley Keel
29%
AR 7 Heidi Heidel
29%
Survivor 6 Heidi Strobel
29%
AR 16 Heidi Wang
29%
EOTB UK 4 Helen Briggs
29%
MC 3 Helene Leeds
29%
Survivor 5 Helen Glover
29%
BB15 Helen Kim
29%
AI 11 Hollie Cavanagh
29%
BB 21 Holly Allen
29%
RR 9; Challenge 5 Holly Brentson
29%
Worst Cooks 20 Holly Brooks
29%
BP 2; Bachelor 12 | Bachelor 12; BP 2 Holly Durst
29%
Geordie Shore 1-13, 17-19 Holly Hagan
29%
Survivor 21 Holly Hoffman
29%
Bachelor 16 Holly Johnson
29%
BB5 Holly King
29%
Bachelor 5 Holly Reeder
29%
EOTB UK 3, 5 Holly Rickwood
29%
CA 3 Holly Robinson Peete
29%
Challenge 3, 5, 8; RR 7 | RR 7; Challenge 3, 5, 8 Holly Shand
29%
The Voice 4 Holly Tucker
29%
Great British Baking Show 5 Iain Watters
29%
The Voice 19 Ian Flanigan
29%
MCJR 4 Ian Marcel Sanders
29%
Bachelorette 2 Ian McKee
29%
AR 3, 11 Ian Pollack
29%
Survivor 10 Ian Rosenberger
29%
BB14, 22 Ian Terry
29%
Bachelorette 11 Ian Thomson
29%
CA 7 | Worst Cooks 13; CA 7 Ian Ziering
29%
BIP 4; Bachelorette 13 | Bachelorette 13; BIP 4 Iggy Rodriguez
29%
MCJR 2 Isabella Velez
29%
BIP 3; Bachelor 20 | Bachelor 20; BIP 3 Izzy Goodkind
29%
NZS 1 Izzy Pearson
29%
Bachelor 1 Jackie
29%
Bachelor 20 Jackie Dion
29%
The Voice 14 Jackie Foster
29%
AUS 5 Jackie Glazier
29%
BP 2; Bachelor 15 | Bachelor 15 Jackie Gordon
29%
Bachelor 13 Jackie Hickley
29%
AR 26; BB 17 | BB17 Jackie Ibarra
29%
BBCAN 5 Jackie McCurrach
29%
BIP 1; Bachelor 17 | Bachelor 17; BIP 1 Jackie Parr
29%
Bachelor 10 Jackie Topelli
29%
The Voice 14 Jackie Verna
29%
Endurance 6 Jackie Wei
29%
Bachelorette 8 Jackson Longnecker
29%
BB 21 Jackson Michie
29%
Moolah Beach Jacob Capito
29%
Survivor 36 Jacob Derwin
29%
BB9 Jacob Heald
29%
AI 10 Jacob Lusk
29%
The Voice 16 Jacob Maxwell
29%
Survivor 17 Jacquie Berg
29%
The Voice 5 Jacquie Lee
29%
AUS 4, 7 Jacqui Patterson
29%
Survivor 15 Jaime Dugan
29%
AR 14, 18 Jaime Edmondson
29%
MC 5 Jaimee Vitolo
29%
BIP 4; Bachelor 21 | Bachelor 21; BIP 4 Jaimi King
29%
Bachelorette 13; BWG Jamey Kocan
29%
CA 7 Jamie Anderson
29%
Challenge 27, 28 Jamie Banks
29%
Bachelorette 1 Jamie Blyth
29%
RW 14; Challenge 10 Jamie Chung
29%
AR 20 Jamie Graetz
29%
HK 9 Jamie Gregorich
29%
AR 10 Jamie Hill
29%
MC 10 Jamie Hough
29%
LI UK 3 Jamie Jewitt
29%
BB1 Jamie Kern
29%
RW 29 Jamie Larson
29%
Challenge 4, 6, 11; RW 9 | RW 9; Challenge 3, 6, 11 Jamie Murray
29%
Survivor 11 Jamie Newton
29%
BP 3; Bachelor 16 | Bachelor 16; BP 3 Jamie Otis
29%
Worst Cooks 5 Jamie Thomas
29%
Bachelor LTYH Jamie Weintraub
29%
BIP 3; Bachelor 20 | Bachelor 20; BIP 3 Jami Letain
29%
Bachelor 9 Jami Matzke
29%
Survivor 5 Jan Gentry
29%
Bachelor 21; BIP 4 Jasmine Brown
29%
BIP 4; Bachelor 21 | Bachelor 21; EOTB 1 | EOTB 1; Bachelor 21 Jasmine Goode
29%
AI 8 Jasmine Murray
29%
Bachelor 24 Jasmine Nguyen
29%
AYTO 8 Jasmine Olson
29%
AYTO 2 Jasmine Pendleton
29%
Challenge 21-25; RW 22 | RW 22; Challenge 21-25 Jasmine Reynaud
29%
AYTO 7 Jasmine Rodriguez
29%
MCJR 5 Jasmine Stewart
29%
AI 3 Jasmine Trias
29%
Bachelorette 3 Jason
29%
AR 23 Jason Case
29%
AI 7 Jason Casstro
29%
Challenge 2; RW 6 | RW 6; Challenge 2 Jason Cornwell
29%
BB 19 Jason Dent
29%
Worst Cooks 6 Jason Dixon
29%
Bachelorette 16 Jason Foster
29%
BB3 Jason Guy
29%
RW 30 Jason Hill
29%
Bachelorette 10 Jason Leep
29%
Survivor 39 Jason Linden
29%
Bachelor 13 | Bachelorette 4; Bachelor 13 Jason Mesnick
29%
BB17; BB OTT Jason Roy
29%
Survivor 16 Jason Siska
29%
Bachelorette 14 Jason Tartick
29%
HK 4 Jason Underwood
29%
EOTB 3 Jason Walsh
29%
MC 8 Jason Wang
29%
The Four 1 | The Voice 11 Jason Warrior
29%
Bachelorette 6 Jason Whitehead
29%
AR 12 Jason Wildener
29%
HK 9, 12 Jason Zepaltas
29%
Survivor 24 Jay Byars
29%
RW4 Jay Frank
29%
Geordie Shore 1-3, 6-7, BB Jay Gardner
29%
Challenge 26; RW 29 | RW 29; Challenge 26 Jay Mitchell
29%
Bachelorette 6 Jay Resmini
29%
Bachelorette 16 Jay Smith
29%
Challenge 35, 36; Survivor 33; EOTB 2 | EOTB 2; Survivor 33 | Survivor 33; Challenge 35, 36; EOTB 2 Jay Starrett
29%
AR 27 Jazmine Lewis
29%
BB1 Jean Jordan
29%
BB4 Jee Choe
29%
Challenge 19 Jeff Barr
29%
The Voice 1 Jeff Jenkins
29%
Survivor 25 Jeff Kent
29%
HK 1 Jeff LaPoff
29%
Worst Cooks 2 Jeff Longcor
29%
AR 26 Jeff Magree
29%
Bachelorette 7 Jeff Medolla
29%
Bachelorette 2 Jeff O'Quinn
29%
MC 8 Jeff Philbin
29%
Endurance 2 Jeff Phillips
29%
Bachelorette 1 Jeff Popovich
29%
AR 16; BB 11, 13 | BB11, 13; AR 16 Jeff Schroeder
29%
AR 4 Jeff Strnad
29%
Survivor 2, 31, 34 Jeff Varner
29%
AR 26; BB 17 | BB17 Jeff Weldon
29%
Worst Cooks 10 Jeff West
29%
Survivor 10 Jeff Wilson
29%
Bachelorette 8 Jef Holm
29%
AI 13 Jena Irene
29%
Worst Cooks 8 Jeni Erdman
29%
AUS 5 Jenna Austin
29%
Survivor 36 Jenna Bowman
29%
AYTO 8 Jenna Brown
29%
Bachelor 16 Jenna Burke
29%
Challenge 26-30, 32, 33, 35; RW 29 | RW 29; Challenge 26-30, 32, 33, 35 Jenna Compono
29%
BIP 5; Bachelor 22 | Bachelor 22 Jenna Cooper
29%
MC 1 Jenna Hamiter
29%
Endurance 1, 2 Jenna Jimenez
29%
MCJR 3 Jenna Kloner
29%
Survivor 1, 8 Jenna Lewis
29%
AR 19; Survivor 3, 8 | Survivor 6, 8; AR 19 Jenna Morasca
29%
Bachelor 24 Jenna Serrano
29%
AR 17 Jenna Sykes
29%
RW 31 Jenna Thomason
29%
Bachelor 11 Jenni Croft
29%
CA 1 Jennie Finch
29%
MC 2 Jennie Kelley
29%
Survivor 32 Jennifer Lanzetti
29%
AYTO 2 Jenni Knapmiller
29%
Bachelor 4 Jenny
29%
MC 8 Jenny Cavellier
29%
Worst Cooks 1 Jenny Cross
29%
Bachelor 22 Jenny Delaney
29%
RW 29 Jenny Delich
29%
Bachelor 5 Jenny De Schiralli
29%
Survivor 13 Jenny Guzon-Bae
29%
Bachelor 5 Jenny Matthews
29%
EOTB UK 6 Jenny Thompson
29%
Challenge 34, 35 Jenny West
29%
AR 26 Jenny Wu
29%
Survivor 2, 8, 20 Jerri Manthey
29%
AR 32 Jerry Eaves
29%
Bachelorette 3 Jerry Ferris
29%
RR 14 Jerry Jankowski
29%
BB10 Jerry MacDonald
29%
Survivor 18 Jerry Sims
29%
Bachelor 19; BIP 2 Jillian Anderon
29%
BIP 2; Bachelor 19 Jillian Anderson
29%
HK 8, 18 Jillian Flathers
29%
Bachelor 13; Bachelorette 5 | Bachelorette 5; Bachelor 13 Jillian Harris
29%
BBCAN 1 Jillian MacLaughlin
29%
BB 19 Jillian Parker
29%
Challenge 11, 15, 19; RR 13 | RR 13; Challenge 11, 15, 19 Jillian Zoboroski
29%
Worst Cooks 16 Jim J. Bullock
29%
Survivor 11 Jim Lynch
29%
AR 5 Jim McCoy
29%
Worst Cooks 16 Jimmie Walker
29%
HK 1 Jimmy Casey
29%
Survivor 21 Jimmy Johnson
29%
The Voice 16 Jimmy Mowery
29%
Survivor 21 Jimmy Tarantino
29%
MCJR 3 Jimmy Warshawsky
29%
AR 25 Jim Raman
29%
The Voice 19 Jim Ranger
29%
Survivor 23 Jim Rice
29%
American Grit 1 Jim Vaglica
29%
AI 1 Jim Verraros
29%
The Voice 17 Joana Martinez
29%
AUS 4 Joan Caballero
29%
HK 3 Joanna Dunn
29%
The Voice 18 Joanna Serenko
29%
Survivor 6 JoAnna Ward
29%
CA 2 Joan Rivers
29%
BIP 5; Bachelorette 14 | Bachelorette 14; BIP 5; DWTS 27 Joe Amabile
29%
Survivor 30, 31, 38 Joe Anglim
29%
EOTB UK 8 Joe Angus
29%
BB14 Joe Arvin
29%
BIP 2; Bachelorette 11 | Bachelorette 11; BIP 2 Joe Bailey
29%
AR 1, 11 Joe Baldassare
29%
BB8 Joe Barber
29%
Bachelorette 15 Joe Barsano
29%
Worst Cooks 18 Joe Deese
29%
EOTB UK 4 Joe Delaney
29%
Survivor 32 Joe Del Campo
29%
Survivor 18 Joe Dowdle
29%
Bachelorette 8 Joe Gendreau
29%
The Voice 18 Joei Fulco
29%
Survivor 16 Joel Anderson
29%
Survivor 1 Joel Klug
29%
BBCAN 4 Joel Lefevre
29%
The Voice 10 Joe Maye
29%
EOTB UK 6 Joe McLean
29%
Survivor 35 Joe Mena
29%
Bachelorette 16 Joe Park
29%
RW 5 Joe Patane
29%
AR 6 Joe Rashbaum
29%
Worst Cooks 5 Joe Slaughter
29%
AYTO 6; EOTB 1 | EOTB 1; AYTO 6 Joe Torgerson
29%
AR 16 Joe Wang
29%
AYTO 5 Joey Amoia
29%
AR 27 Joey Buttitta
29%
EOTB UK 2 Joey Chandler
29%
AR 30 Joey Chestnut
29%
AI 14 Joey Cook
29%
AR 29 Joey Covino
29%
AYTO 1 Joey Dillon
29%
EOTB UK 11; IAC… 13; CMC UK 14 Joey Essex
29%
AR 22, 25 Joey Garceffa
29%
Bachelorette 15 Joey Jones
29%
Worst Cooks 21; 22 Joey Kinsley
29%
RW 20 Joey Kovar
29%
AR 20 Joey Lasalla
29%
CBB 2 Joey Lawrence
29%
RW 22 Joey Rozmus
29%
Circle 1 Joey Sasso
29%
BB16 Joey Van Pelt
29%
RW 28 Joi Niemeyer
29%
RW 32 Jordan Anderson
29%
Bachelor 19 Jordan Branch
29%
Bachelorette 16 Jordan Chapman
29%
Great British Baking Show 5 Jordan Cox
29%
EOTB UK 3, 4, 5; CBB UK 20 Jordan Davies
29%
MC 5 Jordan Kaminski
29%
BIP 5, 6; Bachelorette 14 | Bachelorette 14; BIP 5, 6 Jordan Kimball
29%
AR 16; BB 11, 13 | BB11, 13; AR 16 Jordan Lloyd
29%
Bachelorette 16 Jordan Manier
29%
BIP 5; Bachelor NZ; BWG Jordan Mauger
29%
BBCAN 3 Jordan Parhar
29%
AR 16 Jordan Pious
29%
LI UK 1 Jordan Ring
29%
Bachelorette 12 Jordan Rodgers
29%
MC 4 Jordan Roots
29%
The Voice 9 Jordan Smith
29%
Challenge 24-26, 30, 34, 35; RW 28 | RW 28; Challenge 24-26, 30, 34, 35 Jordan Wiseley
29%
EOTB UK 7 Jordan Wright
29%
AI 6 Jordin Sparks
29%
Endurance 6 Jordyn Barbato
29%
Bachelorette 1 Josh
29%
AR 27 Josh Ahern
29%
Bachelorette 10 Josh Bauer
29%
Survivor 29 Josh Canfield
29%
RW 23 Josh Colon
29%
AR 4 Josh Cottingham
29%
Bachelorette 3 Josh Cox
29%
BBCAN 9 Josh Farnworth
29%
BB3 Josh Feinberg
29%
RR 7; Challenge 5 Josh Florence
29%
The Voice 11 Josh Gallagher
29%
The Voice 11 Josh Halverson
29%
Bachelor LTYH Josh Hester
29%
The Voice 6 Josh Kaufman
29%
AR 21 Josh Kilmer-Purcell
29%
The Voice 5 Josh Logan
29%
MC 3 Josh Marks
29%
BB 19; Challenge 33-36 | Challenge 33-36; BB 19 Josh Martinez
29%
BIP 3; Bachelorette 10 | Bachelorette 10; BIP 3; CvS 2 Josh Murray
29%
MCJR 2 Josh Reisner
29%
EOTB UK 6, 7; LI UK 1 | LI UK 1; EOTB UK 6, 7 Josh Ritchie
29%
Bachelorette 11 Josh Seiter
29%
BB1 Josh Souza
29%
BIP 2; Bachelorette 11 | Bachelorette 11; BIP 2 Joshua Albers
29%
The Voice 8 Joshua Davis
29%
AI 2 Joshua Gracin
29%
BB9 Joshuah Welch
29%
AI 11 Joshua Ledet
29%
HK 3 Josh Wahler
29%
The Voice 12 Josh West
29%
Bachelorette 5 Josh Yocam
29%
Worst Cooks 21 Joy Blessing
29%
BIP 2; Bachelor 19 | Bachelor 19; BIP 2 Juelia Kinney
29%
Survivor 38 Julia Carter
29%
MC 9 Julia Danno
29%
AI 2 Julia DeMato
29%
AI 18 Julia Gargano
29%
Survivor 26 Julia Landauer
29%
Temptation Island 3 Julian Allen
29%
BB17; Challenge 33 | Challenge 33; BB 17 Julia Nolan
29%
Bachelor LTYH Julia Rae
29%
AYTO 4 Julia Rose
29%
AR 12 Julia Ruiz
29%
Survivor 32 Julia Sokolowski
29%
HK 3 Julia Williams
29%
Bachelor 4 Julie
29%
Survivor 9 Julie Berry
29%
Bachelor 13 Julie Dermotta
29%
Endurance 4 Julie Dubela
29%
Bachelor 5 Julie Durda
29%
RW1 Julie Gentry
29%
Survivor 29 Julie McGee
29%
Bachelorette 5 Julien Hug
29%
Survivor 38 Julie Rosenberg
29%
Challenge 4, 6, 8, 10, 11; RW 9 | RW 9; Challenge 3, 6, 10, 11 Julie Stoffer
29%
BBCAN 9 Julie Vu
29%
Survivor 22 Julie Wolfe
29%
Bachelor 11 Juli Gilliam
29%
EOTB 1 June Robinson
29%
BB4 Jun Song
29%
Temptation Island 1 Kaci Campbell
29%
Bachelor 16, 17 Kacie Bogueskie
29%
Temptation Island 1 Kady Krambeer
29%
Survivor 37 Kara Kay
29%
BB14 Kara Monaco
29%
Bachelor 19 Kara Wilson
29%
BB1 Karen Fowler
29%
BB5 Karen Ganci
29%
AR 5 Karen Heins
29%
Bachelor 5 Karen Lindsay
29%
AI 10 Karen Rodriguez
29%
BBCAN 5 Karen Singbeil
29%
Bachelor 4 Karin
29%
Temptation Island 1 Karl Collins
29%
AR 5 Karli French
29%
The Voice 13 Karli Webster
29%
Circle 1 Karyn Blanco
29%
AR 1 Karyn Jefferson
29%
BP 2; Bachelorette 6 | Bachelorette 6; BP 2 Kasey Kahl
29%
Bachelorette 9 Kasey Stewart
29%
AR 17 Kat Chang
29%
AUS 3 Kat Dumont
29%
BB 21 Kat Dunn
29%
Bachelor 10 Kate Brockhouse
29%
AUS 3 Kate Campbell
29%
Survivor 24, 27 Kat Edorsson
29%
CA 7 Kate Gosselin
29%
Temptation Island 2 Kate Griffith
29%
MCJR 7 Kate Hendon
29%
Great British Baking Show 5 Kate Henry
29%
AR 12 Kate Lewis
29%
AUS 4 Kate Temby
29%
The Voice 17 Kat Hammock
29%
AI 5 Katharine McPhee
29%
AYTO 5 Kathryn Palmer
29%
Bachelor 18 Kat Hurd
29%
Bachelor 1 Katie
29%
The Voice 10 Katie Basden
29%
AR 22 Katie Bichler
29%
EOTB UK 8 Katie Champ
29%
Survivor 27 Katie Collins
29%
Challenge All Stars Katie Cooley
29%
MC 7 Katie Dixon
29%
Challenge 7-9, 11, 12, 15, 17, 18, 20, All Stars 1; RR 10 | RR 10; Challenge 7-9, 11, 12, 15, 18, 20 Katie Doyle
29%
Survivor 10 Katie Gallagher
29%
Bachelor 5 Katie Gehart
29%
Survivor 25 Katie Hanson
29%
The Voice 17 Katie Kadan
29%
Bachelor 17 Katie Levans
29%
EOTB UK 9 Katie Mann
29%
BIP 6; Bachelor 23 | Bachelor 23; BIP 6 Katie Morton
29%
LI UK 2 Katie Salmon
29%
AR 17 Katie Seamon
29%
AI 9 Katie Stevens
29%
Bachelor 25 Katie Thurston
29%
Challenge 3; RW 4 | RW4; Challenge 3 Kat Ogden
29%
The Voice 6 Kat Perkins
29%
The Voice 5 Kat Robichaud
29%
Worst Cooks 2 Kat Rose
29%
Worst Cooks 15 Kat Schuessler
29%
BBCAN 1 Kat Yee
29%
Survivor 2 Kel Gleason
29%
Survivor 39 Kellee Kim
29%
AR 21 Kelley Carrington-French
29%
Bachelor 24 Kelley Flanagan
29%
RW 9; Challenge 5 Kelley Limp
29%
Survivor 29, 31, 38 Kelley Wentworth
29%
AR 10 Kellie Patterson
29%
EOTB 3 Kellie Sweet
29%
AR 32 Kellie Wells-Brinkley
29%
Worst Cooks 3 Kelli Powers
29%
AR 27 Kelly Berning
29%
Survivor 21 Kelly Bruno
29%
Love Is Blind 1 Kelly Chase
29%
AI 1 Kelly Clarkson
29%
AR 13 Kelly Crabb
29%
Survivor 17 Kelly Czarnecki
29%
Bachelor 17 Kelly Dutton
29%
Survivor 3 Kelly Goldsmith
29%
Worst Cooks 2 Kelly Gray
29%
Bachelor 12 Kelly Hark
29%
Worst Cooks 1 Kelly Johnson
29%
AR 7 Kelly McCorkle
29%
Worst Cooks 18 Kelly Ngoc Mac
29%
AR 4 Kelly Parks
29%
Survivor 30 Kelly Remington
29%
Survivor 19 Kelly Sharbaugh
29%
Survivor 21 Kelly Shinn
29%
Bachelor 18 Kelly Travis
29%
Survivor 1, 31 Kelly Wiglesworth
29%
Temptation Island 3 Kendal Kirkland
29%
BIP 5; Bachelor 22 | Bachelor 22; BIP 5 Kendall Long
29%
PH 3 Kendall Marie
29%
Challenge 8, All Stars 1; RR 11 | Challenge All Stars | RR 11; Challenge 8 Kendal Sheppard
29%
AR 3 Ken Duphiney
29%
The Four 1 Kendyle Paige
29%
AR 13 Ken Greene
29%
Survivor 17 Ken Hoang
29%
Worst Cooks 5 Ken Hsu
29%
Survivor 33 Ken McNickle
29%
Survivor 5 Ken Stafford
29%
Bachelorette 3 Kevin
29%
BB11, 22 Kevin Campbell
29%
AI 5 Kevin Covais
29%
RW 10 Kevin Dunn
29%
BIP 6; Bachelorette 15 | Bachelorette 15; BIP 6 Kevin Fortenberry
29%
CA 7 Kevin Jonas
29%
AR 8 Kevin Kempskie
29%
BBCAN 3, 5 Kevin Martin
29%
AR 29 Kevin Ng
29%
AR 1, 11 Kevin O'Connor
29%
Worst Cooks 12 Kevin Pettice
29%
RW1 Kevin Powell
29%
BB 19 Kevin Schlehuber
29%
Worst Cooks 18 Kevin So
29%
BIP 5; Bachelorette CA Kevin Wendt
29%
AR 17 Kevin Wu
29%
Bachelor 1 Kim
29%
Challenge 17, 18; RW 20 Kimberly Alexander
29%
The Voice 16 Kim Cherry
29%
AR 23 Kim DeJesus
29%
Bachelor 9 Kim Jackson
29%
Survivor 3 Kim Johnson
29%
Bachelor 25 Kim Li
29%
AR 5 Kim McAllister
29%
Survivor 10 Kim Mullen
29%
Bachelor 11 Kim Orville
29%
Survivor 3 Kim Powers
29%
AR 1 Kim Smith
29%
Survivor 24, 40 Kim Spradlin
29%
The Voice 2 Kim Yarbrough
29%
AR 28; 31 Korey Kuhl
29%
Floribama Shore Kortni Gilson
29%
Worst Cooks 6 Kortni Montgomery
29%
Survivor 24 Kourtney Moon
29%
Bachelor 1 Kristina Jenkins
29%
Survivor 22 Kristina Kell
29%
EOTB UK 4 Kristina Metcalf
29%
BIP 4, 6; Bachelor 21 | Bachelor 21; BIP 4, 6 Kristina Schulman
29%
AR 28 Kurt Gibson
29%
EOTB UK 8 Kurtis Hartman
29%
RW 11 Kyle Brandt
29%
Challenge 31-36; Geordie Shore | Geordie Shore 8-11, BB-13; Challenge 31-36 Kyle Christie
29%
Endurance 6 Kyle Curtis
29%
Bachelorette 8 Kyle Dillon
29%
Bachelorette 6 Kyle Higgins
29%
Survivor 32 Kyle Jason
29%
BBCAN 9 Kyle Moore
29%
CA 8 Kyle Richards
29%
BBCAN 8 Kyle Rozendal
29%
Moolah Beach Kyle Searles
29%
Bachelorette 13 Kyle Sherwood
29%
BBCAN 2 Kyle Shore
29%
MCJR 7 Kyle Sisitsky
29%
EOTB UK 8 Kyle Walker
29%
Bachelorette 5 Kyle Yauch
29%
AUS 3 Kylie Evans
29%
Endurance 4 Kylie Glessman
29%
Bachelor 18 Kylie Lewis
29%
Bachelor 24 Kylie Ramos
29%
The Voice 11 Kylie Rothfield
29%
AYTO 8 Kylie Smith
29%
AUS 2 Kym Johnson
29%
AR 25 Kym Perfetto
29%
Worst Cooks 16 Kym Whitley
29%
The Voice 17 Kyndal Inskeep
29%
MCJR 4 Kyndall Katson
29%
BIP 3; Bachelor 20 | Bachelor 20; BIP 3 Leah Block
29%
The Four 2 Leah Jenea
29%
AI 3 Leah LaBelle
29%
Survivor 9 LeAnn Slaby
29%
Survivor 9 Lea "Sarge" Masters
29%
Bachelor 4 Lee-Ann
29%
AYTO 7 Lewis Belt
29%
HK 8 Lewis Curtis
29%
EOTB UK 4 Lewis Good
29%
BBCAN 1 Liza Stinton
29%
CA 5 Lou Ferrigno
29%
AI 18 Louis Knight
29%
HK 4 Louis Petrozza
29%
HK 8 Louis Repucci
29%
Geordie Shore 21,22 Louis Shaw
29%
NZS 1 Lou McClintock
29%
BIP 1; Bachelor 18 | Bachelor 18; BIP 1 Lucy Aragon
29%
Survivor 33 Lucy Huang
29%
EOTB 1 Luis Rivera
29%
Great British Baking Show 5 Luis Troyano
29%
Tough As Nails 1 Luis Yuli
29%
THTH 1 Lydia Clyma
29%
AUS 5, 7 Lydia Lassila
29%
Survivor 11 Lydia Morales
29%
BB11 Lydia Tavera
29%
AI 15 MacKenzie Bourg
29%
BIP 2; Bachelor 19 | Bachelor 19; BIP 2 Mackenzie Deonigi
29%
MCJR 6 Mackenzie Patten
29%
AI 16 Maddie Poppe
29%
AI 14 Maddie Walker
29%
AR 32 Maddison McKibbin
29%
BBCAN 4 Maddy Pavle
29%
BBCAN 6 Maddy Poplett
29%
The Voice 9 Madi Davis
29%
Bachelor 15 Madison Garton
29%
Bachelor 24 Madison Prewett
29%
AI 17 Madison VanDenburg
29%
RW 30 Madison Walls
29%
THTH 1 Madison Wyborny
29%
Bachelor 20 Maegan Miller
29%
AR 20 Maiya Tanaka
29%
The Voice 15 MaKenzie Thomas
29%
The Voice 18 Mandi Castillo
29%
Bachelor 20 Mandi Kremer
29%
Challenge 19-22 Mandi Moyer
29%
The Voice 18 Mandi Thomas
29%
Bachelor 5 Mandy Clemens
29%
Bachelor 5 Mandy Jaye Jeffreys
29%
Worst Cooks 10 Mandy Thornton
29%
Worst Cooks 14 Marcus Ellis
29%
BIP 1; Bachelorette 10 | Bachelorette 10; BIP 1 Marcus Grodd
29%
Survivor 17 Marcus Lehman
29%
Bachelorette 2 Marcus Pierce
29%
AR 19 Marcus Pollard
29%
EOTB 1 Marcus Rosenzweig
29%
Survivor 11 Margaret Bobonich
29%
The Voice 16 Mari
29%
Worst Cooks 13 Maria Bamford
29%
MCJR 6 Maria Dakis
29%
AYTO 7 Maria Elizondo
29%
AR 15 Maria Ho
29%
CA 3 Maria Kanellis
29%
American Grit 1 Maria Kang
29%
Worst Cooks 10 Maria Marcello
29%
AR 6 Maria Sampogna
29%
Bachelor 25 Mari Pepin
29%
Survivor 33 Mari Takahashi
29%
AR 10, 11 Mary Conley
29%
Bachelor 4, 6 Mary Delgado
29%
AR 2 Mary Lenig
29%
The Voice 10 Mary Sarah
29%
Survivor 16 Mary Sartain
29%
AUS 5, 7 Mat Rogers
29%
Bachelorette 1 Matt
29%
Survivor 26 Matt Bischoff
29%
HK 4 Matt Bloch
29%
Bachelorette 7 Matt Colombo
29%
Worst Cooks 2 Matt Crespi
29%
AR 26 Matt Cucolo
29%
Worst Cooks 9 Matt Dallas
29%
AR 22 Matt Davis
29%
BIP 6; Bachelorette 15 | Bachelorette 15; BIP 6 Matt Donald
29%
AUS 5 Matt Dyson
29%
Survivor 22 Matt Elrod
29%
AUS 6 Matt Farrelly
29%
AI 8 Matt Giraud
29%
Bachelor 12 Matt Grant
29%
AR 8 Matt Hanson
29%
Love Is Blind 1 Matthew Barnett
29%
BB 19 Matthew Clines
29%
Bachelorette 2 Matthew Hickl
29%
The Voice 16 Matthew Johnson
29%
AI 3 Matthew Rogers
29%
The Voice 5 Matthew Schuler
29%
MCJR 7 | THTH 1 Matthew Smith
29%
Bachelorette 15 Matthew Spraggins
29%
Survivor 6 Matthew von Ertfelda
29%
BB12 Matt Hoffman
29%
MC 9 Matt Houck
29%
Challenge 33, 35 | Floribama Shore Mattie Lynn Breaux
29%
CA 8 Matt Iseman
29%
Bachelor 25 Matt James
29%
Worst Cooks 10 Matt Josephs
29%
Bachelorette 3 Matt L.
29%
AR 29 Matt Ladley
29%
Bachelorette 3 Matt M.
29%
The Voice 7 Matt McAndrew
29%
BB9 Matt McDonald
29%
BIP 4; Bachelorette 13 | Bachelorette 13; BIP 4 Matt Munson
29%
Survivor 24 Matt Quinlan
29%
Bachelor LTYH Matt Ranudo
29%
AR 1 Matt Robar
29%
RW 8 Matt Simon
29%
RW 9; Challenge 7 Matt Smith
29%
AR 28 Matt Steffanina
29%
Hunted 1 Matt Sundberg
29%
AUS 3 Matt Tarrant
29%
AR 15 Matt Tomljenovich
29%
RW 33 Meagan Melancon
29%
AR 7 Megan Baker
29%
BIP 2; Bachelor 19 | Bachelor 19; BIP 2 Megan Bell
29%
EOTB UK 2 Megan Clark
29%
The Voice 18 Megan Danielle
29%
Bachelor 24 Megan Hops
29%
AI 8 Megan Joy
29%
AR 8 Megan Linz
29%
BB 19 Megan Lowder
29%
EOTB UK 3, 4; CBB UK 17; Xfactor C 1 Megan McKenna
29%
EOTB 4 Megan Nash
29%
Bachelor 13 Megan Parris
29%
EOTB UK 11 Megan Rapley
29%
EOTB UK 3 Megan Rees
29%
AR 22, 25 Meghan Camarena
29%
The Voice 8 Meghan Linsey
29%
Bachelor 15 Meghan Merritt
29%
AR 15 Meghan Rickey
29%
BB17 Meg Maley
29%
AI 6 Melinda Doolittle
29%
Survivor 12 Melinda Hyder
29%
Challenge 12, 15, 20, 23; RW 16 | RW 16; Challenge 12, 15, 20, 23 Melinda Stolp
29%
The Voice 14 Mia Boostrom
29%
HK 18 Mia Castro
29%
MCJR 4 Mia Evans
29%
Survivor 9 Mia Galeotalanza
29%
The Voice 7 Mia Pfirrman
29%
MCJR 3 Mia Wurster
29%
The Voice 8 Mia Z
29%
Survivor 19 Mick Trimming
29%
The Voice 13 Mitchell Lee
29%
Survivor 2 Mitchell Olsen
29%
MCJR 2 Mitchell Vasquez
29%
Challenge 11, 15, 17; RW 15 | RW 15; Challenge 11, 15, 17 MJ Garrett
29%
Bachelor 25 MJ Snyder
29%
Survivor 39 Molly Byman
29%
Bachelor 13 Molly Malaney
29%
MCJR 1 Molly Round
29%
The Voice 2 Naia Kete
29%
EOTB UK 9 Natalee Harris
29%
Survivor 37 Natalia Azoqa
29%
AR 21, 25; Survivor 29, 40; Challenge 36 | Challenge 36; Survivor 29, 40; AR 21, 24 | Survivor 29, 40; AR 21, 24; Challenge 36 Natalie Anderson
29%
HK 9 Natalie Blake
29%
Survivor 16 Natalie Bolton
29%
BB5 Natalie Carroll
29%
Survivor 37 Natalie Cole
29%
BB9 Natalie Cunial
29%
CBB 2 Natalie Eva Marie
29%
BP 1; Bachelor 13 | Bachelor 13; BP 1 Natalie Getz
29%
CA 2 Natalie Gulbis
29%
MCJR 2 Natalie Jawher
29%
BB11 Natalie Martinez
29%
BB 18; Challenge 31-33 | Challenge 31-33; BB 18 Natalie Negrotti
29%
Challenge 33, 34; ANW Natalie "Ninja" Duran
29%
Geordie Shore 19-21 Natalie Phillips
29%
The Voice 13 Natalie Stovall
29%
Survivor 22 Natalie Tenerelli
29%
Bachelor 11 Natalie Velasco
29%
Survivor 19 Natalie White
29%
American Grit 2 Nathalie Martin
29%
Bachelorette 8 Nathan Baake
29%
MC 7 Nathan Barnhouse
29%
Challenge 2, 7; RW 7 | RW 7; Challenge 2, 7 Nathan Blackburn
29%
Geordie Shore 10-22 Nathan Henry
29%
The Voice 8 Nathan Hermida
29%
LI UK 3 Nathan Joseph
29%
BB4 Nathan Marlow
29%
LI UK 2 Nathan Massey
29%
MCJR 3 Nathan Odom
29%
AYTO 2; Challenge 28 Nathan Siebenmark
29%
AR 32 Nathan Worthington
29%
Survivor 32 Neal Gottlieb
29%
MC 8 Necco Ceresani
29%
Challenge 2; RW 4 | RW4; Challenge 2 Neil Forrester
29%
BB9 Neil Garcia
29%
MCJR 7 Neko Masi
29%
AYTO 3; Challenge 28-32, 35, 36; EOTB 2 | Challenge 28-32, 35, 36; AYTO 3; EOTB 2 | EOTB 2; AYTO 3; Challenge 28-32, 35 Nelson Thomas
29%
EOTB 4; LIUK 4 Niall Aslam
29%
Challenge 25, 26; RW 28 | RW 28; Challenge 25, 26 Nia Moore
29%
BB 21, 22 Nicole Anthony
29%
Challenge 34; EOTBUK 6 | EOTB UK 6; Challenge 34 Nicole Bass
29%
AYTO 4 Nicole Brown
29%
Endurance 3 Nicole Clark
29%
Bachelor 10 Nicole Clary
29%
Survivor 7 Nicole Delma
29%
EOTB UK 7 Nicole Dutt
29%
AR 31; BB 16, 18, 22 | BB16, 18, 22; AR 31 Nicole Franzel
29%
AR 23 Nicole Jasper
29%
BIP 6; Bachelor 23 | Bachelor 23; BIP 6 Nicole Lopez-Alvar
29%
Bachelor 13 Nicole Mah
29%
Bachelor 19 Nicole Meacham
29%
RW 10 Nicole Mitsch
29%
THTH 1 Nicole O'Brien
29%
Challenge 27, 28, 30, 31; EOTB 2 | EOTB 2; Challenge 27, 28, 30, 31 Nicole Ramos
29%
BB2 Nicole Schaffrich
29%
AYTO 6 Nicole Spiller
29%
Worst Cooks 9 Nicole Sullivan
29%
Temptation Island 1 Nicole Tutwohl
29%
Challenge 29, 31, 36; RW 30; EOTB 4 | EOTB 4; RW 30; Challenge 29, 31, 36 | RW 30; Challenge 29, 32, 36 Nicole Zanatta
29%
AUS 2 Nicolle Dickson
29%
BBCAN 8 Nico Vera
29%
AI 4 Nikko Smith
29%
Survivor 24 Nina Acosta
29%
Bachelor 23 Nina Bartula
29%
Worst Cooks 17 Nina Kharoufeh
29%
Survivor 30 Nina Poersch
29%
The Four 2 Noah Barlass
29%
Bachelorette 16 Noah Erb
29%
The Voice 13 Noah Mac
29%
Challenge 2; RR 5 | RR 4; Challenge 2 Noah Rickun
29%
MC 10 Noah Sims
29%
The Voice 16 Oliv Blu
29%
AR 29 Olive Beauregard
29%
Survivor 7 Osten Taylor
29%
BBCAN 6 Paras Atashnak
29%
AI 5 Paris Bennett
29%
EOTB 4 Paris Decaro
29%
AYTO 2 Paris Eike
29%
MCJR 3 Parker LaRocco
29%
BB9 Parker Somerville
29%
Survivor 37 Pat Cusack
29%
AR 12 Pat Hendrickson
29%
AR 1 Pat Pierce
29%
Survivor 4 Patricia Jackson
29%
Survivor 35 Patrick Bolton
29%
Bachelorette 4 Patrick Carlson
29%
HK 10 Patrick Cassata
29%
Bachelorette 4 Patrick Duerrere
29%
EOTB UK 11 Patrick Hale
29%
Bachelorette 10 Patrick Jagodzinski
29%
RR 13 Patrick Maloney
29%
The Voice 1 Patrick Thomas
29%
The Voice 6 Patrick Thompson
29%
AR 7 Patrick Vaughn
29%
Bachelorette 1 Paul
29%
BB 18, 19 Paul Abrahamian
29%
AR 1 Paul Alessi
29%
Bachelorette 4 Paul Brosseau
29%
BBCAN 2 Paul Jackson
29%
AI 12 Paul Jolley
29%
AI 10 Paul McDonald
29%
HK 9 Paul Niedermann
29%
CA 5 Paul Teutul Sr.
29%
Survivor 33 Paul Wachter
29%
Bachelorette 6 Phil Kayden
29%
AI 11 Phillip Phillips
29%
Survivor 22, 26 Phillip Sheppard
29%
Endurance 2 Phil Morelli
29%
BBCAN 4 Phil Paquette
29%
AI 6 Phil Stacey
29%
The Voice 7 Reagan James
29%
The Voice 15 Reagan Strange
29%
Bachelor 15 Rebecca
29%
Survivor 13 Rebecca Bowman
29%
AR 6 Rebecca Cardon
29%
Worst Cooks 1 Rebecca Hooper
29%
The Voice 16 Rebecca Howell
29%
Bachelor 12 Rebecca LeBlanc
29%
Challenge 4; RW 7 | RW 7; Challenge 4 Rebecca Lord
29%
Geordie Shore 2-3 Rebecca Walker
29%
AR 8 Rebecca Weaver
29%
Bachelor 19 Reegan Cornwell
29%
BBCAN 8 Rianne Swanson
29%
Bachelorette 2 Rick
29%
AR 27 Rick Chac
29%
Survivor 38 Rick Devens
29%
Temptation Island 2 Rick Fleur
29%
Survivor 23 Rick Nelson
29%
Worst Cooks 14 Robbie DeRaffele
29%
AR 25 Robbie E Strauss
29%
RW 32 Robbie Padovano
29%
AUS 5 Robbie Skibicki
29%
Bachelorette 5 Robby Descant
29%
BIP 4, 5; Bachelorette 12 | Bachelorette 12; BIP 4, 5 Robby Hayes
29%
Bachelorette 16 Robby Stahl
29%
Bachelor 12 Robin Canfield
29%
Worst Cooks 19 Robin Givens
29%
Challenge 9-11, 13, 15-17, 21, 22; RW 14 | RW 14; Challenge 9-11, 13, 15-17, 21, 22 Robin Hibbard
29%
HK 10, 17 Robyn Almodovar
29%
Worst Cooks 12 Robyn Hayden
29%
Bachelor 17 Robyn Howard
29%
HK 3 Rock Harper
29%
Survivor 14 Rocky Reid
29%
AUS 6 Ross Clarke-Jones
29%
CBB 1 Ross Mathews
29%
EOTB UK 1, 6 Ross Worswick
29%
AR 4 Russell Brown
29%
Survivor 19, 20, 22; AUS 5 Russell Hantz
29%
Bachelor LTYH Russell Johnson
29%
BB11 Russell Kairouz
29%
AR 2 Russell Kalenberg
29%
HK 8 Russell Kook
29%
Survivor 19 Russell Swan
29%
Bachelorette 1 Russell Woods
29%
Survivor 6 Ryan Aiken
29%
BBCAN 6 Ryan Ballantine
29%
BIP 3; Bachelorette 11 | Bachelorette 11; BIP 3 Ryan Beckett
29%
Bachelorette 8 Ryan Bowers
29%
Bachelor 25 Ryan Claytor
29%
RW 21 Ryan Conklin
29%
MC 9 Ryan Cortez
29%
AR 21 Ryan Danz
29%
EOTB 4; AI Ryan Gallagher
29%
Worst Cooks 18 Ryan Grovey
29%
BP 3; Bachelorette 4 | Bachelorette 4; BP 3 Ryan Hoag
29%
Challenge 12, 15-17, 19 Ryan Kehoe
29%
Challenge 23, 24, 26; RW 24 | RW 24; Challenge 23, 24, 26 Ryan Knight
29%
RW 24 Ryan Leslie
29%
CBB 2 Ryan Lochte
29%
Bachelorette 2 Ryan M.
29%
AYTO 1 Ryan Malaty
29%
Bachelorette 11 Ryan McDill
29%
Bachelorette 7 Ryan Miller
29%
Bachelor LTYH Ryan Neal
29%
Survivor 7 Ryan Opray
29%
Bachelorette 7 Ryan Park
29%
Bachelorette 14 Ryan Peterson
29%
AR 7 Ryan Phillips
29%
BB9 Ryan Quicksall
29%
The Voice 10 Ryan Quinn
29%
Bachelorette 2 Ryan R.
29%
The Voice 7 Ryan Rill
29%
Bachelorette 3 Ryan Sh.
29%
Survivor 7 Ryan Shoulders
29%
Bachelorette 3 Ryan Sm.
29%
Bachelorette 15 Ryan Spirko
29%
AI 1 Ryan Starr
29%
Bachelorette 1 Ryan Sutter
29%
Survivor 35 Ryan Ulrich
29%
MC 3 Ryan Umane
29%
The Voice 6 Ryan Whyte Maloney
29%
MC 9 Samantha Daily
29%
MC 3 Samantha De Silva
29%
Bachelor 16 Samantha Levey
29%
AYTO 7 Samantha McKinnon
29%
Bachelor 20 Samantha Passmore
29%
BBCAN 7 Samantha Picco
29%
BIP 2; Bachelor 19 | Bachelor 19; BIP 2 Samantha Steffen
29%
Bachelor 4 Samentha
29%
AUS 5 Samuel Hinton
29%
Glee Project 1 Samuel Larson
29%
MCJR 2 Samuel Stromberg
29%
Survivor 18 Sandy Burgin
29%
AR 19 Sandy Draghi
29%
Challenge 19 Sandy Kang
29%
The Voice 15 SandyRedd
29%
AR 29 Sara Fowler
29%
AUS 6 Sarah Ayles
29%
Endurance 3 Sarah Baker
29%
RW 5 Sarah Becker
29%
Worst Cooks 6 Sarah Bettendorf
29%
Bachelor 7 Sarah Brice
29%
RW 15 Sarah Burke
29%
Bachelor 24 Sarah Coffin
29%
Survivor 25 Sarah Dawson
29%
MC 10 Sarah Faherty
29%
EOTB UK 3 | Geordie Shore 14 Sarah Goodhart
29%
The Voice 15 Sarah Grace
29%
RR 11; Challenge 7 Sarah Greyson
29%
BBCAN 3 Sarah Hanlon
29%
Worst Cooks 14 Sarah Harris
29%
BIP 1, 3; Bachelor 17 | Bachelor 17; BIP 1, 3 Sarah Herron
29%
BB6 Sarah Hrejsa
29%
Survivor 4 Sarah Jones
29%
Survivor 28, 34, 40 Sarah Lacina
29%
MCJR 1 Sarah Lane
29%
Bachelor 15 Sarah Ledtke
29%
AR 13 Sarah Leshner
29%
RR 7 Sarah Martinez
29%
BBCAN 2 Sarah Miller
29%
BP 3; Bachelor 11 | Bachelor 11; BP 3 Sarah Newlon
29%
The Voice 8 Sarah Potenza
29%
Bachelor 15 Sarah Powell
29%
RW 20 Sarah Ralston
29%
AR 10 Sarah Reinerstsen
29%
Challenge 18-25; 28; RW 21 | RW 21; Challenge 18-25; 28 Sarah Rice
29%
Bachelor 9 Sarah Schnare
29%
The Voice 4 Sarah Simmons
29%
Bachelor 8 Sarah Stone
29%
AUS 4 Sarah Tillke
29%
Bachelor 25 Sarah Trott
29%
BIP 4; Bachelor 21 | Bachelor 21; BIP 4 Sarah Vendal
29%
AR 30 Sarah Williams
29%
MC 6 Sara Zacek
29%
Survivor 21 Sash Lenahan
29%
Survivor 32 Scot Pollard
29%
Bachelorette 15 Scott Andersen
29%
AR 9 Scott Braginton-Smith
29%
BBOTT Scott Dennis
29%
AR 29 Scott Flanary
29%
AR 28 Scott Fowler
29%
CA 2 Scott Hamilton
29%
RW 21 Scott Herman
29%
BB20 Scottie Salton
29%
MC 3 Scott Little
29%
BB5 Scott Long
29%
AI 8 Scott MacIntyre
29%
HK 18 Scott Popovic
29%
AI 4 Scott Savol
29%
AR 25 Scott Strazzullo
29%
LI UK 2 Scott Thomas
29%
Geordie Shore 4-15, 18-19; CBB UK 17; EOTB 4 Scott Timlin
29%
BB4 Scott Weintraub
29%
AI 10 Scotty McCreery
29%
EOTB UK 4; Geordie Shore 4-15, 18-19; CBB UK 17 Scotty T
29%
Bachelorette 2 Sean
29%
Worst Cooks 3 Sean Bennett
29%
Challenge 1, 5; RW 6 | RW 6; Challenge 1, 5 Sean Duffy
29%
Survivor 1 Sean Kenniff
29%
MCJR 2 Sean Le
29%
Challenge 34, 35; Shipwrecked Sean Lineker
29%
Bachelor 17; Bachelorette 8; DWTS 16 | Bachelorette 8; Bachelor 17; DWTS 16 | Worst Cooks 11 Sean Lowe
29%
EOTB UK 6 Sean Pratt
29%
Bachelorette 4 Sean Ramey
29%
Survivor 4 Sean Rector
29%
Circle 1 Sean Taylor
29%
BBOTT Shane Chapman
29%
AUS 5, 7 Shane Gould
29%
Challenge 6, 8, 9, 12, 29, 32, 33; RR 11 | RR 11, 14; Challenge 6, 8, 9, 12, 29, 31, 32 Shane Landrum
29%
BB14 Shane Meaney
29%
AR 23 Shane Partlow
29%
Survivor 12 Shane Powers
29%
The Voice 17 Shane Q
29%
Challenge 27, 30 Shane Raines
29%
RW4; Challenge 5 Sharon Gitau
29%
AR 8 Sharon Godlewski
29%
Worst Cooks 17 Sharon Grant
29%
BB9 Sharon Obermueller
29%
CA 3 Sharon Osbourne
29%
Worst Cooks 12 Sharon Shvarzman
29%
Bachelor 13 Sharon Staebell
29%
HK 4 Sharon Stewart
29%
THTH 1 Sharron Townsend
29%
AUS 6 Shaun Hampson
29%
MC 7 Shaun O'Neale
29%
Bachelorette 11 Shawn Booth
29%
Survivor 7 Shawn Cohen
29%
AR 16 Shawne Morgan
29%
Bachelorette 11 Shawn Evans
29%
CA 7 Shawn Johnson
29%
AR 30 Shawn Marion
29%
Bachelor 16 Shawn Reynolds
29%
RR 8; Challenge 9 Shawn Sealy
29%
The Voice 16 Shawn Sounds
29%
Bachelor 12 Shayne Lamas
29%
RR 6 Shayne McBride
29%
MCJR 5 Shayne Wells
29%
The Voice 5 Shelbie Z
29%
Bachelor 13 Shelby
29%
EOTB UK 1 Shelby Billingham
29%
The Voice 9 Shelby Brown
29%
BBOTT Shelby Stockton
29%
AYTO 2 Shelby Yardley
29%
MC 9 Sid Hoeltzell
29%
The Voice 19 Sid Kingsley
29%
Bachelorette 5 Simon Ambrose
29%
AUS 6 Simon Black
29%
The Voice 11 Simone Gundy
29%
AYTO 1; Challenge 26, 27, 30 | Challenge 26, 28, 30; AYTO 1 Simone Kelly
29%
Survivor 35 Simone Nguyen
29%
EOTB 2; Teen Mom Simon Saran
29%
LI UK 3 Simon Searles
29%
RW 13 Simon Sherry-Wood
29%
CA 8 | Jersey Shore Snooki Polizzi
29%
EOTB UK 8 Sofia Filipe
29%
MCJR 1 Sofia Hublitz
29%
Survivor 30 So Kim
29%
Worst Cooks 1 Sophia Gettys
29%
AI 18 Sophia James
29%
RR 10; Challenge 9 Sophia Pasquis
29%
MCJR 6 Sophia Stark
29%
The Voice 11 Sophia Urista
29%
Survivor 23, 40 Sophie Clark
29%
LI UK 2 Sophie Gradon
29%
EOTB UK 11; Geordie Shore 1-7, BB-19 | Geordie Shore 1-7, BB-19; EOTB UK 11 Sophie Kasaei
29%
Survivor 28, 31 Spencer Bledsoe
29%
BB15 Spencer Clawson
29%
Survivor 18 Spencer Duhm
29%
Worst Cooks 12 Spencer Nick
29%
Bachelorette 16 Spencer Roberston
29%
Bachelor 3 Stephanie
29%
The Voice 5 Stephanie Anne Johnson
29%
Survivor 5 Stephanie Dill
29%
AI 6 Stephanie Edwards
29%
Survivor 36 Stephanie Gonzalez
29%
Bachelor 13 Stephanie Hogan
29%
Worst Cooks 21; 22 Stephanie James
29%
Survivor 36 Stephanie Johnson
29%
AR 13 Stephanie Kacandes
29%
Bachelor 14 Stephanie Mueller
29%
The Voice 12 Stephanie Rice
29%
AR 17 Stephanie Smith
29%
Geordie Shore 16 Stephanie Snowdon
29%
Worst Cooks 5 Stephanie St. Aubin
29%
Worst Cooks 6 Stephanie Streisand
29%
Bachelor 10 Stephanie Tipper
29%
Survivor 22 Stephanie Valencia
29%
Bachelor 10 Stephanie Wilhite
29%
MC 9 Stephanie Willis
29%
The Four 2 Stephanie Zelaya
29%
MC 5 Stephani Syfax-Shepherd
29%
Survivor 13 Stephannie Favor
29%
Survivor 10, 11, 20 Stephenie LaGrossa
29%
RW 18 Stephen Nichols
29%
BB20 Steve Arienta
29%
LI UK 3 Steve Ball
29%
AR 4 Steve Carmody
29%
AR 14 Steve Cole
29%
AR 4 Steve Cottingham
29%
AUS 5 Steve Khouw
29%
Bachelorette 6 Steve Kocsis
29%
AR 26 Steve Langton
29%
RR 10; Challenge 7 Steve Meinke
29%
AR 4 Steve Meitz
29%
The Voice 15 Steve Memmolo
29%
BB17 Steve Moses
29%
AR 16 Steve Smith
29%
AUS 5 Steve Willis
29%
Survivor 22 Steve Wright
29%
AUS 3 Sue Clarke
29%
Survivor 1, 8 Sue Hawk
29%
Worst Cooks 4 Sue Mangogna
29%
Moolah Beach Summer Borden
29%
CA 3 Summer Sanders
29%
MC 2 Suzy Singh
29%
MC 3 Tanya Noble
29%
Survivor 5 Tanya Vance
29%
Survivor 28, 31 Tasha Fox
29%
The Voice 7 Taylor Brashears
29%
AI 5 Taylor Hicks
29%
Worst Cooks 8 Taylor Hooper
29%
The Voice 7 Taylor John Williams
29%
Survivor 33 Taylor Lee Stocker
29%
EOTB UK 6 Taylor Morgan
29%
BIP 4; Bachelor 21 | Bachelor 21; BIP 4 Taylor Nolan
29%
The Voice 7 Taylor Phelan
29%
AYTO 5; EOTB 1 | EOTB 1; AYTO 5 Taylor Selfridge
29%
Endurance 5 Taylor Sisco-McNulty
29%
The Voice 1 Taylor Thompson
29%
MC 9 Taylor Waltmon
29%
AR 3, 11 Teri Pollack
29%
AR 10 Terry Cosentino
29%
Survivor 12, 31 Terry Dietz
29%
Worst Cooks 17 Terry Grawey
29%
The Voice 3 Terry McDermott
29%
MC 7 Terry Mueller
29%
LI UK 2 Terry Walsh
29%
Worst Cooks 15 Terry Yu
29%
Bachelor 3 Tiffany
29%
Worst Cooks 21 Tiffany Billingsly
29%
AR 27 Tiffany Chantell Torres
29%
CA 1 Tiffany Fallon
29%
Bachelor 10 Tiffany Forester
29%
HK 10 Tiffany Johnson
29%
AR 15 | Worst Cooks 3 Tiffany Michelle
29%
HK 3 Tiffany Nagel
29%
EOTB UK 11; Flavor of Love 1, 2; CBB UK 17 Tiffany Pollard
29%
BB 18 Tiffany Rousso
29%
Bachelor 12 Tiffany Thornburg
29%
Bachelor 10 Tiffany Warren
29%
Worst Cooks 4 Tim Burger
29%
AR 30 Tim Janus
29%
The Four 1 Tim Johnson Jr.
29%
Bachelorette 7 Tim McCormack
29%
AR 23 Tim Sweeney
29%
AR 25 Tim Tsao
29%
AI 9 Tim Urban
29%
AR 23 Tim Wiyninger
29%
Bachelorette 2 Todd
29%
Survivor 15 Todd Herzog
29%
EOTB 4 Todd Mauer
29%
The Voice 18 Todd Tilghman
29%
BB 21 Tommy Bracco
29%
AR 19 Tommy Czeschin
29%
Worst Cooks 9 Tommy Davidson
29%
AR 8 Tommy Linz
29%
MCJR 1 Tommy Peters
29%
Survivor 39 Tommy Sheehan
29%
HK 9 Tommy Stevens
29%
MC 6 Tommy Walton
29%
EOTB 1, 2 Tor'I Brooks
29%
AYTO 4; Challenge 30, 32, 34-36; CvS 2,3 | Challenge 30, 32, 34-36; AYTO 4; CvS 2,3 Tori Deal
29%
Challenge 15, 17, 20; RR 14 | RR 14; Challenge 15, 17, 20 Tori Hall
29%
The Voice 1 Tori Thompson
29%
CA 1, 6 Trace Adkins
29%
LI UK 1 Travis Almond
29%
Survivor 9 Travis "BUBBA" Sampson
29%
AR 23 Travis Jasper
29%
Bachelor 8 Travis Lane Stork
29%
Bachelorette 8 Travis Pope
29%
Survivor 18, 20, 27, 40 Tyson Apostol
29%
Survivor 29 Val Collins
29%
AR 32 Vic Newland
29%
AR 31; BB 18; Challenge 31 | BB 18; Challenge 31; AR 31 | Challenge 31; BB18; AR 31 Victor Arroyo
29%
EOTB 1 Victoria Alario
29%
Survivor 38 Victoria Baamonde
29%
AR 6 | Bachelor 24 Victoria Fuller
29%
CA 5 Victoria Gotti
29%
AR 14 Victoria Hunt
29%
Bachelor 25 Victoria Larson
29%
Bachelor 18 Victoria Lima
29%
Bachelor 24 Victoria Paul
29%
BB16 Victoria Rafaeli
29%
MC 5 Victoria Scroggins
29%
EOTB UK 11 Victoria Winterford
29%
BBCAN 9 Victoria Woghiren
29%
AYTO 4 Victoria Wyatt
29%
AR 14 Victor Jih
29%
The Voice 9 Viktor Kiraly
29%
CA 1 Vincent Pastore
29%
The Four 1 Vincint Cannady
29%
Worst Cooks 3 Vinnie Caligiruri
29%
HK 3 Vinnie Fama
29%
HK 8 Vinny Accardi
29%
Challenge 19, 20, 22 Vinny Foti
29%
Jersey Shore Vinny Guadagnino
29%
BIP 3, 4; Bachelorette 12 | Bachelorette 12; BIP 3, 4 Vinny Ventiera
29%
Bachelorette 1 Wayne
29%
AUS 2 Wayne Gardner
29%
Endurance 2 Wayne Williams
29%
The Voice 11 We McDonald
29%
Challenge 12, 13, 18, 19, 22-24, 26, 28, 33-36; RW 16 | RW 16; Challenge 12, 13, 18, 19, 22-24, 26, 28, 33-36 Wes Bergmann
29%
AYTO 1 Wes Buckles
29%
BP 1; Bachelorette 5 | Bachelorette 5; BP 1 Wes Hayden
29%
Survivor 29 Wes Nale
29%
Bachelor 19 Whitney Bischoff
29%
MC 5 Whitney Bray
29%
AR 25; Survivor 23 | Survivor 23, AR 25 Whitney Duncan
29%
The Voice 13 Whitney Fenimore
29%
BIP 6; Bachelor 21 | Bachelor 21; BIP 6 Whitney Fransway
29%
BBOTT Whitney Hogg
29%
MC 1 Whitney Miller
29%
The Four 2 Whitney Reign
29%
The Voice 17 Will Breman
29%
The Voice 5 Will Champlin
29%
AR 21 Will Chiola
29%
Endurance 6 Will Cuddy
29%
Bachelorette 13 Will Gaskins
29%
RW 20 Will Gilbert
29%
RW 32 Will Groomes III
29%
Bachelorette 12 Will Haduch
29%
BB1 William Collins
29%
BP 2; Bachelorette 7 | Bachelorette 7; BP 2 William Holman
29%
BBCAN 5 William Laprise Desbiens
29%
AR 32 Will Jardell
29%
BBCAN 6 Will Kenny
29%
BB2, 7 Will Kirby
29%
HK 9 Will Lustberg
29%
Hunted 1 Will Muzika
29%
Bachelorette 9 Will Reese
29%
Survivor 30 Will Simms II
29%
Survivor 33 Will Wahl
29%
American Grit 2 Will Westwater
29%
BB5 Will Wikle
29%
Survivor 21 Yve Rojas
29%
AUS 4 Ziggy Zagame
29%
LI UK 1 Zoe Basia Brown
29%
AYTO 6 Zoe Pugh
29%
Survivor 4 Zoe Zanidakis
29%
BB15 Aaryn Gries
14%
RR 7 Abe Ingersoll
14%
Challenge 7-10, 14, 16, 20, 22, 27; RR 12 | RR 12, 14; Challenge 7, 8, 9, 10, 14, 16, 20, 22, 27 Abram Boise
14%
Challenge 8, 9, 11, 14; RW 13 | Challenge All Stars | RW 13; Challenge 8, 9, 11, 14 Ace Amerson
14%
Survivor 17 Ace Gordon
14%
AI 5 Ace Young
14%
The Voice 13 Addison Agen
14%
MCJR 4 Addison Osta Smith
14%
BBCAN 2 Adel Elseri
14%
MC 4 Adriana Guillen
14%
The Voice 3 Adriana Louise
14%
AR 16 Adrian Davis
14%
Worst Cooks 17 Adrian Read
14%
MC 2 Adrien Nieto
14%
Endurance 5 Aeriel Miranda
14%
BBCAN 1 AJ Burman
14%
MCJR 3 AJ Espinoza
14%
AI 1 AJ Gil
14%
Bachelorette 16 AJ Jalawan
14%
Moolah Beach AJ Johnson
14%
AUS 4, 7 AK Knight
14%
Circle 1 Alana Duval
14%
AR 32 Alana Folsom
14%
Bachelor 25 Alana Milne
14%
Survivor 23 Albert Destrade
14%
BBCAN 1 Alec Beall
14%
Survivor 29 Alec Christy
14%
AYTO 3 Alec Gonzalez
14%
Worst Cooks 16 Alec Mapa
14%
Survivor 37 Alec Merlino
14%
Bachelorette 8 Alessandro Goulart
14%
AYTO 6 Alexis Eddy
14%
AI 8 Alexis Grace
14%
MCJR 3 Alexis Higgins
14%
Survivor 16 Alexis Jones
14%
Survivor 28 Alexis Maxwell
14%
EOTB 3 Alexis McNeal
14%
Bachelor 18 Alexis Morgado
14%
BIP 4; Bachelor 21 | Bachelor 21; BIP 4 Alexis Waters
14%
Bachelor 10 Alexis Young
14%
EOTB UK 6 Alice Downer
14%
Worst Cooks 4 Alina Bolshakova
14%
Survivor 21 Alina Wilson
14%
The Voice 10 Alisan Porter
14%
AR 5; BB 4, 7 | BB4, 7; AR 5 Alison Irwin
14%
American Grit 2 Alison Kempkey
14%
Survivor 37 Alison Raybould
14%
Bachelor 19 Alissa Giambrone
14%
AYTO 6 Alivia Hunter
14%
AI 8 Allison Iraheta
14%
RR 1 Allison Jones
14%
BB9 Allison Nichols
14%
BBCAN 2 Allison White
14%
Worst Cooks 15 Allison Wolfe
14%
Worst Cooks 15 Alten Poblete
14%
Challenge 7, 11, 14, 23, All Stars; RW 12 | Challenge All Stars, | RW 12; Challenge 7, 11, 14, 23 Alton Williams
14%
MCJR 4 Amaya Baez
14%
Challenge 3, 6; RW 8 | RW 8; Challenge 3, 6 Amaya Brecher
14%
Endurance 4 Amelia Land
14%
Geordie Shore 21,22 Amelia Lily
14%
LI UK 3 Amelia Peters
14%
BP 2; Bachelorette 7 | Bachelorette 7; BP 2 Ames Brown
14%
Challenge 30; RW 31 | RW 31; Challenge 30 Ammo Hall
14%
BB 21 Analyse Talavera
14%
Challenge 24; RW 28 | RW 28; Challenge 24 Anastasia Miller
14%
AUS 6 Anastasia Woolmer
14%
Survivor 22, 26, 34 Andrea Boehlke
14%
MC 7 Andrea Galan
14%
HK 5 Andrea Heinly
14%
Karma 1 Andrea Munoz
14%
Bachelor 9 Andrea Shirley
14%
Bachelor 10 Andy Baldwin
14%
Bachelorette 2 Andy Chang
14%
AR 19 Andy Finch
14%
BB15 Andy Herren
14%
Bachelorette 3 Andy LeRoy
14%
AUS 6 Andy Meldrum
14%
BBCAN 1 Aneal Ramkissoon
14%
Challenge 6, 9, 11, 13, 14, 17, 21, 22, 24, 25, 27, 30, 35, 36, All Stars 1; RW 11 | Challenge All Stars | RW 11; Challenge 6, 9, 11, 13, 14, 17, 21, 22, 24, 25, 27, 30, 35, 36 Aneesa Ferreira
14%
Bachelor 1 | Bachelor 2 | Bachelor 3 Angela
14%
BIP 5, 6; Bachelor 21 | Bachelor 21; BIP 5, 6 Angela Amezcua
14%
Challenge 32; EOTB 1, 2 | EOTB 1, 2; Challenge 31; BGC 15 Angela Babicz
14%
Hunted 1 Angela Brinson
14%
Survivor 36 Angela Perkins
14%
BB20 Angela Rummans
14%
RR 13; Challenge 9 Angela Trimbur
14%
Survivor 37 Angelina Keeley
14%
Jersey Shore Angelina Pivarnick
14%
MC 2 Angel Moore-Soukkay
14%
Challenge 15, RR 14 | RR 14; Challenge 15 Angel Turlington
14%
Survivor 10 Angie Jakusz
14%
Survivor 25 Angie Layton
14%
AI 12 Angie Miller
14%
BB10 Angie Swindell
14%
BBCAN 8 Angie Tackie
14%
BBCAN 2 Anick Gervais
14%
Challenge 29, RW 32 | RW 32; Challenge 29 Anika Rashaun
14%
The Voice 7 Anita Antoinette
14%
AUS 5 Anita Berkett
14%
AR 13 Anita Jones
14%
EOTB UK 2 Anita Kaushik
14%
BIP 5, 6; Bachelor 22 | Bachelor 22; BIP 5, 6 Annaliese Puccini
14%
AUS 4 Anneliese Wilson
14%
Circle 1 Antonio DePina
14%
Endurance 3 Antonio Iannicelli
14%
Survivor 12, 27 Aras Baskauskas
14%
CBB 1 Ariadna Gutierrez
14%
MCJR 6 Ariana Feygin
14%
EOTB 3 Ariana Nova
14%
Karma 1 Ariana Pettit
14%
Endurance 5 Aric Manthey
14%
RW 29 Arielle Scott
14%
Bachelorette 8; Bachelor 22 Arie Luyendyk Jr.
14%
Challenge 9, All Stars; RW 12 | Challenge All Stars | RW 12; Challenge 9 Arissa Hill
14%
BBCAN 2 Arlie Shaban
14%
AI 18 Arthur Gunn
14%
AR 13 Arthur Jones
14%
AR 10 Arti Patel
14%
Survivor 25 Artis Sylvester
14%
AR 20, 31 Art Velez
14%
AYTO 4; Challenge 35; Worst Cooks 12 | Challenge 35; AYTO 4; Worst Cooks 12 | Worst Cooks 12; AYTO 4; Challenge 35 Asaf Goren
14%
BB6 Ashlea Evans
14%
CA 5; EOTB 3 | EOTB 3; MTB 3, 4; CA 5 Aubrey O'Day
14%
Survivor 32, 34, 38 Aubry Bracco
14%
Survivor 38 Aurora McCreery
14%
BB2 Autumn Daly
14%
NZS 1 Avi Duckor-Jones
14%
AR 6 Avi Schneier
14%
Challenge 12 Aviv Bruno
14%
Challenge 4, 6, 9; RR 8 | RR 8; Challenge 4, 6, 9 Ayanna Mackins
14%
Challenge 20; RW 22 | RW 22; Challenge 20 Ayiiia Elizarraras
14%
AUS 6 Baden Gilbert
14%
Worst Cooks 9 Barbara Eden
14%
MC 7 Barbara Savage
14%
NZS 1 Barb Raos
14%
AR 9 Barry Lazarus
14%
AUS 3 Barry Lea
14%
Worst Cooks 7 Barry Williams
14%
Survivor 29 Baylor Wilson
14%
EOTB UK 8 Bea Tetteh
14%
BB6 Beau Beasley
14%
Geordie Shore 19-22 Beau Brennan
14%
AR 29; 31 Becca Droz
14%
EOTB UK 6 Becca Edwards
14%
Bachelor 22; Bachelorette 14 | Bachelorette 14; Bachelor 22 Becca Kufrin
14%
Bachelor 19, 20 Becca Tilley
14%
RW1; Challenge 5 Becky Blasband
14%
BB17 Becky Burgess
14%
Survivor 13 Becky Lee
14%
MC 3 Becky Reams
14%
EOTB UK 8 Becky Taylor
14%
Bachelor 22 Bekah Martinez
14%
Bachelor LTYH Bekah Purifoy
14%
The Voice 11 Belle Jewel
14%
MCJR 6 Beni Cwiakala
14%
Worst Cooks 3 Benjamin Dennis
14%
Worst Cooks 5 Benji Hunter Brown III
14%
AUS 5 Benji Wilson
14%
Bachelorette 16 Bennett Jordan
14%
Survivor 21 Benry Henry
14%
MCJR 2 Berry Nakash
14%
The Voice 16 Betsy Ade
14%
Survivor 19 Betsy Bolan
14%
AUS 3 Bianca Anderson
14%
AR 7 Bianca Smith
14%
AR 15, 18, 25 Big Easy Lofton
14%
AR 9 BJ Averell
14%
BIP 4; Bachelorette 13 | Bachelorette 13; BIP 4 Blake Elarbee
14%
BIP 6; Bachelorette 14 | Bachelorette 14, 6 Blake Horstmann
14%
Glee Project 2 Blake Jenner
14%
BP 2; Bachelorette 7 | Bachelorette 7; BP 2 Blake Julian
14%
Bachelorette 13 Blake Killpack
14%
AI 6 Blake Lewis
14%
Bachelorette 16 Blake Monar
14%
Bachelorette 16 Blake Moynes
14%
AR 2 Blake Mycoskie
14%
Survivor 11 Blake Towsly
14%
AR 5 Bob Barron
14%
HK 4 Bobby Anderson
14%
EOTB UK 9 Bobby Ballard
14%
BBCAN 3 Bobby Hlad
14%
Survivor 10, 11 Bobby Jon Drinkard
14%
Survivor 12 Bobby Mason
14%
PH 3 Bobby Ray
14%
Survivor 17 Bob Crowley
14%
Bachelor 4; Bachelorette 1 | Bachelorette 1 Bob Guiney
14%
Worst Cooks 3 Bob Tamke
14%
Survivor 14 Boo Bernis
14%
BB11 Braden Bacha
14%
Bachelorette 11 Bradley Cox
14%
Worst Cooks 14 Bradley Garcia
14%
Survivor 36 Bradley Kleihege
14%
Bachelorette 10 Bradley Wisk
14%
Bachelorette 13 Brady Ervin
14%
Survivor 9 Brady Finta
14%
Bachelorette 11 Brady Toops
14%
The Voice 9 Braiden Sunshine
14%
CA 2, 6 Brande Roderick
14%
BIP 3; Bachelorette 9 | Bachelorette 9; BIP 3 Brandon Andreen
14%
Worst Cooks 12 Brandon Arroyo
14%
Survivor 11 Brandon Bellinger
14%
AR 5 Brandon Davidson
14%
AYTO 8 Brandon Davis
14%
Bachelorette 16 Brandon Goss
14%
Survivor 23, 26 Brandon Hantz
14%
Endurance 1 Brandon Hendrix
14%
Bachelorette 12 Brandon Howell
14%
RW 27 Brandon Kane
14%
Bachelor LTYH Brandon Mills
14%
EOTB UK 4 Brandon Myers
14%
Challenge 19-21, 23, 25 Brandon Nelson
14%
Survivor 3 Brandon Quinton
14%
AR 23 Brandon Squyres
14%
Challenge 25; RW 27 | RW 27; Challenge 25 Brandon Swift
14%
AYTO 2; Challenge 27 | Challenge 28; AYTO 2 Brandon Tindel
14%
Survivor 21, 26 Brenda Lowe
14%
AR 1 Brenda Mehta
14%
The Voice 11 Brendan Fletcher
14%
HK 9 Brendan Heavey
14%
Bachelorette 16 Brendan Morais
14%
Survivor 36 Brendan Shapiro
14%
Survivor 18 Brendan Synnott
14%
AR 20, 25; BB 12, 13 | BB12, 13; AR 20, 24 Brendon Villegas
14%
AR 1 Brennan Frisbee
14%
AR 16 Brent Horne
14%
Bachelorette 8 Brent Richter
14%
AR 21 Brent Ridge
14%
BBCAN 9 Breydon White
14%
Bachelor 21 Briana Guertler
14%
AYTO 2; Challenge 27, 30 | Challenge 28, 30; AYTO 2 Briana LaCuesta
14%
HK 10 Briana Swanson
14%
Endurance 6 Briana Vega
14%
Challenge 27 Brianna Julig
14%
Challenge 18; RW 20 | RW 20; Challenge 18 Brianna Taylor
14%
Survivor 11 Brianna Varela
14%
MC 6 Brianna Watson
14%
Worst Cooks 20 Brianna Weidenbach
14%
Survivor 28 Brice Johnston
14%
Worst Cooks 19 Bridget Everett
14%
Worst Cooks 18 Bridget Praytor
14%
BB 18 Bridgette Dunning
14%
Challenge 30-32; AYTO 3 Britni Thornton
14%
AR 8 Brittney Rogers
14%
AR 8 Brock Rogers
14%
AR 28 Brodie Smith
14%
RW 22 Bronne Bruzgo
14%
BB 18 Bronte D'Acquisto
14%
Survivor 12 Bruce Kanegai
14%
Challenge 29, RW 30 | RW 30; Challenge 29 Bruno Bettencourt
14%
BBCAN 3, 5 Bruno Ielo
14%
Endurance 3 Bryanah Bascon
14%
The Voice 7 Bryana Salaz
14%
BB2 Bunky Miller
14%
Survivor 7 Burton Roberts
14%
Survivor 6 Butch Lockley
14%
Bachelor 20; BIP 3 Caila Quinn
14%
The Voice 8 Caitlin Caporale
14%
BIP 6; Bachelor 23 | Bachelor 23; BIP 6 Caitlin Clemmens
14%
MC 8 Caitlin Jones
14%
AR 21 Caitlin King
14%
Worst Cooks 15 Caitlin Rose
14%
Bachelor 14 Caitlyn McCabe
14%
Survivor 27 Caleb Bankston
14%
Endurance 6 Caleb Courtney
14%
AI 13 Caleb Johnson
14%
Bachelorette 5 Caleb Kuhl
14%
AI 16 Caleb Lee Hutchinson
14%
BB16; Survivor 32, 34 | Survivor 32, 34; BB 16 Caleb Reynolds
14%
The Voice 19 Cami Clune
14%
Challenge 20-25, 27-30 Camila Nakagawa
14%
LI UK 3 Camilla Thurlow
14%
Floribama Shore Candace Rice
14%
Survivor 18 Candace Smith
14%
The Four 1 Candice Boyd
14%
Survivor 13, 20, 27 Candice Cody
14%
Bachelor 10 Candice DeCost
14%
Challenge 27 Candice Fowler
14%
AI 12 Candice Glover
14%
BB15 Candice Stewart
14%
Survivor 13 Cao Boi Bui
14%
Bachelor 2 Cari
14%
Worst Cooks 5 Carie Pullano-Keller
14%
AYTO 5 Carolina Duarte
14%
Survivor 18 Carolina Eastwood
14%
The Voice 10 Caroline Burns
14%
AR 22, 25 Caroline Cutbirth
14%
The Voice 4 Caroline Glaser
14%
BIP 5; Bachelor 22 | Bachelor 22; BIP 5; BIP AUS 2 Caroline Lunny
14%
The Voice 5 Caroline Pennell
14%
Survivor 30 Carolyn Rivera
14%
Bachelor 25 Carolyn Vallejo
14%
CA 8 Carrie Keagan
14%
HK 9 Carrie Keep
14%
Worst Cooks 4 Carrie Lee Riggins
14%
AI 4 Carrie Underwood
14%
Bachelor 12 Carri Perrier
14%
The Voice 16 Carter Lloyd Horne
14%
The Voice 19 Carter Rubin
14%
Survivor 25 Carter Williams
14%
AYTO 5 Casandra Martinez
14%
BIP 2, 5; Bachelor 18 | Bachelor 18; BIP 2, 3 Cassandra Ferguson
14%
Survivor 14 Cassandra Franklin
14%
BBCAN 4, 5 Cassandra Shahinfar
14%
Bachelor 25 Cassandra Suarez
14%
BB1 Cassandra Waldron
14%
AR 19 Cathi Alden
14%
Bachelor 1 Cathy Grimes
14%
Survivor 33 CeCe Taylor
14%
Survivor 13 Cecilia Mansilla
14%
RW 31 CeeJai' Jenkins
14%
Worst Cooks 8 Chanda Havard
14%
Challenge 12 Chanda Sneed
14%
AR 5, 11 Charla Faddoul
14%
EOTB UK 2, 5; Geordie Shore 1-BB; CBB UK 12; IAC AUS 6; Celebrity Circle 1 Charlotte Crosby
14%
EOTB UK 5 Charlotte Dawson
14%
EOTB UK 8 Charlotte Hughes
14%
Geordie Shore 1-BB; CBB UK 12; IAC AUS 6; Celebrity Circle 1; EOTB UK 2 Charlotte-Letitia Crosby
14%
The Voice 2 Charlotte Sometimes
14%
BIP 6; Bachelorette 13; EOTB 1; Challenge 33 | Bachelorette 12; BIP 6; EOTB 1; Challenge 33 | Challenge 33; EOTB 1; Bachelorette 12 | EOTB 1; Bachelorette 12; BIP 6; Challenge 33 Chase McNary
14%
Bachelorette 15 Chasen Coscia
14%
Bachelorette 16 Chasen Nick
14%
Survivor 21 Chase Rice
14%
Bachelorette 14 Chase Vergason
14%
AR 32 Chee Lee
14%
Geordie Shore 14 Chelsea Barber
14%
BBCAN 7 Chelsea Bird
14%
Survivor 24 Chelsea Meissner
14%
Endurance 1 Chelsea Myers
14%
Temptation Island 3 Chelsea Orcutt
14%
BIP 5; Bachelor 22 | Bachelor 22; BIP 5 Chelsea Roy
14%
MC 9 Chelsea Sargent
14%
Survivor 36 Chelsea Townsend
14%
Bachelor 25 Chelsea Vaughn
14%
Survivor 39 Chelsea Walker
14%
Bachelor 12 Chelsea Wanstrath
14%
AYTO 3 Chelsey Perkins
14%
BB9 Chelsia Hart
14%
BIP 2; Bachelor 18 | Bachelor 18; BIP 2 Chelsie Webster
14%
EOTB UK 7 Che McSorley
14%
AR 20 Cherie Gregg
14%
CA 5 Cheryl Tiegs
14%
MCJR 7 Che Spiotta
14%
Challenge 18, 20, 23, 25; RW 21 | RW 21; Challenge 18, 20, 23, 25 Chet Cannon
14%
EOTB UK 4 Chet Johnson
14%
Worst Cooks 4 Chet Pourciau
14%
Survivor 16 Chet Welch
14%
Bachelor LTYH Cheyenne Arnell
14%
The Four 1 Cheyenne Elliot
14%
AYTO 3; Challenge 28 | Challenge 28; AYTO 3 Cheyenne Floyd
14%
EOTB 2; Fire Island 1 Cheyenne Parker
14%
BB3 Chiara Berti
14%
Survivor 15 Chicken Morris
14%
BB11 Chima Simone
14%
AR 4 Chip Arndt Jr.
14%
AR 5 Chip McAllister
14%
Worst Cooks 6 Chirstina Oster
14%
LI UK 3 Chloe Crowhurst
14%
EOTB UK 7; Geordie Shore 10-22; CBB UK 19 | Geordie Shore 10-22; CBB UK 19; EOTB 7 Chloe Ferry
14%
EOTB UK 1 Chloe Goodman
14%
The Voice 19 Chloe Hogan
14%
The Voice 13 Chloe Kohanski
14%
Moolah Beach Chloe Levenson
14%
THTH 1 Chloe Veitch
14%
Survivor 35 Chrissy Hofbeck
14%
Survivor 7 Christa Hastie
14%
Endurance 2 Christa Scholtz
14%
RR 12; Challenge 8 Christena Pyle
14%
BIP 3; Bachelorette 12 | Bachelorette 12; BIP 3 Christian Bishop
14%
Challenge 4; RR 2 | RR 2; Challenge 3 Christian Breivik
14%
MC 2 Christian Collins
14%
The Voice 11 Christian Cuevas
14%
BIP 6; Bachelorette 14 | Bachelorette 14; BIP 6 Christian Estrada
14%
MC 5 Christian Green
14%
Survivor 37 Christian Hubicki
14%
Endurance 1 Christian Justice
14%
AR 5, 31 Christie Lee Woods
14%
BB 21 Christie Murphy
14%
AR 14 Christie Volkmer
14%
Bachelor 3 Christina
14%
Survivor 24 Christina Cha
14%
AI 1 Christina Christian
14%
The Voice 6 Christina Grimmie
14%
AR 12, 18 Christina Hsu
14%
AYTO 2; Challenge 27, 28 | Challenge 27, 28; AYTO 2 Christina LeBlanc
14%
HK 4 Christina Machamer
14%
Bachelor 14 ChristIna McCasland
14%
RR 6; Challenge 6 Christina Pazsitzky
14%
Bachelor 1 Christina Stencil
14%
RW 13 Christina Trainor
14%
HK 10 Christina Wilson
14%
Hunted 1 Christina Zapolski
14%
BB 19, 22 Christmas Abbott
14%
Bachelorette 14 Christon Staples
14%
MC 6 Christopher Lu
14%
AR 13 Christy Cook
14%
BIP 1; Bachelor 18 Christy Hansen
14%
Survivor 6 Christy Smith
14%
AR 7 Chuck Horton
14%
CBB 1 Chuck Liddell
14%
AR 22 Chuck McCall
14%
AYTO 3; Challenge 32 | Challenge 32; AYTO 3 Chuck Mowery
14%
AR 4 Chuck Shankles
14%
LI UK 3; Ibiza Weekender Chyna Ellis
14%
Survivor 27, 31, 34 Ciera Eastin
14%
AR 27 Cindy Chac
14%
AR 19 Cindy Chiang
14%
AR 4 Cindy Duck
14%
Survivor 11 Cindy Hall
14%
Worst Cooks 8 Cindy Nguyen
14%
Survivor 12, 16, 20, 34 Cirie Fields
14%
AR 26 CJ Harries
14%
AI 13 CJ Harris
14%
Challenge 19, 23; RW 22 | RW 22; Challenge 19, 23 CJ Koegel
14%
AR 17 Claire Champlin
14%
Great British Baking Show 5 Claire Goodwin
14%
AR 2 Claire Jinks
14%
BIP 1, 2; Bachelor 18; Bachelorette 16; BWG | Bachelor 18; Bachelorette 16; BIP 1,2; BWG | Bachelorette 16; Bachelor 18; BIP 1, 2; BWG Clare Crawley
14%
Survivor 3 Clarence Black
14%
American Grit 1 Clare Painter
14%
AI 2 | CA 5 Clay Aiken
14%
BIP 6; Bachelorette 14 | Bachelorette 14; BIP 6 Clay Harbor
14%
BB17 Clay Honeycutt
14%
Survivor 5 Clay Jordan
14%
BB 21 Cliff Hogg III
14%
Survivor 28 Cliff Robinson
14%
Survivor 10 Coby Archa
14%
MCJR 2 Coco Welch
14%
Challenge 16, 18, 25, 27; RW 19 | RW 19; Challenge 16, 18, 25, 27 Cohutta Grindstaff
14%
AR 28 Cole LaBrant
14%
Survivor 35 Cole Medders
14%
The Voice 5 Cole Vosbury
14%
Challenge 14, 16; RW 18 | RW 18; Challenge 14, 16 Colie Edison
14%
AR 5, 31 Colin Guinn
14%
RW 8; Challenge 6 Colin Mortensen
14%
HK 5 Colleen Cleek
14%
Survivor 1 Colleen Haskell
14%
Bachelorette 3 Collin
14%
AUS 3 Conner Berthune
14%
AR 17 Connor Diemand-Yauman
14%
Endurance 5 Connor Finnegan
14%
EOTB UK 2 Connor Hunter
14%
Bachelorette 15 Connor Jenkins
14%
Endurance 6 Connor Konz
14%
BIP 5; Bachelorette 14 | Bachelorette 14; BIP 5; BIP AUS 2 Connor Obrochta
14%
AR 22, 25 Connor O'Leary
14%
BIP 6; Bachelorette 15 | Bachelorette 15; BIP 6 Connor Saeli
14%
AYTO 3 Connor Smith
14%
AR 30 Conor Daley
14%
EOTB UK 5 Conor Scurlock
14%
Challenge 5, 7-9, 12, 14; RW 10 | RW 10; Challenge 5, 7-9, 12, 15 Coral Smith
14%
AR 16, 18, 25 Cord McCoy
14%
AR 31; Survivor 17 | Survivor 17, 26; AR 31 Corinne Kaplan
14%
BIP 4; Bachelor 21 | Bachelor 21; BIP 4 Corinne Olympios
14%
BBOTT Cornbread Ligon
14%
Bachelor 25 Corrinne Jones
14%
EOTB 1; RW 29; Challenge 27-33, 35, 36 Cory Wharton
14%
Survivor 13 Crisitina Coria
14%
AI 9 Crystal Bowersox
14%
Survivor 17 Crystal Cox
14%
Worst Cooks 4 Crystal Lonngeberg
14%
Survivor 32 Cydney Gillon
14%
MCJR 5 Cydney Sherman
14%
AR 2 Cyndi Kalenberg
14%
CA 3 Cyndi Lauper
14%
LI UK 1 Daisy Muller
14%
AUS 6, 7 Daisy Richardson
14%
EOTB UK 9 Daisy Robins
14%
Bachelorette 16 Dale Moss
14%
Survivor 29 Dale Wentworth
14%
Bachelorette 2 Damon Bowers
14%
AR 3 Damon Wafer
14%
BBCAN 7 Dane Rupert
14%
The Voice 7 DaNica Shirey
14%
BIP 1; Bachelor 17 | Bachelor 17; BIP 1 Daniella McBride
14%
Survivor 11, 40 Danni Boatwright
14%
EOTB UK 11 Danni Kedward
14%
Worst Cooks 5 Danny Beyda
14%
Challenge 11; RR 13 | RR 13; Challenge 11 Danny Dias
14%
Survivor 17 Danny "GC" Brown
14%
AI 8 Danny Gokey
14%
AR 20 Danny Horal
14%
Challenge 12, 14, 15, 18, 19, 23; RW 16 | RW 16; Challenge 12, 14, 15, 18, 19, 23 Danny Jamieson
14%
AR 2, 11 Danny Jimenez
14%
AR 23 Danny Merkey
14%
Tough As Nails 1 Danny Moody
14%
Bachelor LTYH Danny Padilla
14%
AYTO 8 Danny Prikazsky
14%
RW 9; Challenge 5 Danny Roberts
14%
HK 5 Danny Veltri
14%
MC 6 Darah Carattini
14%
MCJR 1 Dara Yu
14%
Survivor 32 Darnell Hamilton
14%
Survivor 7 Darrah Johnson
14%
Challenge 7, 8, 10, 12, 18, 29, 30, 36, All Stars 1; RR 11 | Challenge All Stars | RR 11; Challenge 7, 8, 10, 12, 18, 19, 29, 30, 36 Darrell Taylor
14%
Survivor 37 Davie Rickenbacker
14%
Challenge 14, 17, 21; RW 18 | RW 18; Challenge 14, 17, 21 Davis Mallory
14%
The Voice 13 Davon Fleming
14%
BB17, 18, 22; Challenge 32, 33 | Challenge 32, 33; BB 17, 18, 22 Da'Vonne Rogers
14%
Survivor 23, 26 Dawn Meehan
14%
Survivor 2 Debb Eaton
14%
Survivor 18 Debbie Beebe
14%
AR 7 Debbie Cloyed
14%
CA 5 Debbie Gibson
14%
Bachelor 5 Debbie Merkett
14%
Survivor 32, 34 Debbie Wanner
14%
NZS 1 Dee Cambioso
14%
Survivor 6 Deena Bennett
14%
Jersey Shore Deena Nicole Cortese
14%
Challenge 33-35; Geordie Shore | Geordie Shore 17; Challenge 33-35 Dee Nguyen
14%
CA 5, 6 Dee Snider
14%
PH 3 Deiondra Sanders
14%
BIP 6; Bachelor 23 | Bachelor 23; BIP 6 Demi Burnett
14%
MC 2 Derrick Prince
14%
Survivor 36 Desiree Afuye
14%
AR 9 Desiree Cifre
14%
Bachelor 17; Bachelorette 9 | Bachelorette 9; Bachelor 17 Desiree Hartsock
14%
Bachelor 9 Desiree Valentin
14%
Survivor 35 Desi Williams
14%
AUS 3 Des Quilty
14%
AR 30 Dessie Mitcheson
14%
RR 2 Devin Elston
14%
Bachelor 23 Devin Gooden
14%
Bachelorette 15 Devin Harris
14%
BB16 Devin Shepherd
14%
AI 12 Devin Velez
14%
AYTO 3; Challenge 27, 30-32, 36; CvS 3; EOTB 3 | Challenge 28, 30-32, 36; AYTO 3; EOTB 3 | EOTB 3; AYTO 3; Challenge 28, 30-32 Devin Walker-Molaghan
14%
Bachelor 12 Devon Antin
14%
The Voice 1 Devon Barley
14%
Survivor 35 Devon Pinto
14%
The Voice 3 Devyn DeLoera
14%
Challenge 23, 25; RW 21 | RW 21; Challenge 23, 25 Devyn Simone
14%
The Voice 3 Dez Duron
14%
BB5, 7 Diane Henry
14%
Survivor 3 Diane Ogden
14%
BB8, 13 Dick Donato
14%
Challenge 12, 13, 15, 17, 18, 22, 24, 26 Diem Brown
14%
CBB 2 Dina Lohan
14%
Survivor 1 Dirk Been
14%
AR 8 DJ Paolo
14%
Survivor 9 Dolly Neely
14%
BIP 4; Bachelor 21 | Bachelor 21; BIP 4 Dominique Alexis
14%
Bachelor 13 Dominique Carta
14%
BB 19 Dominique Cooper
14%
Survivor 36 Donathan Hurley
14%
Worst Cooks 8 Donna Koen
14%
BP 3 Donna Zitelli
14%
AR 5 Donny Patrick
14%
BB16 Donny Thomson
14%
HK 10 Don Savage
14%
Worst Cooks 4 Dr. Bob Schaefer
14%
Survivor 14 Dreamz Herd
14%
BBCAN 5 Dre Gwenaelle
14%
AYTO 1 Dre McCoy
14%
Survivor 29 Drew Christy
14%
The Voice 14 Drew Cole
14%
BB5 Drew Daniel
14%
AR 1, 11 Drew Feinberg
14%
Moolah Beach Drew Luna
14%
AR 3 Drew Riker
14%
Challenge 16-18, 20, 22, 24; RW 19 | RW 19; Challenge 16-20, 22, 24 Dunbar Merrill
14%
BB8 Dustin Erikstrup
14%
Bachelorette 15 Dustin Kendrick
14%
AR 10, 11 Dustin Seltzer
14%
Challenge 22, 23, 25, 26; RW 25 | RW 25; Challenge 22, 23, 25, 26 Dustin Zito
14%
Survivor 14 Earl Cole
14%
Worst Cooks 1 Eddie Chang
14%
Survivor 26 Eddie Fox
14%
MC 4 Eddie Jackson
14%
HK 3 Eddie Langley
14%
MCJR 5 Eddie Levine
14%
BBCAN 7 Eddie Lin
14%
BB1 Eddie McGee
14%
AYTO 5; Chaellenge 31 | Challenge 31; AYTO 5 Eddie Williams
14%
Circle 1 Ed Eason
14%
Survivor 14 Edgardo Rivera
14%
Survivor 23 Edna Ma
14%
BP 3; Bachelorette 5 | Bachelorette 5; BP 3 Ed Swiderski
14%
Bachelorette 16 Ed Waisbrot
14%
Survivor 39 Elaine Stott
14%
BB 19, EOTB 3 | EOTB 3; BB19 Elena Davies
14%
Karma 1 Elijah Mack
14%
AR 31; BB 15 | BB15; AR 31 Elissa Slater
14%
EOTB UK 11; LI UK 4 Ellie Brown
14%
The Voice 9 Ellie Lawrence
14%
AYTO 2 Ellie Puckett
14%
AUS 2 Elton Flatley
14%
The Voice 7 Elyjuh Rene
14%
EOTB UK 1 Emma Jane Lang
14%
LI UK 2 Emma Jane Woodham
14%
AYTO 4 Emma Sweigard
14%
BBCAN 1 Emmett Blois
14%
Bachelorette 1 Eric
14%
Bachelor 13 Erica DeSimone
14%
Survivor 14 Erica Durousseau
14%
BBCAN 6 Erica Hill
14%
BP 2, 3; Bachelor 9 | Bachelor 9; BP 2, 3 Erica Rose
14%
BP 3 Erica Taltos
14%
Temptation Island 3 Erica Washington
14%
Worst Cooks 3 Erica Weidner
14%
Challenge 12, 13, 15, 17, 20, 23, All Stars 1 Eric Banks
14%
Challenge All Stars Eric "Big Easy" Banks
14%
BIP 5; Bachelorette 13; BWG | Bachelorette 13; BIP 5; BWG Eric Bigger
14%
CA 8 Eric Dickerson
14%
AR 30 Eric Guiffreda
14%
Bachelorette 3 Eric H.
14%
Survivor 38 Eric Hafemann
14%
Bachelorette 10 Eric Hill
14%
MC 7 Eric Howard
14%
RR 11; Challenge 6 Eric Jones
14%
AR 15 Ericka Dunlap
14%
BB6 Eric Littmann
14%
Challenge 1, 6, 9; RW 1 Eric Nies
14%
RW1; Challenge 1, 6, 9 Eric Niles
14%
BB3 Eric Ouellette
14%
Bachelorette 4 Eric Papachristos
14%
AR 15 Eric Paskel
14%
RW 24 Eric Patrick
14%
Worst Cooks 2 Eric Ricupero
14%
AR 9, 11 Eric Sanchez
14%
Worst Cooks 20; 22 Eric Smart
14%
BB8 Eric Stein
14%
Bachelorette 3 Eric T.
14%
Endurance 4 Erika Cook
14%
BB4, 7 Erika Landin
14%
Bachelor 23 Erika McNutt
14%
RR 4 Erika Roen
14%
Worst Cooks 2 Erika Rumsey
14%
AR 5 Erika Shay
14%
Bachelor 16 Erika Uhlig
14%
AI 11 Erika Van Pelt
14%
RW 23 Erika Wasilewski
14%
Survivor 19 Erik Cardona
14%
Worst Cooks 11 Erik Estrada
14%
Survivor 15 Erik Huffman
14%
Survivor 16, 26 Erik Reichenbach
14%
Bachelor 2 Erin
14%
Survivor 5 Erin Collins
14%
Bachelor 11 Erin Gardner
14%
Bachelor 12 Erin Harper
14%
Bachelor 23 Erin Landry
14%
The Voice 2 Erin Martin
14%
Survivor 18 Erinn Lobdell
14%
Bachelor 10 Erin Parker
14%
Temptation Island 3 Erin Smith
14%
Bachelor 12 Erin Storm
14%
Worst Cooks 20 Erin Sullivan
14%
AR 28 Erin White Robinson
14%
The Voice 2 Erin Willett
14%
Worst Cooks 20 Evan Baker
14%
BIP 3; Bachelorette 12 | Bachelorette 12; BIP 3 Evan Bass
14%
MCJR 6 Evan Estrada
14%
AUS 3 Evan Jones
14%
AR 30 Evan Lynyak
14%
The Voice 9 Evan McKeel
14%
MCJR 5 Evan Robinson
14%
Temptation Island 1 Evan Smith
14%
Challenge 12, 13, 15, 17, 18, 21 Evan Starkman
14%
MC 10 Evan Tesiny
14%
Challenge 12, 14-16, 18, 19, 21 Evelyn Smith
14%
Survivor 21 Fabio Birza
14%
MC 3 Felix Fang
14%
AUS 5 Fenella McGowan
14%
BB20; Challenge 35, 36 | Challenge 35, 36; BB 20 Fessy Shafaat
14%
AUS 3, 7 Flick Egginton
14%
AR 15, 18, 25 Flight Time Lang
14%
AR 29; 31 Floyd Pierce
14%
AYTO 4 Francesca Duncan
14%
Survivor 22, 26 Francesca Hogi
14%
AR 29 Francesca Piccoli
14%
AI 18 Francisco Martin
14%
THTH 1 Franesca Farago
14%
MC 10 Fred Chang
14%
AR 6 Freddy Holiday
14%
Bachelorette 4 Fred Greif
14%
BIP 4; Bachelorette 13 | Bachelorette 13; BIP 4 Fred Johnson
14%
Survivor 15 Frosti Zernow
14%
Bachelor LTYH Gabe Baker
14%
HK 8 Gail Novenario
14%
Survivor 28 Garrett Adelstein
14%
The Voice 4 Garrett Gardner
14%
Endurance 5 Garrett Manno
14%
AR 15 Garrett Paul
14%
Bachelorette 15 Garrett Powell
14%
Bachelorette 14 Garrett Yrigoyen
14%
CA 1 Gene Simmons
14%
AR 3 Gerard Duphiney
14%
Survivor 1, 27 Gervase Peterson
14%
Survivor 5 Ghandia Johnson
14%
BP 1, 2; Bachelor 14 | Bachelor 14; BP 1, 2 Gia Allemand
14%
American Grit 2 Gigi Gustin
14%
EOTB UK 4 Gina Barrett
14%
Bachelor 9 Gina Clark
14%
Survivor 4 Gina Crews
14%
AR 3 Gina Diggins
14%
AI 6 Gina Glocksen
14%
Worst Cooks 17 Gina Lam
14%
BB15 GinaMarie Zimmerman
14%
HK 9 Gina Melcher
14%
Bachelor 3 Ginny
14%
Worst Cooks 8 Ginny Meerman
14%
RW2 Glen Naessens
14%
BB 18 Glenn Garcia
14%
BBCAN 3 Godfrey Mangwiza
14%
MC 5 Gordon Houston
14%
The Voice 17 Gracee Shriver
14%
AI 18 Grace Leer
14%
BBCAN 3 Graig Merritt
14%
MCJR 6 Grayson Boudreaux
14%
Bachelorette 5 Greg Bilbro
14%
Survivor 1 Greg Buis
14%
Survivor 10 Gregg Carey
14%
Bachelorette 1 Gregg H.
14%
RW 20 Greg Halstead
14%
Geordie Shore 1 Greg Lake
14%
Bachelorette 4 Greg Matthew
14%
AR 7 Greg Smith
14%
Bachelorette 1 Greg Todtman
14%
Survivor 1 Gretchen Cordy
14%
AR 7 Gretchen Smith
14%
AR 6 Gus McLeod
14%
Challenge 33; Floribama Shore | Floribama Shore Gus Smyrnios
14%
AUS 2 Guy Leech
14%
HK 10 Guy Vaknin
14%
Bachelor 24 Hannah Ann Sluss
14%
BB2 Hardy Ames-Hill
14%
Bachelorette 2 Harold Hersh
14%
AR 6 Hayden Kristianson
14%
BB12; Survivor 27 | Survivor 27; BB 12 Hayden Moss
14%
BB16 Hayden Voss
14%
AYTO 5 Hayden Weaver
14%
AUS 5 Heath Davies
14%
Bachelor 2 | Bachelor 3 | Bachelor 4 Heather
14%
RW1; Challenge 3 Heather B. Gardner
14%
Challenge 24; RW 25 | RW 25; Challenge 24 Heather Cooke
14%
Bachelor 2, 6 Heather Cranford
14%
BBCAN 2 Heather Decksheimer
14%
MC 8 Heather Dombrosky
14%
Challenge 3; RW 1 Heather Gardner
14%
AR 3 Heather Mahar
14%
Challenge 22; RW 25 | RW 25; Challenge 23 Heather Marter
14%
Bachelor 23 Heather Martin
14%
American Grit 2 Heather Pincelli
14%
Bachelor 9 Heather Sneed
14%
HK 18 Heather Williams
14%
MCJR 6 Henry Hummeldorf
14%
AUS 4, 7 Henry Nicholson
14%
AR 30 Henry Zhang
14%
AR 2 Hope Davis
14%
Survivor 26 Hope Driskill
14%
CA 4 Hope Dworaczyk
14%
BB15 Howard Overby
14%
MC 4 Howard Simpson
14%
BB6, 7 Howie Gordon
14%
Karma 1 Huck Flanagan
14%
AR 32 Hung Nguyen
14%
AYTO 3; Challenge 29, 30, 32, 33 | Challenge 29, 30, 32, 33; AYTO 3 Hunter Barfield
14%
Survivor 4 Hunter Ellis
14%
Bachelorette 15 Hunter Jones
14%
The Voice 12 Hunter Plake
14%
AR 8 Hunter Schroeder
14%
Bachelorette 6 Hunter Wagner
14%
Challenge 9, 11, 18; RR 13 | RR 13; Challenge 9, 11, 18 Ibis Nieves
14%
Survivor 10 Ibrehem Rahman
14%
Bachelor 21 Ida Marie DeLosSantos
14%
AR 22 Idries Abdur-Rahman
14%
Worst Cooks 17 Idriss Allison
14%
Challenge 34; LIUK 4 Idris Virgo
14%
BBCAN 2, 5 Ika Wong
14%
Endurance 5 Ike Moody
14%
AUS 2 Imogen Bailey
14%
The Voice 8 India Carney
14%
RW2 Irene Berrera-Kearns
14%
RW 7 Irene McGee
14%
Endurance 4 Isaac Hainley
14%
Challenge 17, 25; RW 19 | RW 19; Challenge 17, 25 Isaac Stout
14%
Bachelorette 16 Ivan Hall
14%
BB6 Ivette Corredero
14%
American Grit 1 Ivette Saucedo
14%
MCJR 7 Ivy Angst
14%
BB17 Jace Agolli
14%
Survivor 29 Jaclyn Schultz
14%
BIP 2; Bachelor 16; BP 3 | BP 3; Bachelor 16; BIP 2 | Bachelor 16; BP 3; BIP 2 Jaclyn Swartz
14%
Bachelor 22; BIP 5 Jacqueline Trumball
14%
Endurance 2 Jacquelynn Pointer
14%
Bachelor 11 Jade Beazley
14%
Bachelor 24 Jade Gilliland
14%
BIP 2; Bachelor 19 | Bachelor 19; BIP 2 Jade Roper
14%
Survivor 19 Jaison Robinson
14%
Survivor 39 Jamal Shipman
14%
AR 23, 25, 31 Jamal Zadran
14%
BB8 Jameka Cameron
14%
BIP 6; Bachelor 23 | Bachelor 23; BIP 6 Jane Averbukh
14%
Survivor 21 Jane Bright
14%
AI 12 Janelle Arthur
14%
Challenge 14, 15; RW 17 | RW 17; Challenge 14, 15 Janelle Casanave
14%
AR 31; BB 6, 7, 14, 22 | BB6, 7, 14, 22; AR 31 Janelle Pierzina
14%
Survivor 39 Janet Carbin
14%
Challenge 2; RW 7 | RW 7; Challenge 2 Janet Choi
14%
Survivor 6 Janet Koth
14%
AUS 6 Janine Allis
14%
Survivor 10 Janu Tornell
14%
The Voice 1 Jared Blake
14%
BIP 2, 3; Bachelorette 11 | Bachelorette 11; BIP 2, 3; BIP AUS 1 Jared Haibon
14%
BBCAN 4 Jared Kesler
14%
AUS 4 Jarrad Seng
14%
BB5, 7 Jase Wirey
14%
BB20 JC Mounduix
14%
EOTB 2 JD Harmon
14%
Challenge 20, 23; RW 21 | RW 21; Challenge 20, 23 JD Ordonez
14%
Bachelorette 14 Jean Blanc
14%
The Voice 7 Jean Kelley
14%
Survivor 6 Jeanne Hebert
14%
Survivor 15 Jean-Robert Bellande
14%
Survivor 5 Jed Hildebrand
14%
BBCAN 9 Jedson Tavernier
14%
Bachelorette 15 Jed Wyatt
14%
The Voice 9 Jeffery Austin
14%
Bachelorette 4 Jeffrey Harris
14%
Survivor 28 Jefra Bland
14%
Challenge 23-26, 30-32, All Stars 1; EOTB 4; RW 24 | Challenge All Stars | EOTB 4; RW 24; Challenge 23-26, 30-32 | RW 24; Challenge 23-26, 30-32 Jemmye Carroll
14%
AUS 3 Jennah-Louise Salkeid
14%
Bachelor 3 Jennifer
14%
MC 2 Jennifer Behm
14%
Bachelor 16 Jennifer Fritsch
14%
RW 32 Jennifer Geoghan
14%
AR 14 Jennifer Hopka
14%
AI 3 Jennifer Hudson
14%
AR 12 Jennifer McCall
14%
HK 9, 17 Jennifer Normant
14%
BIP 3, 6; Bachelor 20 | Bachelor 20; BIP 3, 6 Jennifer Saviano
14%
BB6 Jennifer Vasquez
14%
AR 22, 25 Jennifer Wayne
14%
MC 8 Jennifer Williams
14%
Bachelor 9 Jennifer Wilson
14%
AR 19 Jennifer Young
14%
Floribama Shore Jeremiah Buoni
14%
AI 17 Jeremiah Lloyd Harmon
14%
Survivor 28 Jeremiah Wood
14%
Bachelorette 4 Jeremy Anderson
14%
Challenge 8, 11; RR 12 | RR 12; Challenge 7, 11 Jeremy Blossom
14%
AR 19 Jeremy Cline
14%
Survivor 29, 31, 40 Jeremy Collins
14%
Survivor 37 Jeremy Crawford
14%
Bachelorette 16 Jeremy Higgins
14%
BB15 Jeremy McGuire
14%
AR 9 Jeremy Ryan
14%
AUS 4, 7 Jericho Malabonga
14%
Survivor 3 Jessie Camacho
14%
BB10, 11 Jessie Godderz
14%
BB15 Jessie Kowalski
14%
MC 4 Jessie Lysiak
14%
Endurance 4 Jeszie Geronimo
14%
AR 16, 18, 25 Jet McCoy
14%
Challenge 5, 6, 11, All Stars 1; RR 10 | Challenge All Stars | RR 10; Challenge 5, 6, 11 Jisela Delgado
14%
AR 20, 31 JJ Carrell
14%
Worst Cooks 21 JJ Hurt
14%
AYTO 1; Challenge 26 | Challenge 26; AYTO 1 JJ Jacobs
14%
BIP 2; Bachelorette 11 | Bachelorette 11; BIP 2 JJ Lane III
14%
Bachelorette 10 JJ O'Brien
14%
MCJR 4 JJ O'Day
14%
Survivor 30 Joaquin Souberbielle
14%
BB16 Jocasta Odom
14%
BB14 Jodi Rollins
14%
Challenge 10, 11, 13; RR 13 | RR 13; Challenge 10, 11, 13 Jodi Weatherton
14%
AR 14 Jodi Wincheski
14%
AR 16 Jody Kelly
14%
Challenge 12, 15, 16, 18; RW 16 | RW 16; Challenge 12, 15, 16, 18 Johanna Botta
14%
AR 3, 11 John Vito Pietanza
14%
Bachelor 20; Bachelorette 12 | Bachelorette 12; Bachelor 20 JoJo Fletcher
14%
BB14 JoJo Spatafora
14%
Survivor 10 Jolanda Jones
14%
Survivor 24 Jonas Otsuji
14%
AR 6 Jonathan Baker
14%
CBB 2 Jonathan Bennett
14%
Worst Cooks 17; 22 Jonathan Beyer
14%
Worst Cooks 12 Jonathan Farhat
14%
Bachelorette 12 Jonathan Hamilton
14%
Worst Cooks 21 Jonathan Hanna
14%
BIP 2; Bachelorette 11 | Bachelorette 11; BIP 2 Jonathan Holloway
14%
AR 26 Jonathan Knight
14%
Endurance 4 Jonathan Lebowitz
14%
Survivor 10 Jonathan Libby
14%
Worst Cooks 16 Jonathan Lipnicki
14%
AYTO 8 Jonathan Monroe
14%
Bachelorette 6; BP 1 Jonathan Novack
14%
Survivor 13, 16, 25 Jonathan Penner
14%
Bachelorette 15 Jonathan Saunders
14%
AR 17 Jonathan Schwartz
14%
BIP 4; Bachelorette 13 | Bachelorette 13; BIP 4 Jonathan Treece
14%
Bachelorette 9 Jonathan Vollinger
14%
BP 1; Bachelorette 6 Jonathan "Weatherman" Novack
14%
Endurance 6 Jonathan Young
14%
HK 9 Jonathon Plumley
14%
Challenge 21, 23-26, All Stars 1; RW 22; Endurance 1 | Challenge All Stars | Endurance 1; Challenge 21, 23-26; RW 22 | RW 22; Challenge 21, 23-26; Endurance 1 Jonna Mannion
14%
CA 4 Jose Canseco
14%
HK 18 Jose DeJesus
14%
Challenge 36; AGT 14 Joseph Allen
14%
AR 9 Joseph Meadows
14%
The Voice 19 Joseph Soul
14%
RW 17 Jose Tapia
14%
Challenge 31, 32, 34; EOTBUK 1, 5 | EOTB UK 1, 5; Challenge 31, 32, 34 Joss Mooney
14%
AR 5 Joyce Nicolo
14%
AR 7, 11 Joyce Robinson Agu
14%
BB 18; EOTB 2; Challenge 32; CvS 3 | Challenge 32; BB 18; EOTB 2 | EOTB 2; BB 18; Challenge 32; CvS 3 Jozea Flores
14%
Challenge 33 JP Andrade
14%
Survivor 13 JP Calderon
14%
Survivor 35 JP Hilsabeck
14%
Bachelorette 7 JP Rosenbaum
14%
Survivor 28 J'Tia Taylor
14%
Survivor 18, 20, 34 JT Thomas Jr
14%
BP 1; Bachelorette 5 | Bachelorette 5; BP 1 Juan Barbieri
14%
Bachelor 18; Bachelorette 9 | Bachelorette 9; Bachelor 18 Juan Pablo Galavis
14%
BB15 Judd Daugherty
14%
Survivor 11 Judd Sergeant
14%
RW3 Judd Winick
14%
Worst Cooks 17 Juliann Sheldon
14%
HK 10 Justin Antiorio
14%
MC 6 Justin Banister
14%
RW 33 Justin Blu
14%
Karma 1 Justin Darrigo
14%
RW 8 Justin Deabler
14%
BBOTT Justin Duncan
14%
BB4 Justin Giovinco
14%
AI 1 Justin Guarini
14%
AR 15, 18 Justin Kanew
14%
AUS 2 Justin Melvey
14%
AYTO 8 Justin Palm
14%
BP 2; Bachelorette 6 | Bachelorette 6; BP 2 Justin Rego
14%
BIP 2; Bachelorette 11 | Bachelorette 11; BIP 2 Justin Reich
14%
The Voice 4 Justin Rivers
14%
AR 27 Justin Scheman
14%
BB2 Justin Sebik
14%
Bachelorette 2 Justin Sherrod
14%
The Voice 10 Justin Whisnant
14%
AR 19 Justin Young
14%
Jersey Shore; Worst Cooks 7 Jwoww
14%
Challenge 29-32, 35; RW 31 | RW 31; Challenge 29-32, 35 Kailah Casillas
14%
BB8 Kail Harbick
14%
Bachelor 25 Kaili Anderson
14%
BB15 Kaitlin Barnaby
14%
Bachelor 19; Bachelorette 11; DWTS 29 | Bachelorette 11; Bachelor 19; DWTS 29 Kaitlyn Bristowe
14%
BB20 Kaitlyn Herman
14%
MCJR 4 Kaitlyn Tomeny
14%
AYTO 8 Kai Wes
14%
The Voice 14 Kaleb Lee
14%
BB13 Kalia Booker
14%
Challenge 2; RR 4 | RR 4; Chalenge 2 Kalle Dedolph
14%
CBB 2 Kandi Burruss
14%
AR 10, 11 Kandice Pelletier
14%
RW 15; Challenge 10 Karamo Brown
14%
Bachelor 13 Kari Fajen
14%
AYTO 5 Kari Kowalski
14%
Survivor 39 Karishma Patel
14%
AYTO 8 Kari Snow
14%
Survivor 28, 31 Kass McQuillen
14%
Challenge 19, 21; RW 21 | RW 21; Challenge 19, 21 Katelynn Cusanelli
14%
RR 9 Kathryn Omeg
14%
Bachelor 14 Kathryn Sherlock
14%
BB12 Kathy Hillis
14%
AR 3 Kathy Perez
14%
MC 4 Kathy Prieto
14%
Survivor 16 Kathy Sleckman
14%
Survivor 4, 8 Kathy Vavrick-O'Brien
14%
CBB 2 Kato Kaelin
14%
Bachelor 24 Katrina Badowski
14%
MC 6 Katrina Kozar
14%
The Voice 2 Katrina Parker
14%
Survivor 35 Katrina Radke
14%
RW 32 Katrina Stack
14%
BB20; Challenge 35, 36 | Challenge 35, 36; BB 20 Kaycee Clark
14%
Challenge 31, 32, 34; EOTBUK 2 | EOTB UK 2, 5; BB UK 18; Challenge 31, 32, 34 Kayleigh Morris
14%
BB6, 7, 22 Kaysar Ridha
14%
BB10, 22 Keesha Smith
14%
The Voice 13 Keisha Renee
14%
Bachelorette 3 Keith
14%
Survivor 2 Keith Famie
14%
BB13 Keith Henderson
14%
AYTO 6 Keith Klebacher
14%
Bachelorette 2 Keith Kromanik
14%
Survivor 29, 31 Keith Nale
14%
The Voice 15 Keith Paluso
14%
The Voice 9 Keith Semple
14%
Survivor 38 Keith Sowell
14%
AR 25; Survivor 23 | Survivor 23, AR 25 Keith Tollefson
14%
Challenge 16, 18, 27, 28, All Stars 1; RW 19 | Challenge All Stars | RW 19; Challenge 16, 18, 27, 28 KellyAnne Judd
14%
Survivor 36 Kellyn Bechtold
14%
The Voice 14 Kelsea Johnson
14%
BBCAN 4 Kelsey Faith
14%
AR 27 Kelsey Gerckens
14%
Worst Cooks 2 Kelsey Milos
14%
Bachelor 19 Kelsey Poew
14%
Endurance 5 Kelsey Schultz
14%
Bachelor 24 Kelsey Weier
14%
LI UK 3 Kem Cetinay
14%
BB 21 Kemi Fakunle
14%
AR 6 Kendra Bentley
14%
The Voice 16 Kendra Checketts
14%
Worst Cooks 7 Kendra Wilkinson
14%
The Voice 15 Kennedy Holmes
14%
Love Is Blind 1 Kenny Barnes
14%
Bachelorette 16 Kenny Braasch
14%
BBCAN 2 Kenny Brain
14%
BIP 5; Bachelorette 13 | Bachelorette 13 Kenny Layne
14%
MC 10 Kenny Palazzolo
14%
Challenge 12-16, 18, 19, 21 Kenny Santucci
14%
BB2 Kent Blackwelder
14%
AUS 4 Kent Nelson
14%
RW 11 Keri Evans
14%
AR 15 Keri Morrione
14%
Bachelor 3 Kerri
14%
AR 20 Kerri Paul
14%
MC 6 Kerry Prince
14%
CBB 1; CA 7 Keshia Knight Pulliam
14%
CA 7; CBB 1 Keshia Knight Pullman
14%
The Voice 17 Khalea Lynee
14%
Bachelor 25 Khaylah Epps
14%
CA 2 Khloe Kardashian
14%
AI 2 Kimberley Locke
14%
RW 20; Challenge 17, 18 Kimberly Alexander
14%
AR 8 Kimberly Black
14%
AI 2 Kimberly Caldwell
14%
AR 10 Kimberly Chabolla
14%
Bachelor 15 Kimberly Coon
14%
Bachelor 25 Kimberly Courneya
14%
Worst Cooks 14 Kimberly D. Worthy
14%
RW 32 Kimberly Johansson
14%
The Voice 8 Kimberly Nichole
14%
Bachelor 19 Kimberly Sherbach
14%
Bachelor 14 Kimberly Sullivan
14%
MC 10 Kimberly White
14%
HK 10 Kimmie Willis
14%
Survivor 2, 31 Kimmi Kappenberg
14%
AR 14, 18 Kisha Hoffman
14%
The Voice 9 Korin Bukowski
14%
THTH 1 Kori Sampson
14%
The Voice 8 Koryn Hawthorne
14%
MC 4 Krissi Biasiello
14%
AR 27 Krista DeBono
14%
Survivor 22 Krista Klumpp
14%
BB2 Krista Stegall
14%
BIP 6 Kristian Haggerty
14%
AUS 3 Kristie Bennett
14%
AR 6 Kristy Jensen
14%
AI 7 Kristy Lee Cook
14%
BBOTT Kryssie Ridolfi
14%
BIP 5; Bachelor 22 | Bachelor 22; BIP 5 Krystal Nielson
14%
AR 26 Kurt Jordan Belcher
14%
The Voice 15 Kymberli Joye
14%
AR 12, 18 Kynt Cothron
14%
BIP 3; Bachelor 20 | Bachelor 20; BIP 3 Lace Morris
14%
AI 9 Lacey Brown
14%
Challenge 23; RW 16 | RW 16; Challenge 23 Lacey Buehler
14%
HK 5 Lacey D'Angelo
14%
EOTB UK 4 Lacey Fuller
14%
Bachelor 15 Lacey Garbelman
14%
Bachelor 17 Lacey Latka
14%
BIP 4; Bachelor 21 | Bachelor 21; BIP 4 Lacey Mark
14%
Worst Cooks 12 Lacey Stout
14%
AI 17 Laci Kaye Booth
14%
BIP 1; Bachelor 18 | Bachelor 18; BIP 1 Lacy Faddoul
14%
The Voice 10 Lacy Mandigo
14%
AI 17 Laine Hardy
14%
Worst Cooks 5 Lance Green
14%
AR 5 Lance Hudes
14%
AR 15 Lance Layne
14%
Challenge 10, 11, 17, 19, RW 15 | RW 15; Challenge 10, 11, 17, 19 Landon Lueck
14%
BB12 Lane Elenburg
14%
Challenge 27 Larissa Nakagawa
14%
Bachelorette 9 Larry Burchett
14%
Challenge 4, 6, 7, All Stars 1; RR 9 | Challenge All Stars | RR 9; Challenge 4, 6, 7 Laterrian Wallace
14%
BBCAN 9 Latoya Anderson
14%
Challenge 25, 29, 30; RW 27 | RW 27; 25, 29, 30 LaToya Jackson
14%
CA 4, 6 | Worst Cooks 13; CA 4, 6 La Toya Jackson
14%
AI 3 LaToya London
14%
Survivor 36 Laurel Johnson
14%
Bachelor 20 Laurel Russell
14%
Challenge 19-21, 25, 29, 34; EOTB 4 | EOTB 4; Challenge 19-21, 25, 29, 34 Laurel Stucky
14%
BB13 Lawon Exum
14%
RW 13; Challenge 8 Leah Gilingwater
14%
AUS 3, 7 Lee Caseldine
14%
NZS 1 Lee Den Haan
14%
AI 9 Lee DeWyze
14%
Bachelorette 13 Lee Garrett
14%
AI 15 Lee Jean
14%
MC 1 Lee Knaz
14%
Tough As Nails 1 Lee Marshall
14%
EOTB UK 7 Lee Morgan
14%
Hunted 1 Lee Wilson
14%
Survivor 24 Leif Manson
14%
AR 6 Lena Jensen
14%
AR 1 Lenny Hudson
14%
AR 32 Leo Brown
14%
BIP 5; Bachelorette 14 | Bachelorette 14; BIP 5 Leo Dottavio
14%
Worst Cooks 18 Leo Lech
14%
Worst Cooks 6 Leo Nunan
14%
AR 23, 25, 31 Leo Temory
14%
Challenge 21, 22, 24-28, 30, 31, 33, 34, 36; RW 25 | RW 25; Challenge 21, 22, 24-28, 30, 31, 33, 34, 36 Leroy Garrett
14%
Bachelor 12 Lesley Geyer
14%
Bachelor 17; BWG Lesley Murphy
14%
MC 5 Leslie Gilliams
14%
Bachelor 17 Leslie Hughes
14%
AR 1 Leslie Kellner
14%
Survivor 15 Leslie Nease
14%
Endurance 6 Leslie Powell
14%
Worst Cooks 18 Leslie Rivera-Silva
14%
The Four 1 Lex Lu
14%
Bachelor 14 Lex McAllister
14%
Survivor 3, 8 Lex van den Berghe
14%
EOTB UK 1, 5 Liam Lewis
14%
Worst Cooks 3 Libby Floyd
14%
AR 26 Libby Simpson
14%
Survivor 36 Libby Vincek
14%
BB10 Libra Thompson
14%
Survivor 14 Lilliana Gomez
14%
Survivor 7 Lillian Morris
14%
AI 8 Lil Rounds
14%
AR 14 Linda Cole
14%
Tough As Nails 1 Linda Goodridge
14%
Bachelor 10 Linda Malek
14%
Worst Cooks 14 Linda Martin
14%
AR 5 Linda Ruiz
14%
Survivor 3 Linda Spencer
14%
AR 8 Linda Weaver
14%
Bachelor 4 Lindsay
14%
AR 8 Lindsay Bransen
14%
RW 7; Challenge 5 Lindsay Brien
14%
MC 9 Lindsay Haigh
14%
MCJR 6 Lindsay Hayes
14%
Bachelor 15 Lindsay Hill
14%
Glee Project 1 Lindsay Pearce
14%
Bachelor 10 Lindsay Smith
14%
Bachelor 17 Lindsay Yenter
14%
AI 4 Lindsey Cardinale
14%
Survivor 30 Lindsey Cascaddan
14%
Bachelor 11 Lindsey Hawkins
14%
Survivor 28 Lindsey Ogle
14%
The Voice 2 Lindsey Pavao
14%
Survivor 3 Lindsey Richter
14%
BP 3; Bachelor 16 | Bachelor 16; BP 3 Lindzi Cox
14%
Challenge 12 Linette Gallo
14%
Challenge 36 Lio Rush
14%
Survivor 14 Lisi Linares
14%
Challenge 36; Shipwrecked Liv Jawando
14%
Survivor 28 LJ McKansas
14%
AUS 4, 7 Locky Gillbert
14%
CBB 2; CvS 1; Challenge 36 | Challenge 36; CvS 1; CBB 2 Lolo Jones
14%
AR 6 Lori Harvey
14%
Bachelor 11 Lori Langley
14%
BB3 Lori Olson
14%
Bachelor 2 Lori Todd
14%
RW 10; Challenge 6 Lori Trespicio
14%
BB5 Lori Valenti
14%
AR 9 Lori Willems
14%
Challenge 3; RR 1 | RR 1; Challenge 3 Los Jackson
14%
AR 16 Louie Stravato
14%
AR 30 Lucas Bocanegra
14%
Bachelorette 7 Lucas Daniels
14%
The Voice 13 Lucas Holliday
14%
Bachelorette 13 Lucas Yancey
14%
Bachelor 16 Lyndsie James
14%
MC 4 Lynn Chyi
14%
AR 7 Lynn Warren
14%
AR 10 Lyn Turk
14%
Survivor 37 Lyrsa Torres
14%
The Voice 3 MacKenzie Bourg
14%
The Voice 19 Madeline Consoer
14%
BBCAN 8 Madeline Di Nunzio
14%
EOTB 2 Madeline Sullivan
14%
The Voice 6 Madilyn Paige
14%
BB6 Maggie Ausburn
14%
Bachelor 18 Maggie Gantt
14%
Bachelor 25 Magi Tareke
14%
AYTO 6; EOTB 6 | EOTB 2; AYTO 6 Malcolm Drummer
14%
Survivor 25, 26, 34 Malcolm Freberg
14%
MC 4 Malcolm Green
14%
AR 17, 18, 25 Mallory Ervin
14%
Bachelor 11 Mallory Simons
14%
RW 13; Challenge 8 Mallory Snyder
14%
MC 7 Manny Washington
14%
Survivor 2 Maralyn Hershey
14%
BB3, 7 Marcellas Reynolds
14%
LI UK 3 Marcel Somerville
14%
EOTB UK 8 Marcel Stevens
14%
AR 1 Margarita Mesa
14%
AR 14, 18, 25 Margie O'Donnell
14%
PH 3 Marianelena
14%
AR 19 Marie Canavan
14%
AR 23 Marie Mazzocchi
14%
Challenge 23, 29, 30-32; RW 27; EOTB 3 | EOTB 3; RW 27; Challenge 23, 30-32 | RW 27; Challenge 23, 29-32; EOTB 3 Marie Roda
14%
AR 13 Marisa Axelrod
14%
Survivor 19 Marisa Calihan
14%
EOTB UK 11 Marissa Jake
14%
CBB 1 Marissa Jaret Winokur
14%
Bachelor 15 Marissa May
14%
Survivor 27 Marissa Peterson
14%
Glee Project 1 Marissa von Bleicken
14%
Challenge 24; RW 28; EOTB 4 | EOTB 4; RW 28; Challenge 24 | RW 28; Challenge 24; EOTB 4 Marlon Williams
14%
AR 28 Marty Cobb
14%
EOTB UK 3, 7; Geordie Shore 12-15 | Geordie Shore 12-15; EOTB UK 3, 7 Marty McKenna
14%
Survivor 21 Marty Piombo
14%
BB5 Marvin Latimer
14%
Bachelorette 15 Matteo Valles
14%
EOTB UK 9 Matty B
14%
Survivor 17 Matty Whitmore
14%
Bachelor 24 Maurissa Gunn
14%
AR 22 Max Bichler
14%
The Voice 17 Max Boyle
14%
Survivor 30 Max Dawson
14%
Endurance 1, 2 Max DeLeo
14%
Glee Project 2 Maxfield Camp
14%
AYTO 8 Max Gentile
14%
MC 2 Max Kramer
14%
EOTB 3 Max Kurtzman
14%
Endurance 5 Max McFarland
14%
EOTB UK 7; LI UK 1 | LI UK 1; EOTB UK 7 Max Morley
14%
EOTB 2; Catching Kelce Maya Benberry
14%
AR 25 Maya Warren
14%
BB15 McCrae Olson
14%
Challenge 23; RW 24 | RW 24; Challenge 23 McKenzie Coburn
14%
BB10, 22 Memphis Garrett
14%
Bachelor 4; Bachelorette 2 Meredith
14%
Bachelorette 2; Bachelor 4 Meredith Phillips
14%
AR 7 Meredith Smith
14%
AR 6 Meredith Tufaro
14%
CBB 1 Metta World Peace
14%
Survivor 33, 34 Michaela Bradshaw
14%
The Voice 3 Michaela Paige
14%
AI 4 Mikalah Gordon
14%
AYTO 4 Mikayla Thomas
14%
Survivor 23 Mikayla Wingle
14%
AR 4 Millie Smith
14%
AR 5, 11 Mirna Hindoyan
14%
Survivor 39 Missy Byrd
14%
Survivor 29 Missy Payne
14%
AR 25 Misti Raman
14%
Bachelor 4 Misty
14%
Survivor 12 Misty Giles
14%
AUS 5, 7 Moana Hope
14%
RW3 Mohammed Bilal
14%
BB12 Monet Stunson
14%
AR 4 Monica Ambrose
14%
BB2 Monica Bailey
14%
AR 9 Monica Cayce
14%
Worst Cooks 18 Monica Colwell
14%
Survivor 24, 27 Monica Culpepper
14%
Survivor 19, 31 Monica Padilla
14%
Bachelor 16 Monica Spannbauer
14%
AUS 5 Monika Radulovic
14%
Endurance 3 Monroe Gierl
14%
LI UK 3 Montana Brown
14%
Challenge 2, 7, 11; RW 6 | RW 6; Challenge 2, 7, 11 Montana McGlynn
14%
BBOTT; EOTB 2 | EOTB 2; BBOTT Monte Massongill
14%
MC 3 Monti Carlo
14%
Survivor 14 Mookie Lee
14%
Bachelor 11 Morgan Becker
14%
EOTB UK 2 Morgan Evans
14%
Worst Cooks 16 Morgan Fairchild
14%
AYTO 7 Morgan Fletcher
14%
The Voice 9 Morgan Frazier
14%
Survivor 11 Morgan McDevitt
14%
Survivor 28 Morgan McLeod
14%
Survivor 36 Morgan Ricke
14%
AYTO 4 Morgan St. Pierre
14%
The Voice 6 Morgan Wallen
14%
BBOTT; EOTB 2; Challenge 33 | Challenge 33; BBOTT; EOTB 2 | EOTB 2; BBOTT; Challenge 33 Morgan Willett
14%
The Voice 2 Moses Stone
14%
Bachelor 24 Mykenna Dorn
14%
AI 4 Nadia Turner
14%
AR 21, 25; Survivor 29 | Survivor 29; AR 21, 24 Nadiya Anderson
14%
BBCAN 3 Naeha Sareen
14%
BB5, 7 Nakomis Dedmon
14%
Great British Baking Show 5 Nancy Birtwhistle
14%
Moolah Beach Nancy Diaz
14%
AR 1 Nancy Lundren Hoyt
14%
EOTB UK 4 Nancy-May Turner
14%
Challenge 23-28; 33-36; RW 25 | RW 25; Challenge 23-28, 33-36 Nany Gonzalez
14%
LI UK 1 Naomi Ball
14%
Bachelor 13 Naomi Crespo
14%
Challenge 22, 24; RW 25 | RW 25; Challenge 22, 24 Naomi Defensor
14%
EOTB UK 4 Naomi Hedman
14%
Survivor 21 NaOnka Mixon
14%
Bachelor LTYH Natascha Bessez
14%
MC 4 Natasha Crnjac
14%
Bachelor 24 Natasha Parker
14%
The Voice 10 Nate Butler
14%
NZS 1 Nate Davis
14%
Survivor 13 Nate Gonzalez
14%
AR 12 Nate Hagstrom
14%
MCJR 4 Nate Murwaski
14%
EOTB 2 Nate Sestok
14%
Challenge 28; AYTO 2 Nate Siebenmark
14%
Challenge 22; RW 26 | RW 26; Challenge 22 Nate Stodghill
14%
BBCAN 2, 5 Neda Kalantar
14%
BBOTT Neeley Jackson
14%
Challenge 13, 15, 17, 21, All Stars 1; RW 16 | Challenge All Stars | RW 16; Challenge 13, 15, 17, 21 Nehemiah Clark
14%
Survivor 4 Neleh Dennis
14%
Glee Project 2 Nellie Veitenheimer
14%
CA 1 Nely Galan
14%
The Voice 3 Nicholas David
14%
AR 25 Nici Porter
14%
Bachelor 16 Nicki Sterling
14%
EOTB UK 9 Nicky Hardy
14%
Bachelor 19 Nikki Delventhal
14%
Bachelor 18 Nikki Ferrell
14%
BP 1; Bachelor 13 | Bachelor 13; BP 1 Nikki Kaapke
14%
AI 1 Nikki McKibbin
14%
Challenge 19 Noor Jehangir
14%
Worst Cooks 11 Nora Dunn
14%
Survivor 39 Noura Salman
14%
AYTO 8 Nour Fraij
14%
AUS 6 Nova Peris
14%
AUS 4 Odette Blacklock
14%
LI UK 2 Oliver Maxwell Fernandez
14%
LI UK 3 Olivia Attwood
14%
MCJR 6 Olivia Bond
14%
LI UK 2 Olivia Buckland
14%
Bachelor 21 Olivia Burnette
14%
Bachelor 20 Olivia Caridi
14%
MC 6 Olivia Crouppen
14%
BIP 5; Bachelor 22 | Bachelor 22; BIP 5 Olivia Goethals
14%
The Voice 5 Olivia Henken
14%
BBCAN 6 Olivia Riemer
14%
AI 15 Olivia Rox
14%
EOTB UK 4, 5 Olivia Walsh
14%
CA 1, 6; Apprentice 1; CBB 2 Omarosa
14%
CBB 1; Apprentice 1; CA 1, 6 Omarosa Manigault
14%
LI UK 1 Omar Sultani
14%
BIP 6; Bachelor 23 | Bachelor 23; BIP 6 Onyeka Ehie
14%
AYTO 5 Osvaldo Romero
14%
AR 2, 11 Oswald Mendez
14%
BB 21 Ovi Kabir
14%
Survivor 13, 16, 23, 34 Ozzy Lusth
14%
AYTO 5 Ozzy Morales
14%
Bachelorette 16 Page Pressley
14%
AYTO 1 Paige Brendel
14%
AYTO 8 Paige Cole
14%
BBCAN 4 Paige Distranski
14%
MC 8 Paige Jimenez
14%
AUS 5 Paige Kerin
14%
AI 9 Paige Miles
14%
AR 2 Paige Mycoskie
14%
BP 3 | Bachelor 17; BP 3 Paige Vigil
14%
Survivor 17 Paloma Soto-Castillo
14%
BB16 Paola Shea
14%
RW 19 Parisa Montazaran
14%
Survivor 13, 16, 20, 40 Parvati Shallow
14%
Survivor 4 Paschal Engligh
14%
CA 5 Patricia Valasquez
14%
Bachelor 1 Paula
14%
HK 5 Paula DaSilva
14%
Challenge 13, 15-17, 19-22, 24; RW 17 | RW 17; Challenge 13-15, 16, 17, 19-22, 24 Paula Meronek
14%
BB 18; Challenge 32-34 | Challenge 32-34; BB 18; EOTB1 | EOTB 1; BB 18; Challenge 32-34 Paulie Calafiore
14%
Jersey Shore Pauly D
14%
The Voice 19 Payge Turner
14%
AR 2 Peach Krebs
14%
RW3 Pedro Zamora
14%
Survivor 15, 31 Peih-Gee Law
14%
CA 5, 6 Penn Jillette
14%
Survivor 5 Penny Ramsey
14%
EOTB 2 Perez Carothers
14%
Worst Cooks 11 Perez Hilton
14%
Challenge 19 Pete Connolly
14%
Survivor 32 Peter Baggenstos
14%
BBCAN 1 Peter Brown
14%
AUS 4 Peter Conte
14%
Bachelorette 1 Peter Dizdar
14%
AUS 3 Peter Fiegehen
14%
Bachelorette 16 Peter Giannikopoulos
14%
Survivor 4 Peter Harkey
14%
AR 10 Peter Harsch
14%
Bachelorette 13 Peter Kraus
14%
Bachelorette 12 Peter Medina
14%
RW 32 Peter Romeo
14%
Worst Cooks 17 Peter Smerlas
14%
Bachelor 24; Bachelorette 15 | Bachelorette 15; Bachelor 24 Peter Weber
14%
Survivor 25 Pete Yurkowski
14%
AUS 3, 7 Phoebe Timmins
14%
AUS 6 Pia Miranda
14%
AI 10 Pia Toscano
14%
BBCAN 3 Pilar Nemer
14%
BB13 Porsche Briggs
14%
CA 8 Porsha Williams
14%
AR 14 Preston McCamy
14%
The Voice 5 Preston Pohl
14%
Challenge 23-25; RW 24 | RW 24; Challenge 23-25 Preston Roberson-Charles
14%
Worst Cooks 2 Priscilla Harden
14%
Challenge 22; RW 26 | RW 26; Challenge 22 Priscilla Mendez
14%
Worst Cooks 12 Priscilla Nguyen
14%
RR 8 Pua Medeiros
14%
BBCAN 2 Rachelle Diamond
14%
Survivor 11 Rafe Judkins
14%
BB12 Ragan Fox
14%
MC 9 Ralph Degala
14%
AR 20 Ralph Kelley
14%
Survivor 22 Ralph Kiser
14%
HK 1 Ralph Pagano
14%
Survivor 1 Ramona Gray
14%
BB 19 Ramses Soto
14%
BBCAN 4 Ramsey Aburaneh
14%
Survivor 17, 20 Randy Bailey
14%
Challenge 9, 11; RW 14 | RW 14; Challenge 9, 11 Randy Barry
14%
Bachelorette 8 Randy Lee Woyak
14%
Challenge 27 Raphy Medrano
14%
BIP 4; Bachelor 21 | Bachelor 21; BIP 4 Raven Gates
14%
BB 19 Raven Walton
14%
AI 14 Rayvon Owen
14%
Survivor 25 RC Saint-Amour
14%
Endurance 3 Reece Bors
14%
Survivor 29 Reed Kelly
14%
Survivor 38 Reem Daly
14%
Bachelor 11 Regina Doringa
14%
The Voice 9 Regina Love
14%
AR 4 Reichen Lehmkuhl
14%
MCJR 7 Reid Briggs
14%
BP 3; Bachelorette 5 | Bachelorette 5; BP 3 Reid Rosenthal
14%
The Voice 14 Reid Umstattd
14%
Bachelor 15 Renee Halpin
14%
Bachelor 18 Renee Oteri
14%
MC 10 Renee Rice
14%
AR 8 Renee Rogers
14%
Bachelor 13 Renee Simlak
14%
Bachelor 9 Renee Snell
14%
BB10 Renny Martyn
14%
Survivor 26 Reynold Toepfer
14%
Challenge 27 Rianna Polin
14%
EOTB UK 1; Geordie Shore 2-5, BB; CBB UK 14 | Geordie Shore 2-5, BB; CBB UK 14; EOTB UK 1 Ricci Guarnaccio
14%
Great British Baking Show 5 Richard Burr
14%
Worst Cooks 3 Richard Chen
14%
American Grit 2 Richard Mallard
14%
Bachelorette 4 Richard Mathy
14%
Bachelorette 14 Rickey Jasper
14%
AI 2 Rickey Smith
14%
The Voice 17 Ricky Braddy
14%
The Voice 17 Ricky Duran
14%
The Voice 7 Ricky Manning
14%
CA 8 | CBB 2; CA 8 Ricky Williams
14%
The Voice 9 Riley Biederer
14%
Bachelorette 16 Riley Christian
14%
The Voice 11 Riley Elmore
14%
MCJR 3 Riley Hahn
14%
AR 32 Riley McKibbin
14%
BBCAN 3 Risha Denner
14%
Bachelor 9 Rita Ghazal
14%
Survivor 14 Rita Verreos
14%
AI 1 RJ Helton
14%
Survivor 35 Roark Luskin
14%
Bachelorette 6 Roberto Martinez
14%
AR 26 Rochelle Nevedal
14%
BB20 Rockstar Lantry
14%
CA 3 Rod Blagojevich
14%
BB3 Roddy Mancuso
14%
Survivor 2 Rodger Bingham
14%
Survivor 30 Rodney Lavoie Jr.
14%
The Voice 16 Rod Stokes
14%
Challenge 31, 34, 35; EOTBUK 2, 3 | EOTB UK 2, 3; Challenge 31, 34, 35 Rogan O'Connor
14%
Survivor 6 Roger Sexton
14%
BBCAN 9 Rohan Kapoor
14%
AUS 3 Rohan MacLaren
14%
Bachelorette 4 Ronald Mayer
14%
Survivor 38 Ron Clark
14%
AR 12, 18 Ron Hsu
14%
Challenge 2, 7; RR 5 | RR 5; Challenge 2; 7 Roni Martin
14%
AR 17 Ron Kellum
14%
Survivor 39 Ronnie Bardah
14%
Jersey Shore Ronnie Ortiz-Magro
14%
BB11 Ronnie Talbott
14%
AR 15 Ron Shalita
14%
Bachelorette 10 Ron Worrell
14%
AR 19 Ron Zeitz
14%
Survivor 9 Rory Freeman
14%
The Voice 17 Rose Short
14%
AR 23 Rowan Joseph
14%
Survivor 25 Roxy Morris
14%
Bachelor LTYH Ruby Jane Smith
14%
Bachelorette 10 Rudie Dane
14%
Bachelor LTYH Rudi Gutierrez
14%
Survivor 1, 8 Rudy Boesch
14%
Worst Cooks 14 Rudy Rehburg
14%
AR 31; Survivor 7, 8, 20, 27 | Survivor 7, 8, 20, 27; AR 31 Rupert Boneham
14%
Challenge 6, 9, 11, 17, All Stars 1; RW 8 | Challenge All Stars | RW 8; Challenge 6, 9, 11, 17 Ruthie Alcaide
14%
Survivor 12 Ruth-Marie Milliman
14%
BBCAN 2 Sabrina Abbate
14%
HK 8 Sabrina Brimhall
14%
RW 31 Sabrina Kennedy
14%
Endurance 1 Sabrina Lloyd
14%
Survivor 24 Sabrina Thompson
14%
NZS 1 Sala Tiatia
14%
Bachelorette 12 Sal DeJulio
14%
Survivor 12 Sally Schumann
14%
MC 9 Sal Maida
14%
Circle 1 Sammie Cimarelli
14%
Jersey Shore Sammi Sweetheart
14%
MCJR 6 Sammy Vieder
14%
Survivor 7, 20, 34, 40 Sandra Diaz-Twine
14%
Survivor 22 Sarita White
14%
HK 18 Scotley Innis
14%
Survivor 9 Scout Cloud Lee
14%
Survivor 36 Sebastian Noel
14%
Survivor 13 Sekou Bunch
14%
Survivor 23 Semhar Tadesse
14%
Challenge 33; Bachelor CA 3 Shaleen Sutherland
14%
Survivor 26 Shamar Thomas
14%
Survivor 19 Shambo Waters
14%
AYTO 1; EOTB 1 | EOTB 1; AYTO 1 Shanley McIntee
14%
MCJR 7 Shannen Hosman
14%
LI UK 3 Shannen McGrath
14%
Bachelor 2 | Bachelor 3 Shannon
14%
Worst Cooks 18 Shannon Akins
14%
Bachelor 13 Shannon Bair
14%
BB2 Shannon Dragoo
14%
AYTO 5; EOTB 3 | EOTB 3; AYTO 5 Shannon Duffy
14%
CBB 1 Shannon Elizabeth
14%
Survivor 21 Shannon Elkins
14%
AR 16 Shannon Foster
14%
Bachelor 1 Shannon Oliver
14%
NZS 1 Shannon Quinn
14%
Moolah Beach Shari Lee
14%
Temptation Island 1 Shari Ligons
14%
AUS 5, 7 Sharn Coombes
14%
BBCAN 4 Sharry Ash
14%
Challenge 17, 18, 20; RW 19 | RW 19; Challenge 17, 18, 20 Shauvon Torres
14%
RW 15, Challenge 10 Shavonda Billingslea
14%
Survivor 6 Shawna Mitchell
14%
NZS 1 Shay Swain-Tapusoa
14%
AR 21 Sheila Castle
14%
BB9 Sheila Kennedy
14%
Bachelor 14 Sheila Lidner
14%
AR 25 Shelley Porter
14%
BB17 Shelli Poole
14%
BB13 Shelly Moore
14%
RR 1 Shelly Spottedhorse
14%
Survivor 15 Sherea Lloyd
14%
AR 28 Sheri LaBrant
14%
Survivor 26 Sherri Biethman
14%
Worst Cooks 3 Sherrill Moss-Solomon
14%
BB2 Sheryl Braxton
14%
AR 27 Shevonne Sullivan
14%
The Voice 13 Shi'Ann Jones
14%
Bachelor 24 Shiann Lewis
14%
Survivor 5, 8 Shii-Ann Huang
14%
Survivor 30, 31 Shirin Oskooi
14%
AUS 5, 7 Shonee Fairfax
14%
Circle 1 Shubham Goel
14%
Survivor 30, 34 Sierra Dawn Thomas
14%
Survivor 18 Sierra Reed
14%
Survivor 3 Silas Gaither
14%
BBCAN 3, 5 Sindy Nguyen
14%
AI 9 Siobhan Magnus
14%
Survivor 1 Sonja Christopher
14%
Worst Cooks 19 Sonja Morgan
14%
Bachelor 4 Stacey
14%
MC 3 Stacey Amagrande
14%
Bachelor 12 Stacey Elza
14%
AYTO 3 Stacey Gurnevich
14%
Survivor 23 Stacey Powell
14%
Bachelor 15 Stacey Quirpel
14%
Survivor 1 Stacey Stillman
14%
AR 20 Stacy Bowers
14%
Survivor 14 Stacy Kimball
14%
AR 12 Staella Gianakkos
14%
CA 4 Star Jones
14%
AR 13 Starr Spangler
14%
AR 8 Stassi Schroeder
14%
Bachelorette 8 Stevie Alberino
14%
EOTB UK 7 Stevie Coiley
14%
The Voice 6 Stevie Jo
14%
The Voice 7 Sugar Joans
14%
Survivor 33 Sunday Burquest
14%
Survivor 13 Sundra Oakley
14%
Bachelor 10 Susan Anderson
14%
Bachelor 11 Susan Coolidge
14%
AR 7 Susan Vaughn
14%
Worst Cooks 6 Susie Babin
14%
AUS 6 Susie Maroney
14%
Challenge 4, 11, 14, 18; RR 6 | RR 6, 14; Challenge 4, 11, 14, 18 Susie Meister
14%
Worst Cooks 1 Susie Shoman
14%
Survivor 17 Susie Smith
14%
BBCAN 1 Suzette Amaya
14%
Bachelor 5 Suzie Williams
14%
Bachelor 2 Suzi Reid
14%
Challenge 13; RW 17 | RW 17; Challenge 13 Svetlana Shusterman
14%
BB20; Challenge 35 | Challenge 35; BB 20 Swaggy C Williams
14%
MCJR 5 Syd Neuser
14%
Bachelor 24 Sydney Hightower
14%
Bachelor 25 Sydney Johnson
14%
EOTB 4 Sydney Langston
14%
EOTB UK 7 Sydney Longmuir
14%
BIP 6; Bachelor 23 | Bachelor 23; BIP 6 Sydney Lotuaco
14%
Challenge 19 Sydney Walker
14%
Survivor 18 Sydney Wheeler
14%
Challenge 29, 31, 32; RW 30 | RW 30; Challenge 29, 31, 32 Sylvia Elsrode
14%
Worst Cooks 12 Sylvia Jefferies
14%
Survivor 14 Sylvia Kwan
14%
AR 3 Sylvia Pitts
14%
The Voice 3 Sylvia Yacoub
14%
Challenge 4, 6, 8, 11, 18, All Stars 1; RW 6 | Challenge All Stars | RW 6; Challenge 4, 6, 8, 11, 18 Syrus Yarbrough
14%
Survivor 32, 34 Tai Trang
14%
Survivor 18 Taj Johnson
14%
BBCAN 1 Talla Rejaei
14%
MCJR 7 Tal Schulmiller
14%
CBB 2 Tamar Braxton
14%
The Voice 10 Tamar Davis
14%
Circle 1 Tammy Eason
14%
AR 8 Tammy Gaghan
14%
AR 14 Tammy Jih
14%
Survivor 4 Tammy Leitner
14%
Bachelor 24 Tammy Ly
14%
AR 29 Tara Carr
14%
Tough As Nails 1 Tara Davis
14%
Bachelor 9 Tara Durr
14%
Bachelor 19 Tara Eddings
14%
Bachelor 5 Tara Huckeby
14%
AR 2 Tara Lynch
14%
RR 5; Challenge 5 Tara McDaniel
14%
AUS 4 Tara Pitt
14%
Glee Project 2 Taryn Douglas
14%
Worst Cooks 16 Taryn Manning
14%
The Voice 19 Taryn Papa
14%
Bachelor 17 Taryn Renee Daniels
14%
Survivor 24 Tarzan Smith
14%
PH 3 Tatum Smith
14%
BIP 6; Bachelor 23; Bachelorette 16 | Bachelor 23; Bachelorette 16; BIP 6 | Bachelorette 16; Bachelor 23; BIP 6 Tayshia Adams
14%
Challenge 3, All Stars 1; RW 8 | Challenge All Stars | RW 8; Challenge 3 Teck Holmes
14%
Survivor 5 Ted Rogers Jr
14%
AUS 5 Tegan Gasior
14%
AUS 3 Tegan Haining
14%
AR 25 Te Jay McGrath
14%
Survivor 3 Teresa Cooper
14%
CA 5 Teresa Giudice
14%
Bachelor 10 Tessa Horst
14%
AUS 4 Tessa O'Halloran
14%
The Voice 6 Tess Boyer
14%
Challenge 33, 34; LI UK 3 | LI UK 3; Challenge 33, 34 Theo Campbell
14%
RW 11; Challenge 6, 7 Theo Gantt III
14%
Challenge 29; RW 32 | RW 32; Challenge 29 Theo King-Bradley
14%
Challenge 5, 7, 9, 12; RR 9 Theo von Kurnatowski
14%
RR 9; Challenge 5, 7, 9, 12 Theo Vonkurnatowski
14%
Challenge 19-21, 24-26, 36 Theresa Gonzalez
14%
BIP 5; Bachelor 22 | Bachelor 22; BIP 5 Tia Booth
14%
CA 5 Tia Carrere
14%
Bachelor 14 Tiana Kruzel
14%
AR 4 Tian Wilynn Kitchen
14%
Survivor 7 Tijuana Bradley
14%
Challenge 5, 8, 11, 14; RR 2 | RR 2; Challenge 5, 8, 11, 14 Timmy Beggy
14%
Worst Cooks 14 Timmy Thok
14%
Bachelor 3 Tina
14%
Challenge 7, 9, 10, 12, 13; RR 12 | RR 12; Challenge 7, 9, 10, 12, 13 Tina Barta
14%
Bachelor 1 Tina Chen
14%
AR 13 Tina Greene
14%
Survivor 12 Tina Scheer
14%
LI UK 2 Tina Stinnes
14%
BBCAN 9 Tina Thistle
14%
Survivor 2, 8, 27 Tina Wesson
14%
Bachelor 10 Tina Wu
14%
The Voice 6 TJ Wilkis
14%
AR 12 TK Erwin
14%
AR 13 Toni Imbimbo
14%
The Voice 8 Tonya Boyd-Cannon
14%
Challenge 6, 7, 9, 10, 12, 14, 16, 18; RW 11 | RW 11; Challenge 6, 7, 9, 10, 12, 14, 16, 18 Tonya Cooley
14%
Worst Cooks 16 Tonya Harding
14%
AR 8 Tony Aiello
14%
LI UK 1 Tony Alberti
14%
BB3 Tonya Paoni
14%
MC 1 Tony Carbone
14%
NZS 1 Tony Deane
14%
Bachelorette 11 Tony Harris
14%
The Voice 2 Tony Lucca
14%
AR 8 Tony Paolo
14%
BP 3; Bachelorette 8 | Bachelorette 8; BP 3 Tony Pieper
14%
Challenge 27-32; RW 30 | RW 30; Challenge 27-32 Tony Raines
14%
MC 2 Tony Scruggs
14%
American Grit 1 Tony Simmons
14%
AR 17 Tony Stovall
14%
The Voice 2 Tony Vincent
14%
Survivor 28, 34, 40 Tony Vlachos
14%
BBCAN 1 Topaz Brady
14%
Bachelor 19 Tracy Darakis
14%
MC 2 Tracy Kontos
14%
MC 1 Tracy Nailor
14%
Bachelor 23 Tracy Shapoff
14%
Survivor 16 Tracy Wolf
14%
AI 15 Trent Harmon
14%
Bachelorette 14 Trent Jespersen
14%
Bachelorette 2 Trever Kalan
14%
HK 8, 18 Trev McGrath
14%
Bachelor LTYH Trevor Holmes
14%
AR 30 Trevor Wadleigh
14%
Endurance 1 Trevor Wilkins
14%
Challenge 23, 24; RW 27 Trey Weatherholtz
14%
RW 27; Challenge 23, 24 Trey Weatherholtz III
14%
AR 21 Trey Wier
14%
RW 19 Trisha Cummings
14%
Survivor 7 Trish Dunn
14%
Challenge 7, 8, 23, 24, All Stars 1; RW 12 | Challenge All Stars | RW 12; Challenge 7, 8, 23, 24 Trishelle Cannatella
14%
Survivor 28 Trish Hegarty
14%
Bachelor 5 Trish Schneider
14%
Bachelor 1; Bachelorette 1 | Bachelorette 1; Bachelor 1 Trista Rehn
14%
LI UK 2 Troy Frith
14%
MCJR 1 Troy Glass
14%
Hunted 1 Troy Pfost
14%
The Voice 12 Troy Ramey
14%
Survivor 24, 34 Troyzan Robertson
14%
Challenge 34-36; Shipwrecked Tula "Big T" Fazakerley
14%
Challenge 33; Survivor Turkey 8 Turbo Camkiran
14%
Survivor 9 Twila Tanner
14%
AI 14 Tyanna Jones
14%
LI UK 3 Tyla Carr
14%
Challenge 14-16, 21, 22, 24; RW 18 | RW 18; Challenge 14-16, 21, 22, 24 Tyrie Ballard
14%
Survivor 21 Tyrone Davis
14%
AI 17 Uche
14%
AR 7, 11 Uchenna Agu
14%
AYTO 6 Uche Nwosu
14%
Bachelor 22 Valerie Biles
14%
Bachelor 18 Valerie Eredia
14%
BBCAN 8 Vanessa Clements
14%
The Voice 12 Vanessa Ferguson
14%
Bachelor 21 Vanessa Grimaldi
14%
HK 4 Vanessa Gunnell
14%
AR 20 Vanessa Macias
14%
AI 2 Vanessa Olivarez
14%
BB17 Vanessa Rousso
14%
Survivor 4 Vecepia Towery
14%
MC 6 Veronica Cili
14%
BBCAN 6 Veronica Doherty
14%
Challenge 3, 5-10, 18, 30-32; RR 8 | RR 8, 14; Challenge 3, 5-10, 18, 30-32 Veronica Portillo
14%
Survivor 27, 31 Vytas Baskauskas
14%
AR 12, 18 Vyxsin Fiala
14%
AR 9 Wanda Lopez-Rochford
14%
Survivor 10 Wanda Shirk
14%
Bachelorette 3 Wendell
14%
Survivor 36, 40 Wendell Holland
14%
Bachelor 1 Wendi Plotnik
14%
Survivor 38 Wendy Diaz
14%
Survivor 21 Wendy Jo DeSmidt-Kohlhoff
14%
HK 1 Wendy Liu
14%
Bachelorette 7 West Lee
14%
Survivor 10 Willard Smith
14%
Endurance 3 Willa Zhou
14%
BB14 Willie Hantz
14%
RW 15 Willie Hernandez
14%
MC 5 Willie Mike
14%
BBCAN 3 Willow MacDonald
14%
BB20 Winston Hines
14%
Survivor 28, 31 Woo Hwang
14%
Moolah Beach Xavier Yepez
14%
RW 33 Yasmin Almokhamad
14%
Survivor 19 Yasmin Giles
14%
Survivor 14, 16 Yau-Man Chan
14%
Survivor 13, 40 Yul Kwon
14%
Bachelorette 16 Zac Clark
14%
AR 3 Zach Behr
14%
Bachelorette 16 Zach Jackson
14%
AR 28 Zach King
14%
AUS 5, 7 Zach Kozyrski
14%
Challenge 15; RW 17 | RW 17; Challenge 15 Zach Mann
14%
Challenge 23-26; 29, 31-34; RW 26 | RW 26; Challenge 23-26, 29, 31-34 Zach Nichols
14%
BBCAN 3 Zach Oleynik
14%
BB16 Zach Rance
14%
The Voice 9 Zach Seabaugh
14%
BB8 Zach Swerdzewski
14%
The Voice 4 Zach Swon
14%
EOTB UK 8 Zach Tull
14%
MCJR 4 Zac Kara
14%
Worst Cooks 20 Zack Ignoffo
14%
BIP 1; Bachelorette 9 | Bachelorette 9; BIP 1 Zack Kalter
14%
AR 19 Zac Sunderland
14%
Challenge 33, 34; EOTBUK 6 | EOTB UK 6; Geordie Shore 14; Challenge 33, 34 | Geordie Shore 14; Challenge 33, 34; EOTB 6 Zahida Allen
14%
BB 18 Zakiyah Everette
14%
AYTO 7 Zak Jones
14%
AYTO 3 Zak Longo
14%
Bachelorette 9 Zak Waddell
14%
Survivor 25 Zane Knight
14%
The Voice 18 Zan Fiskum
14%
EOTB UK 9 Zayn London
14%
Survivor 33, 34 Zeke Smith
14%
AR 15, 18 Zev Glassenberg
14%
The Voice 12 Aaliyah Rose
0%
Worst Cooks 4 Aardip Desai
0%
Hunted 1 Aarif Mirza
0%
AYTO 8 Aasha Wells
0%
AR 21 Abba Abbattista
0%
Glee Project 2 Abraham Lim
0%
MCJR 2 Adaiah Stevens
0%
AI 14 Adanna Duru
0%
EOTB 4; RPDR 6 Adore Delano
0%
Karma 1 Adren Gilmore
0%
MCJR 5 Afnan Ahmad
0%
Bachelor 9 Agnese Polliza
0%
MC 5 Ahran Cho
0%
MC 6 Ailsa von Dobeneck
0%
AR 13 Aja Benton
0%
Bachelor 24 Alayah Benavidez
0%
MC 2 Alejandra Schrader
0%
AI 17 Alejandro Aranda
0%
MC 7 Alejandro Toro
0%
The Voice 12 Aliyah Moulden
0%
The Voice 18 Allegra Miles
0%
MC 2 Alvin Schultz
0%
AR 19 Amani Pollard
0%
The Voice 12 Anatalia Villaranda
0%
EOTB UK 9 Angelica Fomia
0%
Bachelor 1 Angelique Madrid
0%
Bachelor 23 Angelique Sherman
0%
Bachelor 2 Anindita Dutta
0%
MCJR 4 Annabelle Nolan
0%
Bachelor 5 Anne-Catherine Labbe
0%
Bachelor 3 Anne-Michelle
0%
AI 8 Anoop Desai
0%
Bachelorette 2 Anselm Clinard
0%
RR 3; Challenge 6 Antoine de Bouverie
0%
Bachelor 4 Antoinette
0%
Worst Cooks 15 Antoinette Wills
0%
HK 8 Antonia Boregman
0%
AI 4 Anwar Robinson
0%
AR 32 Aparna Dhinakaran
0%
The Voice 18 Arei Moon
0%
RW 33 Arely Avitua
0%
AR 3 Arianne Udell
0%
CA 5 Arsenio Hall
0%
The Voice 13 Ashland Craft
0%
AI 10 Ashton Jones
0%
AR 29 Ashton Theiss
0%
AYTO 7 Asia Woodley
0%
MC 5 Astrid Lavenia
0%
BIP 5; Bachelor 21 | Bachelor 21; BIP 5 Astrid Loch
0%
The Voice 6 Audra McLaughlin
0%
MCJR 5 Avai Shah
0%
AI 15 Avalon Young
0%
MC 1 Avis White
0%
Bachelor 24 Avonlea Elkins
0%
Karma 1 Avon Stoutamire
0%
Bachelorette 3 AW
0%
Worst Cooks 21 Ayesha Dwyer
0%
EOTB UK 11 Ayesha Reid
0%
MCJR 3 Ayla Destiny
0%
Glee Project 2 Aylin Bayramoglu
0%
AR 12 Azaria Azene
0%
HK 10, 17 Barbie Marshall
0%
The Voice 9 Barrett Baber
0%
AYTO 8 Basit Shittu
0%
AR 22 Bates Battaglia
0%
RW 21 Baya Voce
0%
RR 3; Challenge 5 Belou Den Tex
0%
BIP 5; Bachelorette CA; BWG Benoit Beausejour-Savard
0%
Bachelorette 7 Bentley Williams
0%
AR 26 Bergen Olsen
0%
Floribama Shore Bethaney Goodloe
0%
Geordie Shore 19-22 Bethan Kershaw
0%
AR 25 Bethany Hamilton
0%
LI UK 1 Bethany Rogers
0%
MC 4 Bethy Rossos
0%
Bachelor 11 Bettina Bell
0%
The Voice 1 Beverly McClellan
0%
Bachelor 10 Bevin Nicole Powers
0%
BIP 5, 6; Bachelor 22; BWG | Bachelor 22, BIP 6, BWG Bibiana Julian
0%
EOTB UK 8 Bibi Machin
0%
AR 10 Bilal Abdul-Mani
0%
MC 4 Bime Cruz
0%
Endurance 3 Bjorn Leum
0%
The Voice 9 Blaine Mitchell
0%
Bachelorette 4 Blaine Twilley
0%
AR 28 Blair Fowler
0%
RR 10; Challenge 6 Blair Herter
0%
The Four 1 Blair Perkins
0%
AR 26 Blair Townsend
0%
BP 3; Bachelor 16 | Bachelor 16; BP 3 Blakeley Jones
0%
Bachelor 10 Blakeney Rowe
0%
AR 6 Bolo Dar'tainian
0%
HK 3 Bonnie Muirhead
0%
AR 20 Bopper Minton
0%
HK 8 Boris Poleschuk
0%
MC 9 Bowen Li
0%
Bachelor 20 Breanne Rice
0%
The Voice 12 Brennley Brown
0%
MCJR 7 Brielle Jones
0%
The Voice 14 Britton Buchanan
0%
Worst Cooks 13 Bronson Pinchot
0%
BIP 1; Bachelorette 9 | Bachelorette 9; BIP 1 Brooks Forester
0%
Bachelorette 5 Bryce Harlow
0%
THTH 1 Bryce Hirschberg
0%
Bachelorette 13 Bryce Powers
0%
Glee Project 1 Bryce Ross-Johnson
0%
Bachelorette 9 Bryden Vukasin
0%
The Voice 14 Brynn Cartelli
0%
RW 12 Brynn Smith
0%
AI 5 Bucky Covington
0%
Worst Cooks 10 Buffy Mykkanen
0%
AI 12 Burnell Taylor
0%
AR 28 Burnie Burns
0%
Bachelor 6 Byron Velvick
0%
AI 16 Cade Foehner
0%
MCJR 6 Cade Ortego
0%
BIP 6; Bachelor 23 | Bachelor 23; BIP 6 Caelynn Miller-Keyes
0%
BIP 3; Bachelor 20 Caila Quinn
0%
AYTO 7 Cali Trepp
0%
The Voice 17 Cali Wilson
0%
Endurance 2 Calley Payne
0%
Tough As Nails 1 Callie Cattell
0%
Endurance 4 Callie Simpkins
0%
RW 23 Callie Walker
0%
LI UK 1 Cally Jane Beech
0%
AI 3 Camile Velasco
0%
EOTB UK 3; CBB UK 15 Cami-Li
0%
Bachelor 2 Camille Langfield
0%
AYTO 4 Camille Satterwhite
0%
The Voice 18 CammWess
0%
MCJR 6 Camson Alevy
0%
AR 15 Canaan Smith
0%
AR 8 Carissa Gaghan
0%
Bachelor 9 Carissa Ilburg
0%
Worst Cooks 4 Carla Johnson
0%
American Grit 2 Carla Mireles
0%
Worst Cooks 14 Carla Waddell
0%
Love Is Blind 1 Carlton Morton
0%
Worst Cooks 15 Carmelle Bull
0%
Worst Cooks 11 Carmen Electra
0%
AI 2 Carmen Rasmusen
0%
CA 8 Carnie Wilson
0%
HK 1 Carolann Valentino
0%
CA 8 | Worst Cooks 11; CA 8 Carson Kressley
0%
The Four 2 Carvena Jones
0%
The Voice 3 Cassadee Pope
0%
Bachelor 25 Catalina Morales
0%
The Voice 4 Cathia
0%
Endurance 5 Cealey Godwin
0%
AR 30 Cedric Ceballos
0%
The Voice 18 Cedrice
0%
Worst Cooks 10 Cedrick Miller
0%
The Voice 9 Celeste Betton
0%
Bachelor 5 Celeste Creel
0%
The Voice 16 Celia Babini
0%
MC 9 Cesar Cano
0%
RR 6; Challenge 5 Chadwick Pelletier
0%
CA 8 Chael Sonnen
0%
The Voice 9 Chance Pena
0%
Worst Cooks 21 Chandali Gullick
0%
Bachelorette 4 Chandler Fulton
0%
EOTB UK 6; BB UK 18 Chanelle McCleary
0%
Bachelor 14 Channy Choch
0%
Bachelor 15 Chantal O'Brien
0%
Bachelor 18 Chantel Forrest
0%
Geordia Shore 12-13 Chantelle Connelly
0%
Moolah Beach Chasati Allen
0%
Worst Cooks 15 Chaz Oakley
0%
The Voice 2 Cheesa
0%
Hunted 1 Chele Pfost
0%
EOTB 1 Chelsko Thompson
0%
AR 23 Chester Pitts II
0%
Great British Baking Show 5 Chetna Makan
0%
The Voice 15 Chevel Shepherd
0%
AI 7 Chikezie
0%
HK 9 Chino Chang
0%
HK 18 Chris Motto
0%
The Voice 14 Christiana Danielle
0%
Bachelor 2 Christy
0%
Bachelor 18; BIP 1 Christy Hansen
0%
AI 14 Clark Beckham
0%
Moolah Beach Clark Harrison
0%
Bachelor 9 Claudia Gismondi
0%
CA 2, 6 Claudia Jordan
0%
AR 5 Claudia O'Brian
0%
MC 6 Claudia Sandoval
0%
HK 10 Clemenza Caserta
0%
Bachelorette 11 Clint Arlis
0%
CA 2 Clint Blake
0%
AYTO 6 Clinton Moxam
0%
RW 33 Clint Wright
0%
HK 5 Coi Burruss
0%
Bachelorette 12 Coley Knust
0%
AYTO 1 Coleysia Chestnut
0%
EOTB UK 3 Connie Wiltshire
0%
AI 4 Constantine Maroulis
0%
Bachelorette 7 Constantine Tzortzis
0%
Worst Cooks 14 Copan Combs
0%
Bachelor 14 Corrie Adamson
0%
Bachelor 9 Cosetta Blanca
0%
Bachelor 15 Cristy Caserta
0%
MC 5 Cutter Brewer
0%
Endurance 5 Dakota Fisher
0%
Worst Cooks 18 Dakota Klaes
0%
BBCAN 4, 5 Dallas Cormier
0%
AR 13 Dallas Imbimbo
0%
AI 15 Dalton Rapattoni
0%
The Voice 17 Damali Gutierrez
0%
MC 7 D'Andre Balaoing
0%
Bachelor 1 Daniela
0%
Endurance 4 Daniela Bustamente
0%
The Voice 11 Darby Walker
0%
Endurance 5 Darci Miller
0%
Worst Cooks 20 Darian Barnes
0%
EOTB 2 Darian Vandermark
0%
AR 28 Darius Benson
0%
Bachelorette 14 Darius Feaster
0%
The Voice 9 Darius Scott
0%
Bachelor 4 Darla
0%
CA 3 Darryl Strawberry
0%
CA 5 Dayana Mendoza
0%
Bachelor 24 Deandra Kanu
0%
AI 11 DeAndre Brackensick
0%
The Voice 15 DeAndre Nico
0%
AR 32 DeAngelo Williams
0%
MC 10 Deanna Colon
0%
The Voice 8 Deanna Johnson
0%
Bachelor 11; Bachelorette 4 | Bachelorette 4; Bachelor 11 DeAnna Pappas
0%
The Voice 3 De'Borah
0%
AR 4 Debra Carmody
0%
AR 2 Deidre Washington
0%
The Voice 6 Deja Hall
0%
The Voice 6 Delvin Choice
0%
BIP 4; Bachelorette 13 | Bachelorette 13 DeMario Jackson
0%
Bachelorette 16 Demar Jackson
0%
BBCAN 5 Demetres Giannitsos
0%
AR 8 Denny Rogers
0%
Bachelor 5 DeShaun Warner
0%
The Voice 19 DeSz
0%
AI 13 | The Voice 16 Dexter Roberts
0%
MC 7 Diamond Alexander
0%
Love Is Blind 1 Diamond Jack
0%
AYTO 6; EOTB 2 | EOTB 2; AYTO 6 Diandra Delgado
0%
AI 9 Didi Benami
0%
The Voice 3 Diego Val
0%
BIP 4, 5; Bachelorette 13 | Bachelorette 13; BIP 4, 5 Diggy Moreland
0%
AI 17 Dimitrius Graham
0%
AYTO 6 Dimitri Valentin
0%
MC 8 Dino Luciano
0%
Bachelorette 9 Diogo Custodio
0%
RW 31 Dione Mariani
0%
CA 4 Dionne Warwick
0%
Worst Cooks 20 Dolores Aguilar-Fernandez
0%
Bachelor 5 Dolores Farburg
0%
Worst Cooks 20; 22 Domaine Javier
0%
EOTB UK 9 Dominika Wrobel
0%
Bachelorette 4 Donato Capodanno
0%
RW 33 Dondre Randolph
0%
RR 12 Donell Langham
0%
MCJR 5 Donovan Millstein
0%
MC 10 Dorian Hunter
0%
Worst Cooks 3 Dorothy Strouhal
0%
Bachelorette 8 Doug Clerget
0%
AR 2 Doyin Richards
0%
Bachelorette 1 Duane
0%
AR 10 Duke Marcoccio
0%
Bachelorette 16 Eazy Nwachukwu
0%
MC 8 Eboni Henry
0%
RR 2 Effie Perez
0%
AI 1 Ejay Day
0%
AR 27 E-Knock Phillips
0%
The Four 1 Elanese Lansen
0%
Geordie Shore 14, 15 Elettra Lamborghini
0%
Bachelorette 2 Eliot
0%
Bachelor 18; BIP 1 Elise Mosca
0%
RW 6; Challenge 5, 7 Elka Walker
0%
BP 2; Bachelor 14 | Bachelor 14; BP 2 Ella Nolan
0%
RR 10; Challenge 6 Ellen Cho
0%
Worst Cooks 7 Ellen Cleghorne
0%
Bachelor 9 Ellen DeMaio
0%
AI 5 Elliott Yamin
0%
AR 20 Elliot Weber
0%
LI UK 3 Ellisha-Jade White
0%
Glee Project 1 Ellis Wylie
0%
HK 1 Elsie Ramos
0%
Bachelor 25 Emani Curl
0%
EOTB 4 E'Mari Stevenson
0%
Hunted 1 English King
0%
Great British Baking Show 5 Enwezor Nzegwu
0%
AR 23 Ephraim Salaam
0%
Worst Cooks 8 Ernie Adkins
0%
AR 19 Ernie Halvorsen
0%
AR 10 Erwin Cho
0%
The Voice 13 Esera Tuaolo
0%
Temptation Island 2 Esonica Veira
0%
BBCAN 7 Estefania Hoyos
0%
Bachelor 4 Estella Gardinier
0%
Challenge 34 Esther Falana
0%
MC 2 EstHer Kang
0%
AR 32 Eswar Dhinakaran
0%
Bachelor 24 Eunice Cho
0%
MCJR 7 Evie
0%
The Four 1 Evvie McKinney
0%
Bachelorette 3 Fabrice Le Parc
0%
AI 3 Fantasia Barrino
0%
EOTB UK 1 Farah Gillard
0%
MC 9 Farhan Momin
0%
EOTB 2; Teen Mom Farrah Abraham
0%
MC 1 Faruq Jenkins
0%
Bachelor 2 Fatima Rivas
0%
EOTB UK 7 Fatima Rull
0%
The Voice 12 Felicia Temple
0%
RW 5; Challenge 5 Flora Alekseyeun
0%
Bachelor 5 Francine Jones
0%
The Voice 1 Frenchie Davis
0%
The Voice 15 Funsho
0%
Bachelorette 16 Garin Flowers
0%
AYTO 2 Garland Brown
0%
EOTB UK 2, 5; Geordie Shore 1-15; HK AUS 1 | Geordie Shore 1-15; HK AUS 1; EOTB UK 2 Gaz Beadle
0%
AYTO 6; EOTB 3 | EOTB 3; AYTO 6 Geles Rodriguez
0%
RW 6; Challenge 6, 9 Genesis Moss
0%
Worst Cooks 6 Genique Freeman
0%
CA 7 Geraldo Rivera
0%
MC 9 Gerron Hurt
0%
AYTO 5 Gianna Hammer
0%
AI 15 Gianna Isabella
0%
Love Is Blind 1 Giannina Gibelli
0%
CA 7 Gilbert Gottfried
0%
EOTB UK 8 Gino Antonio
0%
HK 5, 17 Giovanni Filippone
0%
AYTO 4 Giovanni Rivera
0%
MC 2 Giuseppe Morisco
0%
HK 18 Gizzy Barton
0%
RR 7; Challenge 6 Gladys Sanabria
0%
Worst Cooks 8 Glenda Galeano
0%
AR 10 Godwin Cho
0%
American Grit 1 Goldie Chandler
0%
MCJR 5 Gonzalo Ingram
0%
MCJR 6 Gracie Howard
0%
BIP 1; Bachelorette 4; BP 2 | BP 2; Bachelorette 4; BIP 1 | Bachelorette 4; BP 2; BIP 1 Graham Bunn
0%
EOTB UK 3 Graham Griffiths
0%
The Voice 5 Grey
0%
BP 1; Bachelor 2 | Bachelor 2; BP 1 Gwen Gioia
0%
The Voice 16 Gyth Rigdon
0%
AR 28 Hagan Parkman
0%
Worst Cooks 1 Hamed Hamd
0%
BBCAN 6 Hamza Hatoum
0%
PH 3 Hans Wiener
0%
LI UK 3 Harley Judge
0%
AR 26 Harley Rodriguez
0%
EOTB UK 6 Harriette Harper
0%
American Grit 1 Haze Hazlett
0%
Worst Cooks 12 Hazell Mckenzie
0%
AI 11 Heejun Han
0%
Bachelor 2 Helene Eksterowicz
0%
The Voice 17 Hello Sunday
0%
AR 12 Hendekea Azene
0%
AR 6 Hera McLeod
0%
American Grit 2 Herman Brar
0%
CA 2 Herschel Walker
0%
MC 6 Hetal Vasavada
0%
Bachelor 11 Hillary Reisinger
0%
AR 2 Hillary Washington
0%
Hunted 1 Hilmar Skagfield
0%
BBCAN 8 Hira Deol
0%
Worst Cooks 8 Holgie Forrester
0%
AR 23 Hoskote Venkatesh
0%
Bachelor 25 Illeana Penetto
0%
Karma 1 Illya Mehrzai
0%
Hunted 1 Immad Ahmed
0%
RW 12; Challenge 7 Irulan Wilson
0%
EOTB UK 11 Itay Ohayon
0%
The Voice 9 Ivonne Acero
0%
RR 14 Ivory Martinez
0%
MCJR 7 Jaala Smith
0%
RW4 Jacinda Barrett
0%
BIP 5; Bachelor 22 Jacqueline Trumbull
0%
RW 14; Challenge 9 Jacquese Smith
0%
AYTO 1 Jacy Rodriquez
0%
AYTO 6 Jada Allen
0%
MCJR 4 Jaeclyn Clark
0%
Worst Cooks 7 Jaleel White
0%
BBCAN 8 Jamar Lee
0%
The Voice 2 Jamar Rogers
0%
AR 22 Jamil Abdur-Rahman
0%
Worst Cooks 14 Janese Henry
0%
American Grit 2 Janessa Morgan
0%
The Voice 13 Janice Freeman
0%
AR 4 Jaree Poteet
0%
Temptation Island 1 Javen Butler
0%
The Voice 1 Javier Colon
0%
LI UK 2 Javi Shephard
0%
MCJR 7 Jayden Ingalls
0%
EOTB UK 3 Jayden Robins
0%
AYTO 5 Jaylan Adlam
0%
The Voice 12 JChosen
0%
Bachelor 10 Jeanette Alvarez
0%
Bachelor 9 Jeanette Pawula
0%
Bachelor 5 Jean-Marie Callahan
0%
Bachelorette 8 Jean-Paul LaCount
0%
Bachelorette 13 Jedidiah Ballard
0%
Worst Cooks 18; 22 Jefferson Goldie
0%
HK 1 Jeffery Dewberry
0%
The Voice 16 Jej Vinson
0%
AR 26 Jelani Roy
0%
EOTB UK 3; CBB UK 20 Jemma Lucy
0%
The Voice 2 Jermaine Paul
0%
The Four 2 JeRonelle McGhee
0%
Bachelor 25 Jessenia Cruz
0%
Worst Cooks 10 Jetta Linda Ostrofsky
0%
MCJR 1 Jewels Gold
0%
Worst Cooks 20 Jewels McIlroy
0%
MCJR 3 Jianna Garcia
0%
AR 27 Jin Lao Greer
0%
Bachelorette 3 John Paul Merritt
0%
Worst Cooks 18 Jolynn Singh
0%
AR 9 Joni Glaze
0%
The Voice 2 Jordis Unga
0%
AI 8 Jorge Nunez
0%
The Voice 3 Joselyn Rivera
0%
Bachelor 21 Josephine Tutman
0%
Worst Cooks 2 Joshie Berger
0%
Bachelorette 13; BWG Josiah Graham
0%
The Voice 4 Josiah Hawley
0%
EOTB UK 9 Josiah Miller
0%
AR 28 Joslyn Davis
0%
AI 18 Jovin Webb
0%
BIP 3, 5; Bachelor 20 | Bachelor 20; BIP 3, 5 Jubilee Sharpe
0%
The Voice 4 Judith Hill
0%
MCJR 6 Juelz Bugg
0%
The Voice 2 Juliet Simms
0%
The Voice 3 Julio Cesar Castillo
0%
MC 9 Juni Cuevas
0%
AI 16 Jurnee
0%
MCJR 5 Justise Mayberry
0%
Worst Cooks 7; Jersey Shore Jwoww Farley
0%
MCJR 4 Kade Dugas
0%
LI UK 2 Kady McDermott
0%
BBCAN 6 Kaela Grant
0%
RW 8 Kaia Beck
0%
BBCAN 7 Kailyn Archer
0%
Bachelorette 8; BP 3; BIP 1 Kalon McHahon
0%
BIP 1; Bachelorette 8; BP 3 | BP 3; Bachelorette 8; BIP 1 Kalon McMahon
0%
The Voice 16 Kalvin Jarvis
0%
Challenge 4; RW 6 | RW 6; Challenge 4 Kameelah Phillips
0%
AR 5 Kami French
0%
MCJR 4 Kamilly Serrano
0%
BIP 5; Bachelorette 14 | Bachelorette 14; BIP 5 Kamil Nicalek
0%
HK 18 Kanae Houston
0%
AYTO 6 Kareem Fathalla
0%
Endurance 3 Kareem Nugent
0%
EOTB 2 Kareem Peterson
0%
The Voice 4 Karina Iglesias
0%
The Voice 2 Karla Davis
0%
AR 10 Karlyn Harris
0%
Worst Cooks 17 Karma Ann moody
0%
RW 32 Kassius Bass
0%
The Voice 10 Kata Hay
0%
AR 30 Kayla Fitzgerald
0%
Worst Cooks 10 Kayla Kurtz
0%
Worst Cooks 17 Kayla Longstreth
0%
AYTO 1 Kayla Lusby
0%
MCJR 3 Kayla Mitchell
0%
AR 19 Kaylani Pallotta
0%
AYTO 7 Kayla Umagat
0%
MCJR 1 Kaylen Alfred
0%
AYTO 4 Kaylen Zahara
0%
AR 32 Kaylynn Williams
0%
Worst Cooks 12 Kayrene Curtis
0%
Endurance 2 Keetin Marchi
0%
Challenge 2; RR 6 Kefla Hare
0%
Bachelor 4 Kelly Jo
0%
Bachelor 15 Keltie Busch
0%
THTH 1 Kelz Dyke
0%
AR 8 Kenneth Black
0%
CA 7 | Worst Cooks 9 Kenya Moore
0%
AYTO 7; EOTB 3 | EOTB 3; AYTO 7 Kenya Scott
0%
Bachelor 17 Keriann Miranda
0%
MC 10 Keturah King
0%
AYTO 6 Keyana Land
0%
Bachelor 24 Kiarra Norman
0%
BBCAN 9 Kiefer Collison
0%
EOTB UK 4; BB UK 18 Kieran Lee
0%
BBCAN 7 Kiera Wallace
0%
AYTO 3 Kiki Cooper
0%
Challenge 9, 11, 13; RR 13 | RR 13, 14; Challenge 9, 11, 13 Kina Dean
0%
BP 1; Bachelorette 5 | Bachelorette 5; BP 1 Kiptyn Locke
0%
MC 5 Kira Novak
0%
Bachelor 3 Kirestin
0%
BIP 2; Bachelorette 6; BP 2 | BP 2; Bachelorette 6 | Bachelorette 6; BP 2; BIP 2 Kirk DeWindt
0%
The Voice 15 Kirk Jay
0%
Floribama Shore Kirk Medas
0%
EOTB UK 3 Kirk Norcross
0%
Bachelor 23 Kirpa Sudick
0%
Bachelor 14 Kirsten Pittman
0%
RR 1 Kit Hoover
0%
Bachelor 25 Kit Keenan
0%
American Grit 1 KJoy Lipson
0%
AI 12 Kree Harrison
0%
BP 1; Bachelor 7 | Bachelor 7 Krisily Kennedy
0%
Bachelor 17 Kristy Kaminski
0%
Bachelor 11; Labor of Love 1 Kristy Katzmann
0%
Bachelor 5 Kristy Romero
0%
HK 9 Krupa Patel
0%
Bachelorette 11 Kupah James
0%
AYTO 7 Kwasi Opoku
0%
MCJR 4 Kya Lau
0%
Bachelor 2 Kyla Dickerson
0%
The Voice 14 Kyla Jade
0%
MCJR 3 Kyler Bock
0%
BBCAN 7 Kyra Shenker
0%
EOTB 4; Glam Masters La Demi Martinez
0%
CA 8 Laila Ali
0%
The Voice 10 Laith Al-Saadi
0%
Worst Cooks 17 Laith Wallschleger
0%
AR 9 Lake Garner
0%
AI 6 LaKisha Ann Jones
0%
RR 14 LaMonte Ponder
0%
Bachelor 4 Lanah
0%
Endurance 1 Lana Neiman
0%
Bachelor 1 LaNease Adams
0%
Bachelorette 2 Lanny Lawrence
0%
AI 15 La'Porsha Renae
0%
RW4 Lars Schlichting
0%
EOTB UK 11; BB UK 17 Lateysha Grace
0%
AR 19 Laurence Sunderland
0%
AR 32 LaVonne Idlette
0%
Worst Cooks 8 Lawrence Crawford
0%
Endurance 1 Layla Brisco
0%
AYTO 2 Layton Jones
0%
AI 12 Lazaro Arbos
0%
Bachelor 20 LB Barr
0%
The Voice 16 LB Crew
0%
CA 7 Leeza Gibbons
0%
CA 1 Lennox Lewis
0%
Bachelor 4 Leona
0%
EOTB UK 7 Leonie McSorley
0%
Bachelorette 8 Lerone Anu
0%
Worst Cooks 10 Lester Turchin
0%
MCJR 2 Levi Eirinberg
0%
AR 21 Lexi Beerman
0%
Bachelor 24 Lexi Buchanan
0%
The Voice 8 Lexi Davila
0%
EOTB 3; Instafamous Lexi Kaplan
0%
EOTB 1 Lexi Marsalla
0%
LI UK 2 Liana Isadora Van Riel
0%
Bachelor 2 Liangy Fernandez
0%
MCJR 5 Lila Deluca
0%
EOTB UK 5 Lillie Lexie Gregg
0%
The Voice 12 Lilli Passero
0%
Endurance 5 Lilly Brown
0%
The Voice 1 Lily Elise
0%
Worst Cooks 12 Lily Frey
0%
Glee Project 2 Lily Mae Harrington
0%
Worst Cooks 2 Lina Yu
0%
Bachelorette 14 Lincoln Adim
0%
Endurance 3 Lindi Oest
0%
Tough As Nails 1 Linnett Key
0%
MC 7 Lisa-Ann Marchesi
0%
AR 29 Logan Bauer
0%
AR 27 Logan Fazio
0%
MCJR 2 Logan Guelff
0%
AR 29 London Kaye
0%
Worst Cooks 9 Loni Love
0%
EOTB UK 11 Lorena Medina
0%
AR 12 Lorena Segura
0%
Bachelor 9 Lorenzo Borghese
0%
CA 7 Lorenzo Lamas
0%
EOTB UK 8 Lorna Boswell
0%
EOTB UK 11; BB UK 18 Lotan Carter
0%
Worst Cooks 20 Louisa Sharamatyan
0%
HK 4 Louross Edralin
0%
BBCAN 4 Loveita Adams
0%
The Voice 8 Lowell Oakley
0%
LI UK 1 Luis Morrison
0%
Worst Cooks 18; 22 Lulu Boykin
0%
AR 26 Lyda Grawn
0%
The Voice 15 Lynnea Moorer
0%
The Voice 16 Maelyn Jarmon
0%
EOTB 4 Magdalena Ruiz
0%
EOTB UK 6 Maisie Gillespie
0%
The Four 2 Majeste Pearson
0%
AI 13 Majesty Rose
0%
BBCAN 7 Maki Moto
0%
AI 18 Malaya Phillips
0%
AI 13 Malaya Watson
0%
LI UK 2 Malia Arkian
0%
MCJR 7 Malia Brauer
0%
RW 10 Malik Cooper
0%
LI UK 2 Malin Andersson
0%
AI 5 Mandisa
0%
Bachelor 22 Maquel Cooper
0%
EOTB UK 1 Marco Alexandre
0%
EOTB 1 Marco Delvecchio
0%
AR 15 Marcy Maloy
0%
AR 1 Margaretta Groark
0%
Bachelor LTYH Mariana Jasel
0%
AR 12 Marianna Ruiz
0%
Bachelor 22 Marikh Mathias
0%
CA 1, 6 Marilu Henner
0%
LI UK 3 Marino Katsouris
0%
Glee Project 2 Mario Bonds
0%
AR 8 Marion Paolo
0%
American Grit 1 Mario Robinson
0%
CA 4 Marlee Matlin
0%
EOTB UK 8; Geordie Shore 7-16; CBB UK 18 | Geordie Shore 7-16; CBB UK 18; EOTB UK 8 Marnie Simpson
0%
Worst Cooks 1 Marque Hernandez
0%
BIP 1; Bachelorette 10 | Bachelorette 10; BIP 1 Marquel Martin
0%
AR 5 Marshall Hudes
0%
AR 5 Marsha McCoy
0%
Bachelor 12 Marshana Ritchie
0%
Great British Baking Show 5 Martha Collison
0%
Worst Cooks 14 Maryann Rapisarda
0%
The Voice 17 Marybeth Byrd
0%
RR 12 Mary Beth Decker
0%
Endurance 2 Maryelle DeVitto
0%
HK 1 Mary Ellen Daniels
0%
AR 6 Mary Jean St. Claire
0%
Bachelor 25 Marylynn Sienna
0%
MCJR 5 Mashu Nishi
0%
MCJR 7 Mateo
0%
MC 6 Mateo McConnell
0%
The Voice 2 Mathai
0%
Glee Project 1 Matheus Fernandes
0%
Bachelorette 5 Mathue Johnson
0%
Bachelor 11 McCarten Delaney
0%
Worst Cooks 21 McKayla Carter
0%
Glee Project 1 McKynleigh Abraham
0%
CA 4 Meat Loaf
0%
Challenge 36; EOTB 3 | EOTB 3; Challenge 36 Mechie Harris
0%
American Grit 2 Melanie Mahanna
0%
The Voice 3 Melanie Martinez
0%
RW 15 Melanie Silcott
0%
AYTO 3 Melanie Velez
0%
Bachelor 9 Meri Barr
0%
Bachelor 2 Merrilee Donohue
0%
BBCAN 6 Merron Haile
0%
EOTB UK 11 Metisha Schaefer
0%
Bachelorette 9 Micah Heisler
0%
The Voice 18 Micah Iverson
0%
MCJR 3 Micah Sanders
0%
MC 10 Micah Yaroch
0%
Bachelorette 7 Mickey McLean
0%
Worst Cooks 15 Mickey Wentz
0%
MCJR 7 Miguel Jaramillo
0%
AR 15 Mika Combs
0%
MCJR 6 Mikey Di'Tomasso
0%
EOTB UK 8 Mikey Speakman
0%
BIP 2; Bachelorette 9 | Bachelorette 9; BIP 2 Mikey Tenerelli
0%
Bachelorette 13 Milton LaCroix
0%
Worst Cooks 9 Mindy Cohn
0%
BBCAN 8 Minh-Ly Nguyen-Cao
0%
Circle 1 Miranda Bissonnette
0%
AR 20 Misa Tanaka
0%
AI 13 MK Nobilette
0%
AYTO 7 Moe Elkhalil
0%
Bachelorette 13 Mohit Sehgal
0%
AR 22 Mona Hinman-Egender
0%
AR 16 Monique Pryor
0%
Worst Cooks 21 Mo Nooreldin
0%
Bachelorette 16 Montel Hill
0%
HK 9 Monterray Keys
0%
The Voice 13 Moriah Formica
0%
The Voice 10 Moushumi
0%
RR 9 Msaada Nia
0%
Worst Cooks 5 Muneerah Warner
0%
Tough As Nails 1 Murph Murphy
0%
EOTB 2; WHATA Murray Swanby
0%
The Voice 17 Myracle Holloway
0%
CA 1 Nadia Comaneci
0%
The Voice 9 Nadjah Nicole
0%
AI 10 Naima Adedapo
0%
AR 23 Naina Venkatesh
0%
The Voice 1 Nakia
0%
Challenge 36; UBM 1 Nam Vo
0%
AR 20 Nary Ebeid
0%
MCJR 2 Nasir Lomax
0%
The Voice 15 Natasia GreyCloud
0%
MCJR 7 Nayeli Mendoza
0%
CA 4 NeNe Leakes
0%
AR 23 Nicky Getz
0%
CA 4 Niki Taylor
0%
Floribama Shore Nilsa Prowant
0%
Bachelor 12 Noelle Drake
0%
Worst Cooks 13 Nolan Gould
0%
HK 8 Nona Sivley
0%
Great British Baking Show 5 Norman Calder
0%
RW1; Challenge 5, 7 Norman Korpi
0%
Worst Cooks 6 Norman Wilson
0%
AR 2 Norm Davis
0%
AYTO 6; EOTB 6 | EOTB 2; AYTO 6 Nurys Mateo
0%
AYTO 7 Nutsa Sikharulidze
0%
BIP 5; Bachelor 22 | Bachelor 22; BIP 5 Nysha Norris
0%
MC 9 Olusola Ogbomo
0%
MCJR 2 Oona Yaffe
0%
RW 32 Orlana Russell
0%
RR 4 Oscar Hernandez
0%
Worst Cooks 13 Oscar Nunez
0%
The Voice 10 Owen Danoff
0%
AR 22 Pam Chien
0%
RW3 Pam Ling
0%
RR 3 Patrice Bouedibela
0%
The Voice 15 Patrique Fortson
0%
RR 8 Pawel Litwinski
0%
The Voice 10 Paxton Ingram
0%
Bachelor 24 Payton Moran
0%
AR 2 Peggy Kuhn
0%
MCJR 5 Peyton Copeland
0%
BP 1; Bachelor 10 | Bachelor 10; BP 1 Peyton Wright
0%
MCJR 3 Philly Vazzana
0%
Bachelor 25 Pieper James
0%
MCJR 6 Pierce Cleaveland
0%
CA 1 Piers Morgan
0%
Challenge 3, 5; RR 6 | RR 6; Challenge 3, 5 Piggy Thomas
0%
The Voice 2 Pip
0%
LI UK 1 Poppy Farnan
0%
Karma 1 Presley Alexander
0%
The Voice 16 Presley Tennant
0%
AYTO 4 Prosper Muna
0%
The Voice 14 Pryor Baird
0%
RW3; Challenge 6 Puck Rainey
0%
AI 14 Qaasim Middleton
0%
MCJR 6 Quani Fields
0%
AI 14 Quentin Alexander
0%
MCJR 3 Quincy Jamieson
0%
The Voice 12 Quizz Swanigan
0%
The Voice 15 RADHA
0%
The Voice 2 RaeLynn
0%
HK 8 Raj Brandston
0%
AI 7 Ramiele Malubay
0%
The Voice 1 Raquel Castro
0%
RR 11 Raquel Duran
0%
Bachelor 13 Raquel Medeiros
0%
Worst Cooks 4 Rasheeda Brown
0%
AYTO 3 Rashida Beach
0%
BBCAN 4 Raul Manriquez
0%
The Voice 5 Ray Boundreaux
0%
AR 7 Ray Hosteau
0%
The Voice 14 Rayshun LaMarr
0%
AR 9 Ray Whitty
0%
MC 8 Reba Billingsley
0%
The Voice 13 Red Marlow
0%
AR 29 Redmond Ramos
0%
AR 8 Reggie Black
0%
The Four 1 Rell Jerv
0%
MCJR 6 Remy Bond
0%
AYTO 8 Remy Duran
0%
BIP 6; Bachelor 23 | Bachelor 23; BIP 6 Revian Chang
0%
MCJR 7 Rhashad Lawery
0%
EOTB UK 9 Rhianne Saxby
0%
THTH 1 Rhonda Paul
0%
Bachelor 1 Rhonda Rittenhouse
0%
The Voice 18 Roderick Chambers
0%
MCJR 1 Roen Guerin
0%
AR 8 Rolly Weaver
0%
PH 3 Rosanna Cecconi
0%
HK 4 Rosann Fama
0%
Bachelor 9 Rosella Fratto
0%
HK 10 Roshni Gurnani
0%
HK 10 Royce Wagner
0%
BBCAN 6 Rozina Yaqub
0%
Bachelor 14 Rozlyn Papa
0%
AI 2 Ruben Studdard
0%
MCJR 3 Ryan Kate Bradenburg
0%
LI UK 2 Rykard Jenkins
0%
Worst Cooks 17; 22 Sadie Manda
0%
Bachelor 9 Sadie Murray
0%
MCJR 7 Sadie Suskind
0%
The Four 1 Saeed Renaud
0%
AR 10 Sa'eed Rudolph
0%
RW 24 Sahar Dika
0%
Bachelor 25 Saneh Ste. Claire
0%
AI 6 Sanjaya Malakar
0%
The Voice 11 Sa'Rayah
0%
AI 14 Sarina-Joi Crowe
0%
Worst Cooks 3 Sarina Weeraprajuk
0%
The Voice 4 Sasha Allen
0%
MC 4 Sasha Foxx
0%
Bachelorette 5 Sasha Petrovic
0%
EOTB UK 7 Savannah Kemplay
0%
Bachelor LTYH Savannah McKinley
0%
Bachelor 24 Savannah Mullins
0%
MC 4 Savannah Sturges
0%
The Voice 8 Sawyer Fredericks
0%
American Grit 2 Scarlett Angelina
0%
EOTB UK 9 Scarlett Harrison
0%
Endurance 2 Scooter Magruder
0%
Circle 1 Seaburn Williams
0%
Bachelor 22 Seinne Fleming
0%
CA 3 Selita Ebanks
0%
The Voice 16 Selkii
0%
Bachelor 17 Selma Alameri
0%
Hunted 1 Sentra Tran
0%
The Voice 2 Sera Hill
0%
Bachelor 25 Serena Chew
0%
Bachelor 25 Serena Pitt
0%
HK 5 Seth Levine
0%
AR 29 Seth Tyler
0%
The Voice 10 Shalyah Fearing
0%
AR 29 Shamir Arzeno
0%
AYTO 6 Shamoy Persad
0%
AR 12 Shana Wall
0%
MC 9 Shanika Patterson
0%
Glee Project 2 Shanna Henderson
0%
The Voice 14 Sharane Calister
0%
The Four 2 Sharaya J.
0%
Worst Cooks 6 Sharif Dean
0%
MC 10 Shari Mukherjee
0%
Bachelor 18 Sharleen Joynt
0%
MC 1 Sharone Hakman
0%
Worst Cooks 12 Shatima Ruffin
0%
Bachelor 15; 16 Shawntel Newton
0%
HK 4 Shayna Raichilson-Zadok
0%
Bachelor 4 Shea
0%
Endurance 4 Shea Thomas
0%
Bachelor 11 Sheena Stewart
0%
MC 1 Sheena Zadeh
0%
MC 1 Sheetal Bhagat
0%
BBCAN 8 Sheldon Jean
0%
Bachelor 4 Shelly
0%
MC 6 Shelly Flash
0%
Endurance 2 Shep Allen
0%
AR 4 Sheree Buchanan
0%
Bachelor LTYH Sheridan Reed
0%
American Grit 2 Shermon Braithwaite
0%
Bachelor 16 Shira Astrof
0%
AR 2 Shola Richards
0%
BIP 3, 5; Bachelor 20 | Bachelor 20; BIP 3, 5 Shushanna Mkrtychyan
0%
Karma 1 Sienna Coward
0%
CA 7 Sig Hansen
0%
CA 3 Sinbad
0%
The Voice 6 Sisaudra Lewis
0%
Worst Cooks 6 Six Muldoon
0%
MC 9 SJ Yun
0%
AI 11 Skylar Laine
0%
Karma 1 Skyla Sousa
0%
EOTB 1 Skyler Mikkelson
0%
Worst Cooks 12 Skyler Nick
0%
Endurance 1 Skyler Russell
0%
Karma 1 Skylie Thompson
0%
MC 1 Slim Huynh
0%
Bachelor 11 Solisa Shoop
0%
MCJR 5 Solomon Yero
0%
The Voice 8 Sonic
0%
AI 15 Sonika Vaid
0%
The Voice 14 Spensha Baker
0%
Bachelorette 4 Spero Stamboulis
0%
Worst Cooks 15 Sponjetta Parrish
0%
Bachelor 13 Stacia Mann
0%
AI 10 Stefano Langone
0%
Bachelor 11 Stephy Leon
0%
Bachelorette 3 Stu
0%
MC 10 Subha Ramiah
0%
The Voice 11 Sundance Head
0%
Bachelor 21 Susannah Milan
0%
BBCAN 8 Susanne Fuda
0%
Bachelor 2 Suzanne Freeman
0%
AI 7 Syesha Mercado
0%
MCJR 4 Tae-Ho Ahn
0%
Geordie Shore 19-20 Tahlia Chung
0%
BIP 6; Bachelor 23 | Bachelor 23; BIP 6 Tahzjuan Hawkins
0%
AR 3 Talicia Raggs
0%
MC 3 Tali Clavijo
0%
EOTB UK 1 Talitha Minnis
0%
MCJR 7 Talulah
0%
The Voice 5 Tamara Chauniece
0%
The Voice 19 Tamara Jake
0%
Bachelor 12 Tamara Sketz
0%
RW2 Tami Akbar
0%
AI 1 Tamyra Gray
0%
Bachelor 19 Tandra Steiner
0%
Bachelorette 5 Tanner Fanello
0%
The Voice 19 Tanner Gomes
0%
AR 27 Tanner Kloven
0%
Bachelorette 5 Tanner Pope
0%
BIP 2; Bachelorette 11 | Bachelorette 11; BIP 2 Tanner Tolbert
0%
MC 7 Tanorria Askew
0%
BIP 1; Bachelorette 10 | Bachelorette 10; BIP 1 Tasos Hernandez
0%
Bachelor 11 Tauni Nessler
0%
HK 10 Tavon Hubbard
0%
BIP 2; Bachelor 14; BP 1 | BP 1; Bachelor 14 | Bachelor 14; BP 1; BIP 2 Tenley Molzahn
0%
BBCAN 9 Tera Gillen-Petrozzi
0%
AR 13 Terence Gerchberg
0%
CA 7; CvS 2 Terrell Owens
0%
The Voice 14 Terrence Cunningham
0%
The Voice 5 Tessanne Chin
0%
AYTO 7; EOTB 3 | EOTB 3; AYTO 7 Tevin Grant
0%
AI 10 Thia Megia
0%
The Voice 18 Thunderstorm Artis
0%
Hunted 1 Thu Tran
0%
BIP 3; Bachelor 20 | Bachelor 20; BIP 3 Tiara Soleim
0%
Bachelor 17 Tierra LiCausi
0%
CA 2 Tionne Watkins
0%
The Voice 14 Tish Haynes Keys
0%
CA 1 Tito Ortiz
0%
The Voice 18 Toneisha Harris
0%
RW 33 Tovah Marz
0%
AR 3 Tramel Raggs
0%
Worst Cooks 15 Travele Judon
0%
Bachelor 13 Treasure Morgan
0%
EOTB 4 Trenton Clark
0%
AI 2 Trenyce
0%
The Voice 3 Trevin Hunte
0%
AR 8 Tricia Godlewksi
0%
Bachelor 19 Trina Scherenberg
0%
AI 15 Tristan McIntosh
0%
The Voice 12 Tsoul
0%
RW 32 Tyara Hooks
0%
BBCAN 9 Tychon Carter-Newman
0%
The Voice 15 Tyke James
0%
LI UK 3 Tyne-Lexy Clarson
0%
AYTO 5; EOTB 4 | EOTB 4; AYTO 5 Tyranny Todd
0%
Bachelor 14 Valishia Savage
0%
AR 29 Vanck Zhu
0%
Endurance 3 Vanetta Smith
0%
The Voice 4 VEDO
0%
The Voice 1 Vicci Martinez
0%
AR 17 Vicki Casciola
0%
EOTB UK 1, 3; Geordie Shore 1-9; IAC UK 15; IAC AUS 4 | Geordie Shore 1-9; IAC UK 15; IAC AUS 4; EOTB UK 1, 3 Vicky Pattison
0%
BP 2; Bachelor 14 | Bachelor 14; BP 2 Vienna Girardi
0%
RW 30 Violetta Milerman
0%
AR 10 Vipul Patel
0%
MCJR 4 Vivian Stich
0%
CA 7 | Worst Cooks 11; CA 7 Vivica A. Fox
0%
AI 4 Vonzell Solomon
0%
AI 17 Wade Cota
0%
AI 17 Walker Burroughs
0%
AR 8 Wally Bransen
0%
Worst Cooks 21 Watik Aleem
0%
BIP 3; Bachelorette 12; Worst Cooks 19 | Bachelorette 12; BIP 3; Worst Cooks 19 | Worst Cooks 19; Bachelorette 12; BIP 3 Wells Adams
0%
Worst Cooks 1 Wilhelmina Josephine
0%
The Voice 14 WILKES
0%
BIP 5, 6; Bachelorette 14 | Bachelorette 14; BIP 5, 6 Wills Reid
0%
AR 22 Winnie Sung
0%
The Voice 19 Worth The Wait
0%
MC 10 Wuta Onda
0%
AR 22 Wynona McCall
0%
The Voice 1 Xenia
0%
MC 8 Yachecia Holston
0%
Challenge 3, 5, 6, All Stars 1; RR 8 | Challenge All Stars | RR 8; Challenge 3, 5, 6 Yes Duffy
0%
AR 9 Yolanda Brown-Moore
0%
Worst Cooks 20 Yo Phelps
0%
Bachelorette 16 Yosef Aborad
0%
Tough As Nails 1 Young An
0%
EOTB UK 4 Youssef Hassane
0%
LI UK 2 Zara Holland
0%
EOTB UK 6 ZaraLena Jackson
0%
The Voice 15 Zaxai
0%
The Four 1 Zhavia Ward
0%
MCJR 6 Zia Nelson
0%
No matching quizzes found
Score Distribution
Percent of People with Each Score
Percentile by Number Answered
Your Score History
You have not taken this quiz